Toutes les communes des Hauts-de-France sur une carte - Statistiques

Statistiques générales
  • Ce quiz a été pris 3 744 fois
    3 258 depuis la dernière actualisation
  • Le résultat moyen est 146 sur 3782
Réponses sur la Carte
Les réponses sont colorées sur une échelle allant du rouge au vert en fonction du pourcentage des utilisateurs qui les ont devinées à leur premier essai. Vous pouvez retrouver ces pourcentages ci-dessous.
 
Statistiques - réponses
Département Population Commune % Correct
59 - Nord 233 098 Lille
92%
59 - Nord 86 865 Dunkerque
79%
62 - Pas-de-Calais 1 671 Sainte-Marie-Kerque
78%
62 - Pas-de-Calais 67 544 Calais
74%
60 - Oise 399 Amy
71%
59 - Nord 15 522 Sin-le-Noble
68%
59 - Nord 98 089 Roubaix
67%
62 - Pas-de-Calais 32 458 Lens
65%
62 - Pas-de-Calais 42 337 Arras
64%
59 - Nord 97 442 Tourcoing
61%
80 - Somme 134 167 Amiens
60%
60 - Oise 466 Boulogne-la-Grasse
59%
59 - Nord 340 Boulogne-sur-Helpe
59%
62 - Pas-de-Calais 40 588 Boulogne-sur-Mer
59%
59 - Nord 43 405 Valenciennes
59%
60 - Oise 759 Ville
59%
80 - Somme 466 Ville-le-Marclet
59%
02 - Aisne 82 Ville-Savoye
59%
80 - Somme 261 Ville-sur-Ancre
59%
60 - Oise 56 605 Beauvais
52%
62 - Pas-de-Calais 1 686 Écourt-Saint-Quentin
52%
62 - Pas-de-Calais 279 Lattre-Saint-Quentin
52%
02 - Aisne 53 100 Saint-Quentin
51%
60 - Oise 282 Saint-Quentin-des-Prés
51%
59 - Nord 62 727 Villeneuve-d'Ascq
48%
60 - Oise 1 176 Villeneuve-les-Sablons
48%
02 - Aisne 2 549 Villeneuve-Saint-Germain
48%
02 - Aisne 2 780 Villeneuve-sur-Aisne
48%
02 - Aisne 300 Villeneuve-sur-Fère
48%
60 - Oise 652 Villeneuve-sur-Verberie
48%
59 - Nord 39 634 Douai
47%
02 - Aisne 24 091 Laon
47%
62 - Pas-de-Calais 4 226 Le Touquet-Paris-Plage
43%
02 - Aisne 827 Mont-d'Origny
42%
02 - Aisne 737 Mont-Notre-Dame
42%
02 - Aisne 73 Mont-Saint-Jean
42%
02 - Aisne 71 Mont-Saint-Martin
42%
02 - Aisne 692 Mont-Saint-Père
42%
62 - Pas-de-Calais 13 442 Berck
41%
60 - Oise 40 542 Compiègne
41%
02 - Aisne 368 Saint-Paul-aux-Bois
41%
80 - Somme 281 Saint-Quentin-en-Tourmont
40%
80 - Somme 1 275 Saint-Quentin-la-Motte-Croix-au-Bailly
40%
80 - Somme 22 895 Abbeville
38%
60 - Oise 496 Abbeville-Saint-Lucien
38%
62 - Pas-de-Calais 24 983 Béthune
38%
59 - Nord 32 501 Cambrai
37%
02 - Aisne 118 Ly-Fontaine
35%
62 - Pas-de-Calais 14 782 Saint-Omer
35%
62 - Pas-de-Calais 1 109 Saint-Omer-Capelle
35%
60 - Oise 1 240 Saint-Omer-en-Chaussée
35%
59 - Nord 8 627 La Chapelle-d'Armentières
34%
59 - Nord 38 570 Marcq-en-Barœul
34%
59 - Nord 744 Marcq-en-Ostrevent
34%
59 - Nord 29 632 Maubeuge
33%
60 - Oise 35 800 Creil
32%
02 - Aisne 28 888 Soissons
32%
62 - Pas-de-Calais 25 886 Hénin-Beaumont
31%
60 - Oise 1 147 Ver-sur-Launette
30%
59 - Nord 24 778 Armentières
29%
59 - Nord 1 714 Saint-Jans-Cappel
29%
60 - Oise 315 Saint-Jean-aux-Bois
29%
02 - Aisne 335 Saint-Pierre-Aigle
29%
59 - Nord 991 Saint-Pierre-Brouck
29%
60 - Oise 710 Saint-Pierre-es-Champs
29%
60 - Oise 143 Saint-Pierre-lès-Bitry
29%
02 - Aisne 45 Saint-Pierre-lès-Franqueville
29%
62 - Pas-de-Calais 527 Hénin-sur-Cojeul
28%
02 - Aisne 91 La Croix-sur-Ourcq
27%
59 - Nord 6 139 Loon-Plage
27%
60 - Oise 1 562 Saint-Paul
27%
62 - Pas-de-Calais 268 Boiry-Saint-Martin
26%
59 - Nord 22 426 Loos
26%
80 - Somme 561 Mons-Boubert
26%
59 - Nord 21 017 Mons-en-Barœul
26%
02 - Aisne 1 151 Mons-en-Laonnois
26%
59 - Nord 2 126 Mons-en-Pévèle
26%
62 - Pas-de-Calais 401 Beaumerie-Saint-Martin
25%
62 - Pas-de-Calais 445 Cavron-Saint-Martin
25%
59 - Nord 21 087 Croix
25%
59 - Nord 252 Croix-Caluyau
25%
62 - Pas-de-Calais 330 Croix-en-Ternois
25%
02 - Aisne 198 Croix-Fonsomme
25%
62 - Pas-de-Calais 297 Noyelle-Vion
25%
59 - Nord 879 Sainte-Marie-Cappel
25%
62 - Pas-de-Calais 126 Villers-Sir-Simon
25%
62 - Pas-de-Calais 6 904 Loos-en-Gohelle
24%
02 - Aisne 255 Parcy-et-Tigny
24%
02 - Aisne 124 Pont-Arcy
24%
60 - Oise 12 601 Pont-Sainte-Maxence
24%
02 - Aisne 202 Pont-Saint-Mard
24%
60 - Oise 285 Saint-Martin-aux-Bois
24%
62 - Pas-de-Calais 11 165 Saint-Martin-Boulogne
24%
62 - Pas-de-Calais 463 Saint-Martin-Choquel
24%
62 - Pas-de-Calais 275 Saint-Martin-d'Hardinghem
24%
60 - Oise 1 039 Saint-Martin-le-Nœud
24%
62 - Pas-de-Calais 5 970 Saint-Martin-lez-Tatinghem
24%
60 - Oise 1 478 Saint-Martin-Longueau
24%
02 - Aisne 108 Saint-Martin-Rivière
24%
62 - Pas-de-Calais 211 Saint-Martin-sur-Cojeul
24%
59 - Nord 510 Saint-Martin-sur-Écaillon
24%
02 - Aisne 284 Tugny-et-Pont
24%
02 - Aisne 68 Villers-Agron-Aiguizy
24%
62 - Pas-de-Calais 614 Villers-au-Bois
24%
62 - Pas-de-Calais 246 Villers-au-Flos
24%
59 - Nord 643 Villers-au-Tertre
24%
62 - Pas-de-Calais 368 Villers-Brûlin
24%
62 - Pas-de-Calais 130 Villers-Châtel
24%
02 - Aisne 10 392 Villers-Cotterêts
24%
59 - Nord 1 217 Villers-en-Cauchies
24%
59 - Nord 697 Villers-Guislain
24%
02 - Aisne 203 Villers-Hélon
24%
62 - Pas-de-Calais 256 Villers-lès-Cagnicourt
24%
02 - Aisne 161 Villers-lès-Guise
24%
62 - Pas-de-Calais 260 Villers-l'Hôpital
24%
59 - Nord 2 129 Villers-Outréaux
24%
59 - Nord 398 Villers-Plouich
24%
59 - Nord 1 284 Villers-Pol
24%
60 - Oise 472 Villers-Saint-Barthélemy
24%
02 - Aisne 427 Villers-Saint-Christophe
24%
60 - Oise 712 Villers-Saint-Frambourg-Ognon
24%
60 - Oise 395 Villers-Saint-Genest
24%
60 - Oise 6 440 Villers-Saint-Paul
24%
60 - Oise 1 007 Villers-Saint-Sépulcre
24%
59 - Nord 993 Villers-Sire-Nicole
24%
60 - Oise 2 327 Villers-sous-Saint-Leu
24%
60 - Oise 374 Villers-sur-Auchy
24%
60 - Oise 162 Villers-sur-Bonnières
24%
60 - Oise 1 396 Villers-sur-Coudun
24%
02 - Aisne 535 Villers-sur-Fère
24%
60 - Oise 121 Villers-Vermont
24%
60 - Oise 145 Villers-Vicomte
24%
59 - Nord 21 353 Hazebrouck
23%
59 - Nord 3 792 Neuville-Saint-Rémy
23%
60 - Oise 14 891 Senlis
23%
62 - Pas-de-Calais 162 Senlis
23%
80 - Somme 313 Senlis-le-Sec
23%
80 - Somme 139 Villers-aux-Érables
23%
80 - Somme 1 435 Villers-Bocage
23%
80 - Somme 4 637 Villers-Bretonneux
23%
80 - Somme 139 Villers-Campsart
23%
80 - Somme 312 Villers-Carbonnel
23%
80 - Somme 554 Villers-Faucon
23%
80 - Somme 276 Villers-lès-Roye
23%
80 - Somme 181 Villers-sous-Ailly
23%
80 - Somme 469 Villers-sur-Authie
23%
80 - Somme 154 Villers-Tournelle
23%
60 - Oise 11 001 Chantilly
22%
62 - Pas-de-Calais 652 Gouy-Saint-André
22%
62 - Pas-de-Calais 30 102 Liévin
22%
59 - Nord 2 845 Sains-du-Nord
22%
80 - Somme 1 213 Sains-en-Amiénois
22%
62 - Pas-de-Calais 6 035 Sains-en-Gohelle
22%
62 - Pas-de-Calais 155 Sains-lès-Fressin
22%
62 - Pas-de-Calais 327 Sains-lès-Marquion
22%
62 - Pas-de-Calais 306 Sains-lès-Pernes
22%
60 - Oise 277 Sains-Morainvillers
22%
02 - Aisne 1 018 Sains-Richaumont
22%
59 - Nord 20 485 Wasquehal
22%
59 - Nord 40 885 Wattrelos
22%
80 - Somme 244 Bray-lès-Mareuil
21%
02 - Aisne 67 Bray-Saint-Christophe
21%
80 - Somme 1 247 Bray-sur-Somme
21%
62 - Pas-de-Calais 132 Bus
21%
02 - Aisne 15 306 Château-Thierry
21%
59 - Nord 11 132 Gravelines
21%
80 - Somme 618 Long
21%
59 - Nord 16 053 Saint-Amand-les-Eaux
21%
60 - Oise 62 Saint-Valery
21%
80 - Somme 90 Y
21%
80 - Somme 9 814 Albert
20%
62 - Pas-de-Calais 117 Saint-Amand
20%
60 - Oise 516 Saint-André-Farivillers
20%
59 - Nord 12 966 Saint-André-lez-Lille
20%
59 - Nord 3 638 Avesnes-les-Aubert
19%
59 - Nord 1 445 Avesnes-le-Sec
19%
59 - Nord 4 345 Avesnes-sur-Helpe
19%
59 - Nord 3 637 Bergues
19%
59 - Nord 644 La Neuville
19%
02 - Aisne 187 La Neuville-Bosmont
19%
02 - Aisne 188 La Neuville-en-Beine
19%
02 - Aisne 66 La Neuville-Housset
19%
02 - Aisne 382 La Neuville-lès-Dorengt
19%
60 - Oise 543 Les Hauts-Talican
19%
02 - Aisne 1 374 Montreuil-aux-Lions
19%
60 - Oise 483 Montreuil-sur-Brêche
19%
62 - Pas-de-Calais 1 913 Montreuil-sur-Mer
19%
60 - Oise 243 Montreuil-sur-Thérain
19%
62 - Pas-de-Calais 1 594 Neuville-Saint-Vaast
19%
80 - Somme 7 444 Péronne
19%
59 - Nord 913 Péronne-en-Mélantois
19%
80 - Somme 555 Lafresguimont-Saint-Martin
18%
80 - Somme 253 La Neuville-lès-Bray
18%
80 - Somme 311 La Neuville-Sire-Bernard
18%
59 - Nord 8 635 Lesquin
18%
59 - Nord 303 Neuville-en-Avesnois
18%
59 - Nord 10 231 Neuville-en-Ferrain
18%
59 - Nord 2 695 Neuville-sur-Escaut
18%
59 - Nord 12 410 Seclin
18%
62 - Pas-de-Calais 174 Tigny-Noyelle
18%
59 - Nord 15 019 Bailleul
17%
80 - Somme 253 Bailleul
17%
62 - Pas-de-Calais 263 Bailleul-aux-Cornailles
17%
60 - Oise 643 Bailleul-le-Soc
17%
62 - Pas-de-Calais 406 Bailleul-lès-Pernes
17%
62 - Pas-de-Calais 1 428 Bailleul-Sir-Berthoult
17%
60 - Oise 2 247 Bailleul-sur-Thérain
17%
60 - Oise 10 183 Clermont
17%
02 - Aisne 104 Clermont-les-Fermes
17%
59 - Nord 21 968 La Madeleine
17%
59 - Nord 27 415 Lambersart
17%
80 - Somme 149 Neuville-au-Bois
17%
62 - Pas-de-Calais 64 Neuville-au-Cornet
17%
60 - Oise 497 Neuville-Bosc
17%
62 - Pas-de-Calais 168 Neuville-Bourjonval
17%
80 - Somme 509 Neuville-Coppegueule
17%
02 - Aisne 849 Neuville-Saint-Amand
17%
62 - Pas-de-Calais 650 Neuville-sous-Montreuil
17%
02 - Aisne 120 Neuville-sur-Ailette
17%
02 - Aisne 110 Neuville-sur-Margival
17%
62 - Pas-de-Calais 496 Neuville-Vitasse
17%
59 - Nord 864 Noyelles-lès-Seclin
17%
59 - Nord 805 Noyelles-sur-Escaut
17%
59 - Nord 274 Noyelles-sur-Sambre
17%
59 - Nord 701 Noyelles-sur-Selle
17%
80 - Somme 2 435 Saint-Valery-sur-Somme
17%
62 - Pas-de-Calais 2 778 Anzin-Saint-Aubin
16%
59 - Nord 19 933 Denain
16%
59 - Nord 22 777 Grande-Synthe
16%
59 - Nord 18 621 Hem
16%
80 - Somme 379 Hem-Hardinval
16%
59 - Nord 557 Hem-Lenglet
16%
80 - Somme 132 Hem-Monacu
16%
80 - Somme 1 979 Le Crotoy
16%
62 - Pas-de-Calais 6 522 Saint-Laurent-Blangy
16%
02 - Aisne 194 Bois-lès-Pargny
15%
62 - Pas-de-Calais 248 Boisleux-Saint-Marc
15%
59 - Nord 4 507 Bray-Dunes
15%
62 - Pas-de-Calais 21 953 Bruay-la-Buissière
15%
59 - Nord 11 311 Bruay-sur-l'Escaut
15%
59 - Nord 11 714 Fourmies
15%
80 - Somme 4 510 Ham
15%
62 - Pas-de-Calais 947 Ham-en-Artois
15%
02 - Aisne 2 095 Nogent-l'Artaud
15%
60 - Oise 20 298 Nogent-sur-Oise
15%
59 - Nord 8 736 Orchies
15%
02 - Aisne 3 279 Saint-Michel
15%
62 - Pas-de-Calais 122 Saint-Michel-sous-Bois
15%
62 - Pas-de-Calais 854 Saint-Michel-sur-Ternoise
15%
59 - Nord 8 311 Téteghem-Coudekerque-Village
15%
62 - Pas-de-Calais 4 600 Hesdin-la-Forêt
14%
80 - Somme 92 Lachapelle
14%
60 - Oise 1 668 Lachapelle-aux-Pots
14%
60 - Oise 3 140 La Chapelle-en-Serval
14%
60 - Oise 893 Lachapelle-Saint-Pierre
14%
60 - Oise 148 Lachapelle-sous-Gerberoy
14%
59 - Nord 4 902 Le Quesnoy
14%
62 - Pas-de-Calais 340 Le Quesnoy-en-Artois
14%
60 - Oise 13 235 Noyon
14%
80 - Somme 3 115 Rue
14%
62 - Pas-de-Calais 5 094 Saint-Étienne-au-Mont
14%
60 - Oise 302 Saint-Étienne-Roilaye
14%
62 - Pas-de-Calais 4 659 Saint-Nicolas
14%
02 - Aisne 121 Saint-Nicolas-aux-Bois
14%
62 - Pas-de-Calais 6 311 Wimereux
14%
02 - Aisne 180 Beaumont-en-Beine
13%
59 - Nord 445 Beaumont-en-Cambrésis
13%
60 - Oise 872 Beaumont-les-Nonains
13%
62 - Pas-de-Calais 17 667 Carvin
13%
62 - Pas-de-Calais 128 Colline-Beaumont
13%
59 - Nord 20 925 Coudekerque-Branche
13%
62 - Pas-de-Calais 10 813 Étaples
13%
80 - Somme 1 297 Fort-Mahon-Plage
13%
59 - Nord 13 471 Lys-lez-Lannoy
13%
60 - Oise 2 685 Maignelay-Montigny
13%
59 - Nord 12 074 Marly
13%
02 - Aisne 487 Marly-Gomont
13%
80 - Somme 6 051 Montdidier
13%
59 - Nord 19 477 Ronchin
13%
62 - Pas-de-Calais 4 870 Saint-Pol-sur-Ternoise
13%
59 - Nord 8 767 Aulnoye-Aymeries
12%
59 - Nord 7 280 Aulnoy-lez-Valenciennes
12%
62 - Pas-de-Calais 17 676 Avion
12%
80 - Somme 204 Beaumont-Hamel
12%
02 - Aisne 810 Bourg-et-Comin
12%
02 - Aisne 1 798 Crépy
12%
62 - Pas-de-Calais 153 Crépy
12%
60 - Oise 14 796 Crépy-en-Valois
12%
59 - Nord 1 312 Don
12%
59 - Nord 673 Fontaine-au-Bois
12%
59 - Nord 1 218 Fontaine-au-Pire
12%
60 - Oise 242 Fontaine-Bonneleau
12%
60 - Oise 342 Fontaine-Chaalis
12%
60 - Oise 509 Fontaine-Lavaganne
12%
62 - Pas-de-Calais 106 Fontaine-lès-Boulans
12%
80 - Somme 52 Fontaine-lès-Cappy
12%
02 - Aisne 233 Fontaine-lès-Clercs
12%
62 - Pas-de-Calais 262 Fontaine-lès-Croisilles
12%
80 - Somme 140 Fontaine-le-Sec
12%
62 - Pas-de-Calais 111 Fontaine-lès-Hermans
12%
02 - Aisne 892 Fontaine-lès-Vervins
12%
62 - Pas-de-Calais 97 Fontaine-l'Étalon
12%
02 - Aisne 383 Fontaine-Notre-Dame
12%
59 - Nord 1 776 Fontaine-Notre-Dame
12%
60 - Oise 172 Fontaine-Saint-Lucien
12%
80 - Somme 105 Fontaine-sous-Montdidier
12%
80 - Somme 158 Fontaine-sur-Maye
12%
80 - Somme 518 Fontaine-sur-Somme
12%
02 - Aisne 138 Fontaine-Uterte
12%
59 - Nord 557 Limont-Fontaine
12%
02 - Aisne 302 Montigny-en-Arrouaise
12%
59 - Nord 561 Montigny-en-Cambrésis
12%
62 - Pas-de-Calais 10 086 Montigny-en-Gohelle
12%
59 - Nord 4 791 Montigny-en-Ostrevent
12%
02 - Aisne 269 Montigny-l'Allier
12%
02 - Aisne 136 Montigny-le-Franc
12%
02 - Aisne 702 Montigny-Lengrain
12%
02 - Aisne 53 Montigny-lès-Condé
12%
80 - Somme 98 Montigny-les-Jongleurs
12%
02 - Aisne 69 Montigny-sous-Marle
12%
02 - Aisne 295 Montigny-sur-Crécy
12%
80 - Somme 206 Montigny-sur-l'Hallue
12%
62 - Pas-de-Calais 3 748 Neufchâtel-Hardelot
12%
59 - Nord 13 361 Roncq
12%
59 - Nord 14 736 Wattignies
12%
59 - Nord 242 Wattignies-la-Victoire
12%
62 - Pas-de-Calais 850 Wissant
12%
59 - Nord 13 303 Anzin
11%
59 - Nord 2 278 Cassel
11%
59 - Nord 12 498 Comines
11%
02 - Aisne 691 Condé-en-Brie
11%
80 - Somme 900 Condé-Folie
11%
02 - Aisne 361 Condé-sur-Aisne
11%
59 - Nord 9 586 Condé-sur-l'Escaut
11%
02 - Aisne 310 Condé-sur-Suippe
11%
80 - Somme 148 Hallu
11%
02 - Aisne 8 685 Hirson
11%
62 - Pas-de-Calais 297 Monchy-Cayeux
11%
80 - Somme 5 703 Roye
11%
60 - Oise 463 Roye-sur-Matz
11%
62 - Pas-de-Calais 338 Saint-Georges
11%
59 - Nord 305 Saint-Georges-sur-l'Aa
11%
60 - Oise 483 Saint-Germain-la-Poterie
11%
60 - Oise 6 033 Saint-Just-en-Chaussée
11%
59 - Nord 11 353 Saint-Saulve
11%
59 - Nord 10 857 Wambrechies
11%
62 - Pas-de-Calais 9 610 Aire-sur-la-Lys
10%
62 - Pas-de-Calais 565 Belle-et-Houllefort
10%
59 - Nord 9 961 Bondues
10%
80 - Somme 147 Bus-la-Mésière
10%
80 - Somme 133 Bus-lès-Artois
10%
59 - Nord 149 Capelle
10%
59 - Nord 1 159 Cappelle-Brouck
10%
59 - Nord 2 234 Cappelle-en-Pévèle
10%
59 - Nord 7 909 Cappelle-la-Grande
10%
62 - Pas-de-Calais 335 Erny-Saint-Julien
10%
62 - Pas-de-Calais 357 Estrée-Cauchy
10%
59 - Nord 18 165 Faches-Thumesnil
10%
59 - Nord 565 Forest-en-Cambrésis
10%
59 - Nord 1 467 Forest-sur-Marque
10%
59 - Nord 20 808 Halluin
10%
59 - Nord 14 775 Haubourdin
10%
62 - Pas-de-Calais 1 891 Hesdin-l'Abbé
10%
02 - Aisne 1 772 La Capelle
10%
62 - Pas-de-Calais 1 610 La Capelle-lès-Boulogne
10%
80 - Somme 5 815 Longueau
10%
62 - Pas-de-Calais 184 Nœux-lès-Auxi
10%
62 - Pas-de-Calais 11 638 Nœux-les-Mines
10%
62 - Pas-de-Calais 13 178 Outreau
10%
59 - Nord 509 Saint-Remy-Chaussée
10%
59 - Nord 1 108 Saint-Remy-du-Nord
10%
62 - Pas-de-Calais 365 Sus-Saint-Léger
10%
02 - Aisne 2 600 Vervins
10%
62 - Pas-de-Calais 344 Vieil-Hesdin
10%
02 - Aisne 1 161 Villiers-Saint-Denis
10%
80 - Somme 1 002 Ailly-le-Haut-Clocher
9%
80 - Somme 2 778 Ailly-sur-Noye
9%
80 - Somme 2 914 Ailly-sur-Somme
9%
62 - Pas-de-Calais 734 Aubin-Saint-Vaast
9%
59 - Nord 7 256 Auby
9%
62 - Pas-de-Calais 534 Auchy-au-Bois
9%
60 - Oise 590 Auchy-la-Montagne
9%
62 - Pas-de-Calais 1 544 Auchy-lès-Hesdin
9%
62 - Pas-de-Calais 4 656 Auchy-les-Mines
9%
59 - Nord 1 509 Auchy-lez-Orchies
9%
62 - Pas-de-Calais 55 Avesnes
9%
80 - Somme 64 Avesnes-Chaussoy
9%
62 - Pas-de-Calais 1 820 Avesnes-le-Comte
9%
62 - Pas-de-Calais 167 Avesnes-lès-Bapaume
9%
62 - Pas-de-Calais 3 749 Bapaume
9%
62 - Pas-de-Calais 5 034 Billy-Berclau
9%
62 - Pas-de-Calais 8 185 Billy-Montigny
9%
02 - Aisne 1 146 Billy-sur-Aisne
9%
02 - Aisne 203 Billy-sur-Ourcq
9%
59 - Nord 14 487 Caudry
9%
60 - Oise 10 174 Chambly
9%
02 - Aisne 11 438 Chauny
9%
80 - Somme 5 870 Doullens
9%
59 - Nord 976 Élesmes
9%
02 - Aisne 4 559 Guise
9%
62 - Pas-de-Calais 437 Haute-Avesnes
9%
59 - Nord 1 988 Hélesmes
9%
59 - Nord 6 545 La Bassée
9%
62 - Pas-de-Calais 319 Lagnicourt-Marcel
9%
62 - Pas-de-Calais 10 523 Marck
9%
59 - Nord 1 885 Marquette-en-Ostrevant
9%
59 - Nord 10 354 Marquette-lez-Lille
9%
62 - Pas-de-Calais 3 389 Merlimont
9%
80 - Somme 2 573 Mers-les-Bains
9%
62 - Pas-de-Calais 5 864 Noyelles-Godault
9%
80 - Somme 2 332 Poix-de-Picardie
9%
59 - Nord 2 208 Poix-du-Nord
9%
80 - Somme 1 272 Quend
9%
02 - Aisne 442 Saint-Christophe-à-Berry
9%
62 - Pas-de-Calais 105 Saint-Rémy-au-Bois
9%
02 - Aisne 223 Saint-Rémy-Blanzy
9%
60 - Oise 428 Saint-Remy-en-l'Eau
9%
62 - Pas-de-Calais 4 840 Sangatte
9%
59 - Nord 12 213 Somain
9%
59 - Nord 406 Sommaing
9%
59 - Nord 1 374 Steene
9%
59 - Nord 6 196 Templeuve-en-Pévèle
9%
62 - Pas-de-Calais 4 413 Biache-Saint-Vaast
8%
80 - Somme 122 Cayeux-en-Santerre
8%
80 - Somme 2 411 Cayeux-sur-Mer
8%
80 - Somme 6 276 Corbie
8%
02 - Aisne 329 Crécy-au-Mont
8%
80 - Somme 1 366 Crécy-en-Ponthieu
8%
02 - Aisne 1 499 Crécy-sur-Serre
8%
59 - Nord 257 Eppe-Sauvage
8%
62 - Pas-de-Calais 208 Estrée-Wamin
8%
60 - Oise 438 Fresne-Léguillon
8%
59 - Nord 7 532 Fresnes-sur-Escaut
8%
59 - Nord 862 Hon-Hergies
8%
02 - Aisne 2 845 La Fère
8%
59 - Nord 6 951 Le Cateau-Cambrésis
8%
59 - Nord 642 Le Maisnil
8%
62 - Pas-de-Calais 8 985 Le Portel
8%
62 - Pas-de-Calais 9 866 Lillers
8%
59 - Nord 932 Louvignies-Quesnoy
8%
59 - Nord 1 416 Maroilles
8%
59 - Nord 13 173 Mouvaux
8%
60 - Oise 3 818 Neuilly-en-Thelle
8%
80 - Somme 100 Neuilly-le-Dien
8%
80 - Somme 322 Neuilly-l'Hôpital
8%
02 - Aisne 2 055 Neuilly-Saint-Front
8%
60 - Oise 1 659 Neuilly-sous-Clermont
8%
80 - Somme 242 Noyelles-en-Chaussée
8%
62 - Pas-de-Calais 56 Noyelles-lès-Humières
8%
62 - Pas-de-Calais 2 297 Noyelles-lès-Vermelles
8%
62 - Pas-de-Calais 829 Noyelles-sous-Bellonne
8%
62 - Pas-de-Calais 6 590 Noyelles-sous-Lens
8%
80 - Somme 663 Noyelles-sur-Mer
8%
62 - Pas-de-Calais 301 Sailly-au-Bois
8%
62 - Pas-de-Calais 672 Sailly-en-Ostrevent
8%
80 - Somme 1 024 Sailly-Flibeaucourt
8%
62 - Pas-de-Calais 2 520 Sailly-Labourse
8%
80 - Somme 329 Sailly-Laurette
8%
80 - Somme 350 Sailly-le-Sec
8%
59 - Nord 457 Sailly-lez-Cambrai
8%
59 - Nord 1 926 Sailly-lez-Lannoy
8%
80 - Somme 484 Sailly-Saillisel
8%
62 - Pas-de-Calais 3 900 Sailly-sur-la-Lys
8%
02 - Aisne 283 Saint-Aubin
8%
59 - Nord 359 Saint-Aubin
8%
62 - Pas-de-Calais 270 Saint-Aubin
8%
60 - Oise 1 153 Saint-Aubin-en-Bray
8%
60 - Oise 332 Saint-Aubin-sous-Erquery
8%
80 - Somme 210 Saint-Germain-sur-Bresle
8%
62 - Pas-de-Calais 817 Saint-Hilaire-Cottes
8%
60 - Oise 4 692 Saint-Leu-d'Esserent
8%
60 - Oise 379 Saint-Maur
8%
02 - Aisne 13 504 Tergnier
8%
02 - Aisne 1 604 Vic-sur-Aisne
8%
62 - Pas-de-Calais 4 332 Vimy
8%
62 - Pas-de-Calais 4 732 Vitry-en-Artois
8%
62 - Pas-de-Calais 202 Aix-en-Ergny
7%
59 - Nord 1 275 Aix-en-Pévèle
7%
62 - Pas-de-Calais 3 917 Aix-Noulette
7%
02 - Aisne 101 Armentières-sur-Ourcq
7%
02 - Aisne 209 Bergues-sur-Sambre
7%
62 - Pas-de-Calais 9 164 Beuvry
7%
59 - Nord 2 761 Beuvry-la-Forêt
7%
62 - Pas-de-Calais 12 080 Bully-les-Mines
7%
62 - Pas-de-Calais 217 Capelle-Fermont
7%
62 - Pas-de-Calais 507 Capelle-lès-Hesdin
7%
60 - Oise 3 305 Chaumont-en-Vexin
7%
62 - Pas-de-Calais 2 601 Coquelles
7%
80 - Somme 72 Courcelles-au-Bois
7%
60 - Oise 208 Courcelles-Epayelles
7%
62 - Pas-de-Calais 473 Courcelles-le-Comte
7%
60 - Oise 815 Courcelles-lès-Gisors
7%
62 - Pas-de-Calais 8 166 Courcelles-lès-Lens
7%
80 - Somme 147 Courcelles-sous-Moyencourt
7%
80 - Somme 67 Courcelles-sous-Thoix
7%
02 - Aisne 340 Courcelles-sur-Vesle
7%
62 - Pas-de-Calais 5 094 Cucq
7%
02 - Aisne 155 Cys-la-Commune
7%
02 - Aisne 164 Douchy
7%
62 - Pas-de-Calais 314 Douchy-lès-Ayette
7%
59 - Nord 10 311 Douchy-les-Mines
7%
62 - Pas-de-Calais 290 Estrée
7%
62 - Pas-de-Calais 915 Estrée-Blanche
7%
62 - Pas-de-Calais 222 Flers
7%
80 - Somme 201 Flers
7%
59 - Nord 5 816 Flers-en-Escrebieux
7%
80 - Somme 507 Flers-sur-Noye
7%
59 - Nord 3 334 Fretin
7%
59 - Nord 14 601 Hautmont
7%
59 - Nord 10 229 Jeumont
7%
59 - Nord 1 796 Lannoy
7%
60 - Oise 283 Lannoy-Cuillère
7%
59 - Nord 9 400 Leers
7%
62 - Pas-de-Calais 8 230 Libercourt
7%
59 - Nord 4 061 Maing
7%
02 - Aisne 2 219 Marle
7%
62 - Pas-de-Calais 2 454 Marœuil
7%
62 - Pas-de-Calais 11 374 Méricourt
7%
80 - Somme 102 Méricourt-en-Vimeu
7%
80 - Somme 604 Méricourt-l'Abbé
7%
60 - Oise 14 609 Méru
7%
59 - Nord 9 598 Merville
7%
62 - Pas-de-Calais 526 Monchy-Breton
7%
60 - Oise 172 Monts
7%
62 - Pas-de-Calais 63 Monts-en-Ternois
7%
59 - Nord 7 479 Nieppe
7%
02 - Aisne 165 Oigny-en-Valois
7%
62 - Pas-de-Calais 5 630 Oye-Plage
7%
62 - Pas-de-Calais 754 Pas-en-Artois
7%
59 - Nord 8 413 Pérenchies
7%
59 - Nord 4 780 Phalempin
7%
80 - Somme 286 Port-le-Grand
7%
80 - Somme 535 Quesnoy-le-Montant
7%
80 - Somme 421 Quesnoy-sur-Airaines
7%
59 - Nord 6 814 Quesnoy-sur-Deûle
7%
60 - Oise 327 Reuil-sur-Brêche
7%
59 - Nord 2 792 Sainghin-en-Mélantois
7%
59 - Nord 5 533 Sainghin-en-Weppes
7%
80 - Somme 429 Saint-Christ-Briost
7%
62 - Pas-de-Calais 3 653 Sainte-Catherine
7%
59 - Nord 1 575 Saint-Hilaire-lez-Cambrai
7%
59 - Nord 825 Saint-Hilaire-sur-Helpe
7%
62 - Pas-de-Calais 1 105 Saint-Josse
7%
80 - Somme 1 788 Saint-Ouen
7%
60 - Oise 1 728 Saint-Sauveur
7%
80 - Somme 1 321 Saint-Sauveur
7%
02 - Aisne 74 Saint-Thomas
7%
59 - Nord 598 Sars-et-Rosières
7%
59 - Nord 6 189 Trith-Saint-Léger
7%
60 - Oise 2 072 Trosly-Breuil
7%
59 - Nord 1 357 Vred
7%
59 - Nord 7 723 Wavrin
7%
59 - Nord 1 616 Zuydcoote
7%
62 - Pas-de-Calais 189 Airon-Saint-Vaast
6%
62 - Pas-de-Calais 1 998 Ambleteuse
6%
59 - Nord 10 486 Annœullin
6%
62 - Pas-de-Calais 9 521 Arques
6%
80 - Somme 544 Aubigny
6%
59 - Nord 1 172 Aubigny-au-Bac
6%
02 - Aisne 254 Aubigny-aux-Kaisnes
6%
62 - Pas-de-Calais 1 479 Aubigny-en-Artois
6%
02 - Aisne 102 Aubigny-en-Laonnois
6%
59 - Nord 4 784 Baisieux
6%
59 - Nord 851 Beaucamps-Ligny
6%
59 - Nord 231 Beaurain
6%
59 - Nord 7 171 Bourbourg
6%
02 - Aisne 55 Brie
6%
80 - Somme 324 Brie
6%
59 - Nord 418 Bry
6%
80 - Somme 4 441 Camon
6%
59 - Nord 1 682 Camphin-en-Carembault
6%
59 - Nord 2 493 Camphin-en-Pévèle
6%
02 - Aisne 302 Champs
6%
02 - Aisne 199 Dury
6%
62 - Pas-de-Calais 318 Dury
6%
80 - Somme 1 452 Dury
6%
59 - Nord 613 Englos
6%
02 - Aisne 2 970 Fère-en-Tardenois
6%
80 - Somme 3 249 Flixecourt
6%
80 - Somme 311 Forest-l'Abbaye
6%
80 - Somme 395 Forest-Montiers
6%
62 - Pas-de-Calais 71 Fresnoy
6%
80 - Somme 92 Fresnoy-Andainville
6%
80 - Somme 230 Fresnoy-au-Val
6%
80 - Somme 138 Fresnoy-en-Chaussée
6%
62 - Pas-de-Calais 235 Fresnoy-en-Gohelle
6%
60 - Oise 901 Fresnoy-en-Thelle
6%
60 - Oise 665 Fresnoy-la-Rivière
6%
02 - Aisne 2 946 Fresnoy-le-Grand
6%
60 - Oise 505 Fresnoy-le-Luat
6%
80 - Somme 284 Fresnoy-lès-Roye
6%
60 - Oise 9 023 Gouvieux
6%
59 - Nord 3 378 Houplin-Ancoisne
6%
02 - Aisne 513 La Ferté-Chevresis
6%
02 - Aisne 2 055 La Ferté-Milon
6%
59 - Nord 3 065 Lezennes
6%
62 - Pas-de-Calais 5 072 Marquise
6%
60 - Oise 13 461 Montataire
6%
80 - Somme 2 314 Nesle
6%
02 - Aisne 420 Neufchâtel-sur-Aisne
6%
59 - Nord 1 194 Ohain
6%
60 - Oise 1 839 Pierrefonds
6%
59 - Nord 12 468 Raismes
6%
02 - Aisne 201 Saconin-et-Breuil
6%
80 - Somme 218 Saint-Aubin-Montenoy
6%
80 - Somme 113 Saint-Aubin-Rivière
6%
62 - Pas-de-Calais 495 Saint-Léger
6%
60 - Oise 783 Saint-Léger-aux-Bois
6%
60 - Oise 348 Saint-Léger-en-Bray
6%
60 - Oise 2 872 Saint-Maximin
6%
59 - Nord 871 Saint-Vaast-en-Cambrésis
6%
59 - Nord 636 Saint-Waast
6%
59 - Nord 5 668 Santes
6%
59 - Nord 4 739 Sequedin
6%
02 - Aisne 906 Vaux-Andigny
6%
80 - Somme 424 Vaux-en-Amiénois
6%
02 - Aisne 154 Vaux-en-Vermandois
6%
80 - Somme 82 Vaux-Marquenneville
6%
80 - Somme 295 Vaux-sur-Somme
6%
62 - Pas-de-Calais 2 413 Vendin-lès-Béthune
6%
62 - Pas-de-Calais 8 419 Vendin-le-Vieil
6%
02 - Aisne 172 Viel-Arcy
6%
62 - Pas-de-Calais 1 041 Wailly-Beaucamp
6%
62 - Pas-de-Calais 132 Warlencourt-Eaucourt
6%
02 - Aisne 959 Wassigny
6%
59 - Nord 5 384 Wervicq-Sud
6%
62 - Pas-de-Calais 3 937 Wimille
6%
59 - Nord 5 665 Wormhout
6%
62 - Pas-de-Calais 1 929 Ablain-Saint-Nazaire
5%
62 - Pas-de-Calais 7 981 Achicourt
5%
59 - Nord 3 458 Allennes-les-Marais
5%
59 - Nord 10 146 Aniche
5%
59 - Nord 3 213 Anor
5%
62 - Pas-de-Calais 4 404 Ardres
5%
62 - Pas-de-Calais 10 221 Auchel
5%
62 - Pas-de-Calais 5 428 Audruicq
5%
80 - Somme 1 383 Ault
5%
62 - Pas-de-Calais 311 Azincourt
5%
02 - Aisne 87 Beaumé
5%
80 - Somme 173 Blangy-sous-Poix
5%
62 - Pas-de-Calais 704 Blangy-sur-Ternoise
5%
80 - Somme 629 Blangy-Tronville
5%
02 - Aisne 5 703 Bohain-en-Vermandois
5%
80 - Somme 3 335 Boves
5%
60 - Oise 4 244 Breteuil
5%
80 - Somme 44 Breuil
5%
60 - Oise 2 663 Breuil-le-Sec
5%
60 - Oise 3 099 Breuil-le-Vert
5%
60 - Oise 157 Campagne
5%
62 - Pas-de-Calais 676 Campagne-lès-Boulonnais
5%
62 - Pas-de-Calais 437 Campagne-lès-Guines
5%
62 - Pas-de-Calais 1 945 Campagne-lès-Hesdin
5%
62 - Pas-de-Calais 1 288 Campagne-lès-Wardrecques
5%
59 - Nord 51 Choisies
5%
60 - Oise 3 283 Choisy-au-Bac
5%
60 - Oise 241 Choisy-la-Victoire
5%
60 - Oise 3 519 Crèvecœur-le-Grand
5%
60 - Oise 152 Crèvecœur-le-Petit
5%
59 - Nord 750 Crèvecœur-sur-l'Escaut
5%
59 - Nord 4 908 Cysoing
5%
62 - Pas-de-Calais 5 689 Dainville
5%
62 - Pas-de-Calais 4 861 Desvres
5%
59 - Nord 598 Erquinghem-le-Sec
5%
59 - Nord 5 293 Erquinghem-Lys
5%
59 - Nord 1 106 Estrées
5%
02 - Aisne 444 Flavigny-le-Grand-et-Beaurain
5%
62 - Pas-de-Calais 1 390 Fréthun
5%
02 - Aisne 5 216 Gauchy
5%
02 - Aisne 563 Gouy
5%
62 - Pas-de-Calais 325 Gouy-en-Artois
5%
62 - Pas-de-Calais 132 Gouy-en-Ternois
5%
60 - Oise 26 Gouy-les-Groseillers
5%
62 - Pas-de-Calais 350 Gouy-Servins
5%
62 - Pas-de-Calais 1 392 Gouy-sous-Bellonne
5%
59 - Nord 5 121 Grand-Fort-Philippe
5%
62 - Pas-de-Calais 5 581 Guînes
5%
59 - Nord 4 727 Hallennes-lez-Haubourdin
5%
62 - Pas-de-Calais 12 277 Harnes
5%
59 - Nord 5 071 Lambres-lez-Douai
5%
80 - Somme 132 Lanches-Saint-Hilaire
5%
59 - Nord 4 255 Leffrinckoucke
5%
02 - Aisne 417 Lemé
5%
02 - Aisne 2 531 Le Nouvion-en-Thiérache
5%
59 - Nord 8 329 Linselles
5%
62 - Pas-de-Calais 10 600 Longuenesse
5%
02 - Aisne 138 Lor
5%
59 - Nord 4 587 Marchiennes
5%
80 - Somme 832 Mareuil-Caubert
5%
02 - Aisne 229 Mareuil-en-Dôle
5%
60 - Oise 627 Mareuil-la-Motte
5%
60 - Oise 1 611 Mareuil-sur-Ourcq
5%
60 - Oise 259 Margny-aux-Cerises
5%
60 - Oise 8 521 Margny-lès-Compiègne
5%
60 - Oise 537 Margny-sur-Matz
5%
60 - Oise 1 476 Marseille-en-Beauvaisis
5%
62 - Pas-de-Calais 545 Monchy-au-Bois
5%
60 - Oise 776 Monchy-Humières
5%
80 - Somme 593 Monchy-Lagache
5%
62 - Pas-de-Calais 657 Monchy-le-Preux
5%
60 - Oise 2 197 Monchy-Saint-Éloi
5%
02 - Aisne 983 Moÿ-de-l'Aisne
5%
02 - Aisne 483 Nouvion-et-Catillon
5%
02 - Aisne 1 409 Origny-en-Thiérache
5%
02 - Aisne 1 660 Origny-Sainte-Benoite
5%
60 - Oise 3 337 Orry-la-Ville
5%
59 - Nord 4 882 Petite-Forêt
5%
62 - Pas-de-Calais 4 329 Rang-du-Fliers
5%
02 - Aisne 505 Rouvroy
5%
62 - Pas-de-Calais 8 925 Rouvroy
5%
80 - Somme 213 Rouvroy-en-Santerre
5%
60 - Oise 54 Rouvroy-les-Merles
5%
02 - Aisne 37 Rouvroy-sur-Serre
5%
02 - Aisne 67 Sainte-Geneviève
5%
60 - Oise 3 301 Sainte-Geneviève
5%
80 - Somme 79 Saint-Léger-lès-Authie
5%
80 - Somme 1 840 Saint-Léger-lès-Domart
5%
80 - Somme 77 Saint-Léger-sur-Bresle
5%
60 - Oise 1 032 Saint-Sulpice
5%
60 - Oise 643 Saint-Vaast-de-Longmont
5%
60 - Oise 1 045 Saint-Vaast-lès-Mello
5%
80 - Somme 4 011 Salouël
5%
62 - Pas-de-Calais 4 656 Samer
5%
59 - Nord 1 444 Sars-Poteries
5%
59 - Nord 4 388 Steenvoorde
5%
59 - Nord 3 401 Templemars
5%
60 - Oise 1 201 Tillé
5%
62 - Pas-de-Calais 218 Tilloy-lès-Hermaville
5%
62 - Pas-de-Calais 1 475 Tilloy-lès-Mofflaines
5%
59 - Nord 610 Tilloy-lez-Cambrai
5%
59 - Nord 516 Tilloy-lez-Marchiennes
5%
60 - Oise 3 823 Verberie
5%
80 - Somme 775 Vers-sur-Selle
5%
59 - Nord 5 568 Wallers
5%
59 - Nord 284 Wallers-en-Fagne
5%
60 - Oise 403 Achy
4%
59 - Nord 3 199 Arleux
4%
62 - Pas-de-Calais 886 Arleux-en-Gohelle
4%
62 - Pas-de-Calais 1 058 Athies
4%
80 - Somme 596 Athies
4%
02 - Aisne 2 597 Athies-sous-Laon
4%
59 - Nord 1 655 Aubers
4%
62 - Pas-de-Calais 628 Audresselles
4%
62 - Pas-de-Calais 2 563 Auxi-le-Château
4%
59 - Nord 2 666 Avelin
4%
59 - Nord 5 131 Bauvin
4%
59 - Nord 3 295 Bavay
4%
02 - Aisne 687 Berry-au-Bac
4%
60 - Oise 316 Bitry
4%
62 - Pas-de-Calais 469 Boiry-Becquerelle
4%
62 - Pas-de-Calais 439 Boiry-Notre-Dame
4%
62 - Pas-de-Calais 402 Boiry-Sainte-Rictrude
4%
59 - Nord 4 818 Bousbecque
4%
59 - Nord 765 Bouvines
4%
80 - Somme 123 Bresle
4%
02 - Aisne 854 Buire
4%
62 - Pas-de-Calais 239 Buire-au-Bois
4%
80 - Somme 217 Buire-Courcelles
4%
62 - Pas-de-Calais 759 Buire-le-Sec
4%
80 - Somme 304 Buire-sur-l'Ancre
4%
62 - Pas-de-Calais 5 511 Calonne-Ricouart
4%
62 - Pas-de-Calais 2 707 Camiers
4%
59 - Nord 2 565 Capinghem
4%
59 - Nord 2 991 Chéreng
4%
02 - Aisne 196 Coucy-la-Ville
4%
02 - Aisne 992 Coucy-le-Château-Auffrique
4%
02 - Aisne 627 Coucy-lès-Eppes
4%
62 - Pas-de-Calais 5 451 Coulogne
4%
62 - Pas-de-Calais 10 360 Courrières
4%
60 - Oise 3 954 Coye-la-Forêt
4%
02 - Aisne 2 958 Crouy
4%
60 - Oise 1 106 Crouy-en-Thelle
4%
80 - Somme 351 Crouy-Saint-Pierre
4%
59 - Nord 1 798 Deûlémont
4%
60 - Oise 241 Dompierre
4%
80 - Somme 718 Dompierre-Becquincourt
4%
80 - Somme 427 Dompierre-sur-Authie
4%
59 - Nord 854 Dompierre-sur-Helpe
4%
62 - Pas-de-Calais 5 927 Dourges
4%
62 - Pas-de-Calais 5 733 Douvrin
4%
62 - Pas-de-Calais 2 624 Équihen-Plage
4%
60 - Oise 1 004 Ermenonville
4%
59 - Nord 6 420 Estaires
4%
02 - Aisne 410 Estrées
4%
80 - Somme 344 Estrées-Deniécourt
4%
80 - Somme 391 Estrées-lès-Crécy
4%
80 - Somme 588 Estrées-Mons
4%
60 - Oise 3 749 Estrées-Saint-Denis
4%
80 - Somme 268 Estrées-sur-Noye
4%
80 - Somme 98 Fay
4%
60 - Oise 470 Fay-les-Étangs
4%
59 - Nord 6 854 Feignies
4%
59 - Nord 5 292 Ferrière-la-Grande
4%
59 - Nord 1 064 Ferrière-la-Petite
4%
02 - Aisne 124 Fleury
4%
60 - Oise 560 Fleury
4%
62 - Pas-de-Calais 109 Fleury
4%
80 - Somme 209 Fleury
4%
59 - Nord 1 646 Flines-lès-Mortagne
4%
59 - Nord 5 597 Flines-lez-Raches
4%
60 - Oise 131 Fontenay-Torcy
4%
02 - Aisne 108 Franqueville
4%
80 - Somme 164 Franqueville
4%
02 - Aisne 271 Fresnes-en-Tardenois
4%
62 - Pas-de-Calais 590 Fresnes-lès-Montauban
4%
80 - Somme 157 Fresnes-Mazancourt
4%
02 - Aisne 163 Fresnes-sous-Coucy
4%
80 - Somme 204 Fresnes-Tilloloy
4%
62 - Pas-de-Calais 583 Fressin
4%
80 - Somme 4 492 Friville-Escarbotin
4%
60 - Oise 88 Gerberoy
4%
59 - Nord 4 164 Ghyvelde
4%
62 - Pas-de-Calais 2 003 Givenchy-en-Gohelle
4%
62 - Pas-de-Calais 150 Givenchy-le-Noble
4%
62 - Pas-de-Calais 1 023 Givenchy-lès-la-Bassée
4%
02 - Aisne 281 Grandlup-et-Fay
4%
60 - Oise 2 880 Grandvilliers
4%
62 - Pas-de-Calais 308 Herly
4%
80 - Somme 43 Herly
4%
59 - Nord 7 770 Houplines
4%
59 - Nord 1 635 Illies
4%
62 - Pas-de-Calais 8 683 Isbergues
4%
60 - Oise 2 356 Jaux
4%
80 - Somme 664 La Chaussée-Tirancourt
4%
59 - Nord 5 637 La Gorgue
4%
60 - Oise 8 823 Lamorlaye
4%
80 - Somme 212 Lamotte-Brebière
4%
80 - Somme 348 Lamotte-Buleux
4%
80 - Somme 706 Lamotte-Warfusée
4%
60 - Oise 961 La Neuville-en-Hez
4%
60 - Oise 940 La Neuville-Roy
4%
60 - Oise 156 La Neuville-Saint-Pierre
4%
60 - Oise 321 La Neuville-sur-Oudeuil
4%
60 - Oise 208 La Neuville-sur-Ressons
4%
60 - Oise 199 La Neuville-Vault
4%
02 - Aisne 366 La Vallée-au-Blé
4%
02 - Aisne 138 La Vallée-Mulâtre
4%
62 - Pas-de-Calais 7 236 Leforest
4%
80 - Somme 488 Le Hamel
4%
60 - Oise 6 951 Liancourt
4%
80 - Somme 292 Liancourt-Fosse
4%
60 - Oise 599 Liancourt-Saint-Pierre
4%
62 - Pas-de-Calais 568 Ligny-lès-Aire
4%
62 - Pas-de-Calais 244 Ligny-Saint-Flochel
4%
62 - Pas-de-Calais 187 Ligny-sur-Canche
4%
62 - Pas-de-Calais 521 Ligny-Thilloy
4%
62 - Pas-de-Calais 5 308 Loison-sous-Lens
4%
62 - Pas-de-Calais 278 Loison-sur-Créquoise
4%
59 - Nord 6 405 Louvroil
4%
62 - Pas-de-Calais 3 582 Lumbres
4%
02 - Aisne 148 Maast-et-Violaine
4%
80 - Somme 284 Maison-Ponthieu
4%
80 - Somme 100 Maison-Roland
4%
59 - Nord 3 132 Mérignies
4%
80 - Somme 287 Mesnil-Bruntel
4%
80 - Somme 88 Mesnil-Domqueur
4%
80 - Somme 117 Mesnil-en-Arrouaise
4%
80 - Somme 234 Mesnil-Martinsart
4%
80 - Somme 200 Mesnil-Saint-Georges
4%
02 - Aisne 480 Mesnil-Saint-Laurent
4%
80 - Somme 556 Mesnil-Saint-Nicaise
4%
62 - Pas-de-Calais 615 Metz-en-Couture
4%
62 - Pas-de-Calais 1 016 Mont-Saint-Éloi
4%
80 - Somme 3 996 Moreuil
4%
60 - Oise 205 Moulin-sous-Touvent
4%
02 - Aisne 203 Nanteuil-la-Fosse
4%
60 - Oise 4 249 Nanteuil-le-Haudouin
4%
02 - Aisne 74 Nanteuil-Notre-Dame
4%
80 - Somme 1 231 Nouvion
4%
02 - Aisne 245 Nouvion-le-Comte
4%
02 - Aisne 147 Nouvion-le-Vineux
4%
59 - Nord 8 813 Onnaing
4%
59 - Nord 5 367 Ostricourt
4%
02 - Aisne 374 Pargny-et-Filain
4%
59 - Nord 6 050 Pecquencourt
4%
62 - Pas-de-Calais 1 606 Pernes
4%
62 - Pas-de-Calais 414 Pernes-lès-Boulogne
4%
59 - Nord 4 318 Provin
4%
80 - Somme 3 623 Rivery
4%
62 - Pas-de-Calais 1 125 Rivière
4%
02 - Aisne 49 Saint-Clément
4%
02 - Aisne 134 Sainte-Croix
4%
62 - Pas-de-Calais 3 377 Saint-Léonard
4%
80 - Somme 1 260 Saint-Riquier
4%
02 - Aisne 627 Saint-Simon
4%
80 - Somme 485 Saint-Vaast-en-Chaussée
4%
80 - Somme 2 787 Saleux
4%
62 - Pas-de-Calais 9 575 Sallaumines
4%
59 - Nord 2 956 Salomé
4%
62 - Pas-de-Calais 364 Sauchy-Cauchy
4%
80 - Somme 370 Tilloy-Floriville
4%
80 - Somme 806 Tours-en-Vimeu
4%
59 - Nord 2 475 Verlinghem
4%
60 - Oise 4 677 Verneuil-en-Halatte
4%
02 - Aisne 126 Verneuil-sous-Coucy
4%
02 - Aisne 260 Verneuil-sur-Serre
4%
62 - Pas-de-Calais 2 510 Verton
4%
59 - Nord 10 374 Vieux-Condé
4%
59 - Nord 2 602 Watten
4%
59 - Nord 7 427 Waziers
4%
62 - Pas-de-Calais 8 750 Wingles
4%
59 - Nord 469 Abancourt
3%
60 - Oise 635 Abancourt
3%
02 - Aisne 505 Abbécourt
3%
60 - Oise 797 Abbecourt
3%
59 - Nord 4 376 Abscon
3%
62 - Pas-de-Calais 969 Achiet-le-Grand
3%
62 - Pas-de-Calais 312 Achiet-le-Petit
3%
02 - Aisne 1 019 Acy
3%
60 - Oise 859 Acy-en-Multien
3%
62 - Pas-de-Calais 1 891 Agny
3%
80 - Somme 2 331 Airaines
3%
60 - Oise 1 596 Allonne
3%
02 - Aisne 2 587 Anizy-le-Grand
3%
62 - Pas-de-Calais 5 807 Annezin
3%
59 - Nord 1 511 Anstaing
3%
02 - Aisne 401 Arcy-Sainte-Restitue
3%
59 - Nord 1 594 Arnèke
3%
59 - Nord 2 263 Attiches
3%
60 - Oise 1 894 Attichy
3%
62 - Pas-de-Calais 594 Audinghen
3%
80 - Somme 265 Authie
3%
59 - Nord 2 433 Avesnelles
3%
60 - Oise 629 Bailly
3%
62 - Pas-de-Calais 7 456 Barlin
3%
59 - Nord 1 013 Beaufort
3%
62 - Pas-de-Calais 406 Beaufort-Blavincourt
3%
80 - Somme 191 Beaufort-en-Santerre
3%
60 - Oise 602 Beaulieu-les-Fontaines
3%
80 - Somme 2 007 Beauval
3%
62 - Pas-de-Calais 136 Beauvois
3%
59 - Nord 2 038 Beauvois-en-Cambrésis
3%
02 - Aisne 255 Beauvois-en-Vermandois
3%
02 - Aisne 136 Belleau
3%
02 - Aisne 3 762 Belleu
3%
02 - Aisne 650 Berny-Rivière
3%
59 - Nord 552 Berthen
3%
59 - Nord 751 Béthencourt
3%
59 - Nord 6 821 Beuvrages
3%
62 - Pas-de-Calais 4 926 Blendecques
3%
60 - Oise 985 Boissy-Fresnoy
3%
60 - Oise 1 007 Bonneuil-en-Valois
3%
60 - Oise 796 Bonneuil-les-Eaux
3%
60 - Oise 178 Bonnières
3%
62 - Pas-de-Calais 682 Bonnières
3%
59 - Nord 3 940 Bouchain
3%
62 - Pas-de-Calais 612 Bours
3%
62 - Pas-de-Calais 2 376 Bouvigny-Boyeffles
3%
02 - Aisne 2 232 Braine
3%
62 - Pas-de-Calais 5 128 Brebières
3%
80 - Somme 214 Bussu
3%
80 - Somme 549 Bussus-lès-Yaucourt
3%
60 - Oise 319 Bussy
3%
80 - Somme 408 Bussy-lès-Daours
3%
80 - Somme 94 Bussy-lès-Poix
3%
59 - Nord 2 017 Caëstre
3%
80 - Somme 1 208 Cagny
3%
62 - Pas-de-Calais 1 543 Calonne-sur-la-Lys
3%
80 - Somme 774 Cambron
3%
80 - Somme 548 Cappy
3%
59 - Nord 1 024 Carnin
3%
62 - Pas-de-Calais 2 723 Cauchy-à-la-Tour
3%
02 - Aisne 2 585 Charly-sur-Marne
3%
02 - Aisne 84 Châtillon-lès-Sons
3%
02 - Aisne 124 Châtillon-sur-Oise
3%
62 - Pas-de-Calais 2 482 Condette
3%
80 - Somme 1 815 Conty
3%
60 - Oise 1 067 Coudun
3%
62 - Pas-de-Calais 1 961 Croisilles
3%
59 - Nord 6 421 Cuincy
3%
80 - Somme 773 Daours
3%
59 - Nord 5 362 Dechy
3%
02 - Aisne 822 Dhuys et Morin-en-Brie
3%
80 - Somme 1 059 Domart-en-Ponthieu
3%
80 - Somme 407 Domart-sur-la-Luce
3%
80 - Somme 1 620 Dreuil-lès-Amiens
3%
59 - Nord 1 936 Écaillon
3%
62 - Pas-de-Calais 2 844 Éleu-dit-Leauwette
3%
59 - Nord 3 140 Emmerin
3%
59 - Nord 1 300 Ennetières-en-Weppes
3%
59 - Nord 2 204 Ennevelin
3%
62 - Pas-de-Calais 3 745 Éperlecques
3%
62 - Pas-de-Calais 219 Escalles
3%
59 - Nord 9 645 Escaudain
3%
59 - Nord 2 110 Esquelbecq
3%
62 - Pas-de-Calais 4 662 Évin-Malmaison
3%
60 - Oise 1 377 Feuquières
3%
80 - Somme 2 466 Feuquières-en-Vimeu
3%
62 - Pas-de-Calais 2 779 Fleurbaix
3%
62 - Pas-de-Calais 1 124 Fouquières-lès-Béthune
3%
62 - Pas-de-Calais 6 333 Fouquières-lès-Lens
3%
59 - Nord 2 225 Fournes-en-Weppes
3%
59 - Nord 2 431 Frelinghien
3%
59 - Nord 873 Fressain
3%
62 - Pas-de-Calais 380 Frévin-Capelle
3%
62 - Pas-de-Calais 2 338 Fruges
3%
80 - Somme 2 461 Gamaches
3%
59 - Nord 2 768 Genech
3%
80 - Somme 838 Glisy
3%
59 - Nord 4 045 Gondecourt
3%
59 - Nord 1 288 Gruson
3%
59 - Nord 793 Hamel
3%
59 - Nord 4 128 Hérin
3%
59 - Nord 2 396 Herlies
3%
62 - Pas-de-Calais 209 Hermin
3%
59 - Nord 422 Herrin
3%
62 - Pas-de-Calais 6 196 Hersin-Coupigny
3%
59 - Nord 4 072 Hondschoote
3%
62 - Pas-de-Calais 7 066 Houdain
3%
59 - Nord 881 Houdain-lez-Bavay
3%
60 - Oise 804 Ivry-le-Temple
3%
59 - Nord 1 141 Jenlain
3%
62 - Pas-de-Calais 208 La Cauchie
3%
60 - Oise 529 Lagny
3%
60 - Oise 2 056 Lagny-le-Sec
3%
60 - Oise 4 712 Laigneville
3%
59 - Nord 6 297 Lallaing
3%
59 - Nord 2 094 La Longueville
3%
59 - Nord 2 395 Landas
3%
59 - Nord 3 479 Landrecies
3%
02 - Aisne 241 Laval-en-Laonnois
3%
62 - Pas-de-Calais 4 969 Laventie
3%
80 - Somme 333 Le Boisle
3%
60 - Oise 80 Le Mesnil-Conteville
3%
60 - Oise 2 217 Le Mesnil-en-Thelle
3%
60 - Oise 227 Le Mesnil-Saint-Firmin
3%
60 - Oise 268 Le Mesnil-sur-Bulles
3%
60 - Oise 789 Le Mesnil-Théribus
3%
60 - Oise 3 620 Le Plessis-Belleville
3%
60 - Oise 1 359 Le Plessis-Brion
3%
60 - Oise 99 Le Plessis-Patte-d'Oie
3%
62 - Pas-de-Calais 160 Le Sars
3%
62 - Pas-de-Calais 2 040 Les Attaques
3%
62 - Pas-de-Calais 5 104 Lestrem
3%
59 - Nord 2 445 Leval
3%
59 - Nord 2 427 Lewarde
3%
62 - Pas-de-Calais 1 639 Licques
3%
59 - Nord 1 388 Lieu-Saint-Amand
3%
59 - Nord 1 895 Ligny-en-Cambrésis
3%
59 - Nord 350 Locquignol
3%
59 - Nord 2 264 Lompret
3%
60 - Oise 2 624 Longueil-Annel
3%
60 - Oise 1 923 Longueil-Sainte-Marie
3%
02 - Aisne 122 Magny-la-Fosse
3%
62 - Pas-de-Calais 307 Maninghen-Henne
3%
62 - Pas-de-Calais 5 524 Marles-les-Mines
3%
62 - Pas-de-Calais 313 Marles-sur-Canche
3%
59 - Nord 2 008 Marquillies
3%
62 - Pas-de-Calais 976 Marquion
3%
59 - Nord 4 125 Masny
3%
62 - Pas-de-Calais 8 029 Mazingarbe
3%
60 - Oise 1 756 Milly-sur-Thérain
3%
02 - Aisne 322 Monceau-le-Neuf-et-Faucouzy
3%
02 - Aisne 445 Monceau-lès-Leups
3%
02 - Aisne 223 Monceau-le-Waast
3%
59 - Nord 475 Monceau-Saint-Waast
3%
02 - Aisne 127 Monceau-sur-Oise
3%
59 - Nord 539 Monchaux-sur-Écaillon
3%
59 - Nord 1 583 Moncheaux
3%
62 - Pas-de-Calais 146 Moncheaux-lès-Frévent
3%
80 - Somme 142 Montagne-Fayel
3%
59 - Nord 2 519 Morbecque
3%
59 - Nord 1 609 Mortagne-du-Nord
3%
60 - Oise 5 255 Mouy
3%
62 - Pas-de-Calais 202 Nempont-Saint-Firmin
3%
62 - Pas-de-Calais 592 Nielles-lès-Ardres
3%
62 - Pas-de-Calais 898 Nielles-lès-Bléquin
3%
62 - Pas-de-Calais 286 Nielles-lès-Calais
3%
60 - Oise 2 814 Noailles
3%
59 - Nord 2 544 Nomain
3%
62 - Pas-de-Calais 10 130 Oignies
3%
80 - Somme 209 Oissy
3%
02 - Aisne 476 Oisy
3%
59 - Nord 631 Oisy
3%
62 - Pas-de-Calais 1 175 Oisy-le-Verger
3%
80 - Somme 196 Pargny
3%
02 - Aisne 169 Pargny-la-Dhuys
3%
02 - Aisne 136 Pargny-les-Bois
3%
60 - Oise 1 872 Plailly
3%
60 - Oise 232 Plessis-de-Roye
3%
80 - Somme 2 375 Pont-de-Metz
3%
80 - Somme 1 290 Poulainville
3%
59 - Nord 2 119 Prémesques
3%
59 - Nord 6 355 Quiévrechain
3%
62 - Pas-de-Calais 270 Radinghem
3%
59 - Nord 1 403 Radinghem-en-Weppes
3%
60 - Oise 1 881 Remy
3%
62 - Pas-de-Calais 378 Rémy
3%
02 - Aisne 784 Ressons-le-Long
3%
60 - Oise 1 692 Ressons-sur-Matz
3%
60 - Oise 644 Rethondes
3%
80 - Somme 231 Ribeaucourt
3%
60 - Oise 3 724 Ribécourt-Dreslincourt
3%
59 - Nord 373 Ribécourt-la-Tour
3%
02 - Aisne 1 914 Ribemont
3%
80 - Somme 633 Ribemont-sur-Ancre
3%
60 - Oise 1 556 Rieux
3%
59 - Nord 1 429 Rieux-en-Cambrésis
3%
59 - Nord 3 817 Rœulx
3%
59 - Nord 6 089 Roost-Warendin
3%
59 - Nord 459 Ruesnes
3%
60 - Oise 626 Saint-Félix
3%
80 - Somme 1 355 Saint-Fuscien
3%
02 - Aisne 2 304 Saint-Gobain
3%
02 - Aisne 115 Saint-Mard
3%
80 - Somme 156 Saint-Mard
3%
59 - Nord 1 170 Saint-Sylvestre-Cappel
3%
62 - Pas-de-Calais 77 Sars-le-Bois
3%
02 - Aisne 2 062 Sissonne
3%
59 - Nord 4 290 Solesmes
3%
59 - Nord 3 669 Steenwerck
3%
62 - Pas-de-Calais 1 101 Thérouanne
3%
60 - Oise 4 531 Thourotte
3%
59 - Nord 3 893 Thumeries
3%
62 - Pas-de-Calais 172 Torcy
3%
02 - Aisne 70 Torcy-en-Valois
3%
59 - Nord 3 909 Toufflers
3%
59 - Nord 2 798 Trélon
3%
60 - Oise 1 934 Trie-Château
3%
60 - Oise 307 Trie-la-Ville
3%
59 - Nord 1 422 Uxem
3%
62 - Pas-de-Calais 90 Vaulx
3%
59 - Nord 1 584 Vendeville
3%
60 - Oise 2 876 Venette
3%
02 - Aisne 1 101 Vermand
3%
62 - Pas-de-Calais 4 767 Vermelles
3%
62 - Pas-de-Calais 1 440 Vieille-Église
3%
59 - Nord 2 503 Vieux-Berquin
3%
02 - Aisne 111 Vincy-Reuil-et-Magny
3%
02 - Aisne 1 688 Viry-Noureuil
3%
59 - Nord 2 621 Wahagnies
3%
62 - Pas-de-Calais 257 Wail
3%
59 - Nord 239 Warneton
3%
59 - Nord 599 Wasnes-au-Bac
3%
59 - Nord 2 999 Willems
3%
62 - Pas-de-Calais 1 788 Zutkerque
3%
02 - Aisne 602 Achery
2%
80 - Somme 573 Acheux-en-Amiénois
2%
80 - Somme 502 Acheux-en-Vimeu
2%
62 - Pas-de-Calais 805 Acq
2%
60 - Oise 3 047 Agnetz
2%
02 - Aisne 185 Agnicourt-et-Séchelles
2%
02 - Aisne 382 Aguilcourt
2%
02 - Aisne 531 Alaincourt
2%
80 - Somme 774 Allonville
2%
02 - Aisne 1 159 Ambleny
2%
62 - Pas-de-Calais 1 552 Andres
2%
62 - Pas-de-Calais 4 777 Angres
2%
62 - Pas-de-Calais 4 477 Annay
2%
02 - Aisne 359 Annois
2%
02 - Aisne 455 Any-Martin-Rieux
2%
60 - Oise 654 Apremont
2%
59 - Nord 2 240 Armbouts-Cappel
2%
80 - Somme 828 Arrest
2%
80 - Somme 220 Arry
2%
62 - Pas-de-Calais 811 Attin
2%
59 - Nord 541 Aubencheul-au-Bac
2%
02 - Aisne 254 Aubencheul-aux-Bois
2%
02 - Aisne 659 Aubenton
2%
59 - Nord 4 533 Auberchicourt
2%
59 - Nord 1 706 Aubry-du-Hainaut
2%
02 - Aisne 283 Audigny
2%
02 - Aisne 1 380 Aulnois-sous-Laon
2%
80 - Somme 147 Aumont
2%
60 - Oise 464 Aumont-en-Halatte
2%
60 - Oise 2 864 Auneuil
2%
60 - Oise 544 Auteuil
2%
60 - Oise 1 153 Avrechy
2%
02 - Aisne 379 Azy-sur-Marne
2%
59 - Nord 1 747 Bachy
2%
02 - Aisne 64 Bagneux
2%
62 - Pas-de-Calais 1 296 Baincthun
2%
02 - Aisne 557 Barenton-Bugny
2%
02 - Aisne 108 Barenton-Cel
2%
02 - Aisne 131 Barenton-sur-Serre
2%
60 - Oise 764 Baron
2%
59 - Nord 983 Bavinchove
2%
02 - Aisne 532 Bazoches-et-Saint-Thibaut
2%
80 - Somme 220 Beaumetz
2%
62 - Pas-de-Calais 241 Beaumetz-lès-Aire
2%
62 - Pas-de-Calais 559 Beaumetz-lès-Cambrai
2%
62 - Pas-de-Calais 999 Beaumetz-lès-Loges
2%
62 - Pas-de-Calais 5 509 Beaurains
2%
60 - Oise 338 Beaurains-lès-Noyon
2%
62 - Pas-de-Calais 2 071 Beaurainville
2%
60 - Oise 66 Beaurepaire
2%
59 - Nord 263 Beaurepaire-sur-Sambre
2%
02 - Aisne 851 Beaurieux
2%
59 - Nord 165 Beaurieux
2%
02 - Aisne 2 718 Beautor
2%
59 - Nord 1 252 Bellaing
2%
02 - Aisne 379 Bellenglise
2%
62 - Pas-de-Calais 206 Bellonne
2%
60 - Oise 89 Belloy
2%
80 - Somme 148 Belloy-en-Santerre
2%
80 - Somme 89 Belloy-Saint-Léonard
2%
80 - Somme 735 Belloy-sur-Somme
2%
59 - Nord 3 155 Berlaimont
2%
80 - Somme 1 054 Bernaville
2%
80 - Somme 263 Berneuil
2%
60 - Oise 782 Berneuil-en-Bray
2%
60 - Oise 1 001 Berneuil-sur-Aisne
2%
80 - Somme 151 Berny-en-Santerre
2%
59 - Nord 2 246 Bersée
2%
80 - Somme 927 Béthencourt-sur-Mer
2%
80 - Somme 128 Béthencourt-sur-Somme
2%
60 - Oise 1 020 Béthisy-Saint-Martin
2%
60 - Oise 3 063 Béthisy-Saint-Pierre
2%
60 - Oise 1 140 Betz
2%
02 - Aisne 255 Bézu-le-Guéry
2%
02 - Aisne 1 003 Bézu-Saint-Germain
2%
60 - Oise 448 Bienville
2%
59 - Nord 1 819 Bierne
2%
02 - Aisne 94 Blanzy-lès-Fismes
2%
59 - Nord 2 064 Blaringhem
2%
02 - Aisne 1 306 Blérancourt
2%
59 - Nord 2 179 Boeschepe
2%
59 - Nord 1 675 Bois-Grenier
2%
62 - Pas-de-Calais 510 Boisleux-au-Mont
2%
59 - Nord 1 430 Bollezeele
2%
80 - Somme 337 Bonneville
2%
62 - Pas-de-Calais 635 Bonningues-lès-Ardres
2%
62 - Pas-de-Calais 572 Bonningues-lès-Calais
2%
60 - Oise 4 799 Bornel
2%
59 - Nord 580 Borre
2%
02 - Aisne 186 Bosmont-sur-Serre
2%
02 - Aisne 1 331 Boué
2%
59 - Nord 1 653 Bourghelles
2%
59 - Nord 1 537 Bouvignies
2%
02 - Aisne 129 Braye
2%
02 - Aisne 186 Braye-en-Laonnois
2%
02 - Aisne 142 Braye-en-Thiérache
2%
60 - Oise 416 Brétigny
2%
02 - Aisne 1 447 Bruyères-et-Montbérault
2%
02 - Aisne 191 Bruyères-sur-Fère
2%
02 - Aisne 1 883 Bucy-le-Long
2%
02 - Aisne 192 Bucy-lès-Cerny
2%
02 - Aisne 403 Bucy-lès-Pierrepont
2%
60 - Oise 883 Bulles
2%
62 - Pas-de-Calais 2 812 Burbure
2%
60 - Oise 2 966 Bury
2%
59 - Nord 2 473 Busigny
2%
62 - Pas-de-Calais 426 Cagnicourt
2%
62 - Pas-de-Calais 1 774 Camblain-Châtelain
2%
62 - Pas-de-Calais 671 Camblain-l'Abbé
2%
80 - Somme 187 Camps-en-Amiénois
2%
80 - Somme 1 086 Candas
2%
59 - Nord 402 Cantaing-sur-Escaut
2%
59 - Nord 1 605 Cantin
2%
80 - Somme 293 Carnoy-Mametz
2%
80 - Somme 704 Cartigny
2%
60 - Oise 546 Catillon-Fumechon
2%
59 - Nord 823 Catillon-sur-Sambre
2%
02 - Aisne 545 Caumont
2%
62 - Pas-de-Calais 158 Caumont
2%
02 - Aisne 96 Celles-lès-Condé
2%
02 - Aisne 256 Celles-sur-Aisne
2%
80 - Somme 535 Cerisy
2%
80 - Somme 267 Cerisy-Buleux
2%
02 - Aisne 834 Chambry
2%
02 - Aisne 271 Chamouille
2%
02 - Aisne 1 655 Charmes
2%
80 - Somme 1 997 Chaulnes
2%
80 - Somme 589 Chaussoy-Epagny
2%
60 - Oise 490 Chelles
2%
02 - Aisne 381 Chéry-Chartreuve
2%
02 - Aisne 726 Chéry-lès-Pouilly
2%
02 - Aisne 85 Chéry-lès-Rozoy
2%
02 - Aisne 385 Chézy-en-Orxois
2%
02 - Aisne 1 336 Chézy-sur-Marne
2%
62 - Pas-de-Calais 2 821 Chocques
2%
60 - Oise 3 986 Cires-lès-Mello
2%
62 - Pas-de-Calais 600 Clairmarais
2%
60 - Oise 2 190 Clairoix
2%
80 - Somme 523 Cléry-sur-Somme
2%
02 - Aisne 1 268 Coincy
2%
62 - Pas-de-Calais 1 113 Conchil-le-Temple
2%
60 - Oise 73 Conteville
2%
80 - Somme 222 Conteville
2%
62 - Pas-de-Calais 81 Conteville-en-Ternois
2%
62 - Pas-de-Calais 518 Conteville-lès-Boulogne
2%
59 - Nord 2 813 Courchelettes
2%
02 - Aisne 1 877 Courmelles
2%
59 - Nord 3 041 Coutiches
2%
02 - Aisne 84 Craonne
2%
59 - Nord 676 Craywick
2%
59 - Nord 4 514 Crespin
2%
02 - Aisne 1 797 Cuffies
2%
62 - Pas-de-Calais 1 751 Cuinchy
2%
60 - Oise 2 196 Cuise-la-Motte
2%
62 - Pas-de-Calais 1 332 Dannes
2%
62 - Pas-de-Calais 6 957 Divion
2%
02 - Aisne 724 Dizy-le-Gros
2%
80 - Somme 346 Dommartin
2%
02 - Aisne 154 Dorengt
2%
62 - Pas-de-Calais 1 374 Duisans
2%
62 - Pas-de-Calais 2 178 Ecques
2%
59 - Nord 1 220 Eecke
2%
02 - Aisne 432 Eppes
2%
60 - Oise 596 Erquery
2%
59 - Nord 1 589 Erre
2%
59 - Nord 3 238 Escaudœuvres
2%
59 - Nord 4 173 Escautpont
2%
59 - Nord 676 Esnes
2%
02 - Aisne 2 730 Essômes-sur-Marne
2%
80 - Somme 133 Étalon
2%
02 - Aisne 1 331 Étampes-sur-Marne
2%
02 - Aisne 850 Étréaupont
2%
59 - Nord 1 315 Étrœungt
2%
60 - Oise 421 Ève
2%
59 - Nord 2 531 Famars
2%
62 - Pas-de-Calais 949 Fauquembergues
2%
02 - Aisne 684 Fayet
2%
59 - Nord 5 448 Fenain
2%
59 - Nord 1 469 Férin
2%
62 - Pas-de-Calais 1 751 Ferques
2%
60 - Oise 2 562 Fitz-James
2%
02 - Aisne 1 660 Flavy-le-Martel
2%
60 - Oise 214 Flavy-le-Meldeux
2%
80 - Somme 1 993 Flesselles
2%
02 - Aisne 500 Fonsomme
2%
02 - Aisne 467 Fontenoy
2%
60 - Oise 207 Fouilloy
2%
80 - Somme 1 815 Fouilloy
2%
62 - Pas-de-Calais 3 348 Frévent
2%
59 - Nord 1 000 Fromelles
2%
59 - Nord 2 051 Godewaersvelde
2%
60 - Oise 562 Gournay-sur-Aronde
2%
02 - Aisne 299 Grand-Rozoy
2%
62 - Pas-de-Calais 6 748 Grenay
2%
62 - Pas-de-Calais 1 514 Groffliers
2%
62 - Pas-de-Calais 1 112 Guemps
2%
60 - Oise 1 804 Guiscard
2%
62 - Pas-de-Calais 4 416 Haisnes
2%
62 - Pas-de-Calais 1 457 Hames-Boucres
2%
80 - Somme 1 010 Hangest-en-Santerre
2%
80 - Somme 768 Hangest-sur-Somme
2%
59 - Nord 1 292 Hantay
2%
02 - Aisne 1 567 Harly
2%
02 - Aisne 344 Hartennes-et-Taux
2%
59 - Nord 3 899 Hasnon
2%
02 - Aisne 177 Hauteville
2%
62 - Pas-de-Calais 308 Hauteville
2%
59 - Nord 3 212 Haveluy
2%
62 - Pas-de-Calais 1 737 Helfaut
2%
59 - Nord 4 439 Hergnies
2%
60 - Oise 2 504 Hermes
2%
62 - Pas-de-Calais 827 Hesdigneul-lès-Béthune
2%
62 - Pas-de-Calais 805 Hesdigneul-lès-Boulogne
2%
02 - Aisne 1 360 Holnon
2%
02 - Aisne 1 441 Homblières
2%
59 - Nord 1 426 Hordain
2%
59 - Nord 3 562 Hornaing
2%
62 - Pas-de-Calais 1 163 Houlle
2%
02 - Aisne 165 Housset
2%
59 - Nord 3 204 Hoymille
2%
62 - Pas-de-Calais 3 380 Hulluch
2%
62 - Pas-de-Calais 1 154 Isques
2%
02 - Aisne 1 007 Itancourt
2%
59 - Nord 3 359 Iwuy
2%
62 - Pas-de-Calais 1 056 Izel-lès-Équerchin
2%
62 - Pas-de-Calais 730 Izel-lès-Hameau
2%
60 - Oise 1 036 Jouy-sous-Thelle
2%
02 - Aisne 1 252 Jussy
2%
59 - Nord 1 148 Killem
2%
62 - Pas-de-Calais 2 912 Labourse
2%
02 - Aisne 473 La Bouteille
2%
60 - Oise 195 Lachaussée-du-Bois-d'Écu
2%
62 - Pas-de-Calais 892 La Comté
2%
62 - Pas-de-Calais 2 643 La Couture
2%
02 - Aisne 1 088 La Flamengrie
2%
59 - Nord 424 La Flamengrie
2%
62 - Pas-de-Calais 151 La Madelaine-sous-Montreuil
2%
62 - Pas-de-Calais 1 058 Lambres
2%
62 - Pas-de-Calais 1 252 Landrethun-le-Nord
2%
62 - Pas-de-Calais 775 Landrethun-lès-Ardres
2%
59 - Nord 3 126 La Sentinelle
2%
60 - Oise 1 384 Lassigny
2%
59 - Nord 1 644 Lauwin-Planque
2%
02 - Aisne 159 Laversine
2%
59 - Nord 2 828 Lecelles
2%
59 - Nord 1 472 Le Doulieu
2%
80 - Somme 788 Le Plessier-Rozainvillers
2%
59 - Nord 426 Lesdain
2%
59 - Nord 786 Les Rues-des-Vignes
2%
62 - Pas-de-Calais 512 Leulinghen-Bernes
2%
62 - Pas-de-Calais 192 Linghem
2%
62 - Pas-de-Calais 2 361 Locon
2%
80 - Somme 1 550 Longpré-les-Corps-Saints
2%
62 - Pas-de-Calais 147 Longueville
2%
59 - Nord 601 L'Orée de Mormal
2%
62 - Pas-de-Calais 1 589 Lorgies
2%
62 - Pas-de-Calais 945 Louches
2%
59 - Nord 3 959 Lourches
2%
59 - Nord 847 Louvil
2%
80 - Somme 643 Mailly-Maillet
2%
80 - Somme 302 Mailly-Raineval
2%
62 - Pas-de-Calais 238 Maisnil
2%
62 - Pas-de-Calais 1 698 Maisnil-lès-Ruitz
2%
62 - Pas-de-Calais 2 006 Mametz
2%
02 - Aisne 366 Margival
2%
02 - Aisne 527 Marigny-en-Orxois
2%
80 - Somme 1 262 Méaulte
2%
60 - Oise 626 Mello
2%
60 - Oise 628 Méry-la-Bataille
2%
59 - Nord 2 314 Méteren
2%
62 - Pas-de-Calais 3 728 Meurchin
2%
02 - Aisne 532 Mézy-Moulins
2%
80 - Somme 214 Montauban-de-Picardie
2%
02 - Aisne 1 291 Montcornet
2%
02 - Aisne 223 Mortefontaine
2%
60 - Oise 863 Mortefontaine
2%
60 - Oise 925 Mortefontaine-en-Thelle
2%
62 - Pas-de-Calais 308 Mory
2%
60 - Oise 79 Mory-Montcrux
2%
59 - Nord 1 400 Mouchin
2%
02 - Aisne 78 Moulins
2%
62 - Pas-de-Calais 1 136 Moulle
2%
60 - Oise 620 Moyenneville
2%
62 - Pas-de-Calais 286 Moyenneville
2%
80 - Somme 718 Moyenneville
2%
80 - Somme 1 072 Naours
2%
62 - Pas-de-Calais 1 067 Nesles
2%
02 - Aisne 1 216 Nesles-la-Montagne
2%
59 - Nord 1 248 Neuf-Berquin
2%
62 - Pas-de-Calais 1 435 Neuve-Chapelle
2%
59 - Nord 787 Noordpeene
2%
62 - Pas-de-Calais 1 743 Nortkerque
2%
62 - Pas-de-Calais 710 Nouvelle-Église
2%
62 - Pas-de-Calais 1 214 Offekerque
2%
80 - Somme 1 137 Oisemont
2%
59 - Nord 636 Ors
2%
02 - Aisne 129 Passy-en-Valois
2%
02 - Aisne 137 Passy-sur-Marne
2%
80 - Somme 1 049 Pendé
2%
80 - Somme 1 297 Picquigny
2%
59 - Nord 973 Pitgam
2%
62 - Pas-de-Calais 234 Pommier
2%
59 - Nord 2 899 Pont-à-Marcq
2%
60 - Oise 454 Pontoise-lès-Noyon
2%
80 - Somme 110 Potte
2%
60 - Oise 160 Pouilly
2%
02 - Aisne 507 Pouilly-sur-Serre
2%
60 - Oise 3 212 Précy-sur-Oise
2%
59 - Nord 840 Preux-au-Bois
2%
59 - Nord 311 Preux-au-Sart
2%
59 - Nord 2 249 Prouvy
2%
59 - Nord 3 150 Proville
2%
59 - Nord 1 112 Quaëdypre
2%
59 - Nord 2 719 Râches
2%
59 - Nord 4 005 Raimbeaucourt
2%
60 - Oise 2 526 Rantigny
2%
59 - Nord 2 100 Renescure
2%
62 - Pas-de-Calais 2 087 Rety
2%
59 - Nord 1 988 Rexpoëde
2%
62 - Pas-de-Calais 2 628 Richebourg
2%
59 - Nord 1 294 Rieulay
2%
62 - Pas-de-Calais 3 048 Rinxent
2%
62 - Pas-de-Calais 1 404 Rœux
2%
60 - Oise 138 Rosières
2%
80 - Somme 3 005 Rosières-en-Santerre
2%
59 - Nord 1 915 Rosult
2%
62 - Pas-de-Calais 1 521 Ruitz
2%
62 - Pas-de-Calais 246 Rumilly
2%
59 - Nord 1 444 Rumilly-en-Cambrésis
2%
60 - Oise 1 549 Sacy-le-Grand
2%
60 - Oise 574 Sacy-le-Petit
2%
62 - Pas-de-Calais 824 Saint-Augustin
2%
60 - Oise 202 Saint-Crépin-aux-Bois
2%
60 - Oise 1 548 Saint-Crépin-Ibouvillers
2%
62 - Pas-de-Calais 2 318 Saint-Folquin
2%
60 - Oise 1 713 Saint-Germer-de-Fly
2%
80 - Somme 383 Saint-Gratien
2%
62 - Pas-de-Calais 801 Saint-Inglevert
2%
62 - Pas-de-Calais 3 041 Saint-Venant
2%
59 - Nord 1 702 Saméon
2%
62 - Pas-de-Calais 466 Sauchy-Lestrée
2%
59 - Nord 2 435 Saultain
2%
02 - Aisne 605 Savy
2%
62 - Pas-de-Calais 891 Savy-Berlette
2%
59 - Nord 1 975 Sebourg
2%
62 - Pas-de-Calais 320 Selles
2%
59 - Nord 469 Sercus
2%
02 - Aisne 267 Seringes-et-Nesles
2%
02 - Aisne 42 Serval
2%
62 - Pas-de-Calais 1 133 Servins
2%
59 - Nord 928 Socx
2%
60 - Oise 1 013 Songeons
2%
62 - Pas-de-Calais 2 643 Souchez
2%
59 - Nord 1 804 Spycker
2%
59 - Nord 938 Strazeele
2%
62 - Pas-de-Calais 150 Tardinghen
2%
62 - Pas-de-Calais 1 239 Thélus
2%
59 - Nord 2 998 Thiant
2%
60 - Oise 1 070 Thiers-sur-Thève
2%
59 - Nord 754 Thun-l'Évêque
2%
59 - Nord 1 122 Thun-Saint-Amand
2%
59 - Nord 524 Thun-Saint-Martin
2%
62 - Pas-de-Calais 1 077 Tilques
2%
62 - Pas-de-Calais 1 391 Tournehem-sur-la-Hem
2%
60 - Oise 1 730 Tracy-le-Mont
2%
60 - Oise 1 082 Tracy-le-Val
2%
59 - Nord 1 409 Tressin
2%
02 - Aisne 568 Trosly-Loire
2%
80 - Somme 218 Varennes
2%
60 - Oise 258 Vauchelles
2%
80 - Somme 138 Vauchelles-lès-Authie
2%
80 - Somme 125 Vauchelles-lès-Domart
2%
80 - Somme 835 Vauchelles-les-Quesnoy
2%
62 - Pas-de-Calais 1 047 Vaulx-Vraucourt
2%
62 - Pas-de-Calais 3 477 Verquin
2%
02 - Aisne 239 Vesles-et-Caumont
2%
60 - Oise 277 Vez
2%
59 - Nord 1 478 Vicq
2%
80 - Somme 2 323 Vignacourt
2%
62 - Pas-de-Calais 644 Vis-en-Artois
2%
80 - Somme 834 Vron
2%
62 - Pas-de-Calais 1 076 Wailly
2%
59 - Nord 806 Wallon-Cappel
2%
59 - Nord 1 306 Wannehain
2%
59 - Nord 1 110 Wargnies-le-Grand
2%
59 - Nord 763 Wargnies-le-Petit
2%
59 - Nord 2 020 Warhem
2%
59 - Nord 1 651 Wavrechain-sous-Denain
2%
59 - Nord 399 Wavrechain-sous-Faulx
2%
59 - Nord 522 Wicres
2%
62 - Pas-de-Calais 226 Wierre-au-Bois
2%
62 - Pas-de-Calais 867 Wierre-Effroy
2%
62 - Pas-de-Calais 3 308 Wizernes
2%
59 - Nord 516 Zuytpeene
2%
80 - Somme 267 Ablaincourt-Pressoir
1%
62 - Pas-de-Calais 231 Ablainzevelle
1%
62 - Pas-de-Calais 599 Acheville
1%
62 - Pas-de-Calais 796 Acquin-Westbécourt
1%
62 - Pas-de-Calais 282 Adinfer
1%
62 - Pas-de-Calais 256 Affringues
1%
80 - Somme 81 Agenville
1%
80 - Somme 263 Agenvillers
1%
62 - Pas-de-Calais 662 Agnez-lès-Duisans
1%
62 - Pas-de-Calais 255 Agnières
1%
59 - Nord 369 Aibes
1%
80 - Somme 899 Aigneville
1%
60 - Oise 383 Airion
1%
62 - Pas-de-Calais 245 Airon-Notre-Dame
1%
02 - Aisne 260 Aisonville-et-Bernoville
1%
62 - Pas-de-Calais 273 Aix-en-Issart
1%
80 - Somme 57 Aizecourt-le-Bas
1%
80 - Somme 65 Aizecourt-le-Haut
1%
02 - Aisne 120 Aizelles
1%
02 - Aisne 299 Aizy-Jouy
1%
62 - Pas-de-Calais 622 Alembon
1%
62 - Pas-de-Calais 385 Alette
1%
62 - Pas-de-Calais 306 Alincthun
1%
80 - Somme 430 Allaines
1%
02 - Aisne 171 Allemant
1%
80 - Somme 249 Allenay
1%
80 - Somme 792 Allery
1%
62 - Pas-de-Calais 2 871 Allouagne
1%
62 - Pas-de-Calais 994 Alquines
1%
60 - Oise 1 748 Amblainville
1%
02 - Aisne 73 Ambrief
1%
62 - Pas-de-Calais 217 Ambrines
1%
62 - Pas-de-Calais 627 Ames
1%
62 - Pas-de-Calais 461 Amettes
1%
02 - Aisne 390 Amifontaine
1%
02 - Aisne 721 Amigny-Rouy
1%
62 - Pas-de-Calais 301 Amplier
1%
02 - Aisne 74 Ancienville
1%
80 - Somme 267 Andainville
1%
80 - Somme 283 Andechy
1%
02 - Aisne 215 Andelain
1%
60 - Oise 3 292 Andeville
1%
60 - Oise 1 401 Angicourt
1%
60 - Oise 178 Angivillers
1%
02 - Aisne 308 Anguilcourt-le-Sart
1%
60 - Oise 1 161 Angy
1%
59 - Nord 894 Anhiers
1%
62 - Pas-de-Calais 2 143 Annequin
1%
59 - Nord 266 Anneux
1%
60 - Oise 275 Ansacq
1%
60 - Oise 1 191 Ansauvillers
1%
60 - Oise 412 Antheuil-Portes
1%
60 - Oise 258 Antilly
1%
62 - Pas-de-Calais 736 Anvin
1%
60 - Oise 544 Appilly
1%
02 - Aisne 82 Archon
1%
80 - Somme 546 Argœuves
1%
80 - Somme 329 Argoules
1%
80 - Somme 30 Arguel
1%
60 - Oise 555 Armancourt
1%
80 - Somme 30 Armancourt
1%
80 - Somme 153 Arquèves
1%
02 - Aisne 49 Arrancy
1%
60 - Oise 763 Arsy
1%
02 - Aisne 367 Artemps
1%
59 - Nord 1 051 Artres
1%
80 - Somme 773 Arvillers
1%
59 - Nord 1 821 Assevent
1%
80 - Somme 307 Assevillers
1%
02 - Aisne 210 Assis-sur-Serre
1%
02 - Aisne 351 Attilly
1%
80 - Somme 77 Aubercourt
1%
80 - Somme 159 Aubvillers
1%
80 - Somme 136 Auchonvillers
1%
62 - Pas-de-Calais 458 Audembert
1%
02 - Aisne 122 Audignicourt
1%
59 - Nord 369 Audignies
1%
62 - Pas-de-Calais 662 Audincthun
1%
62 - Pas-de-Calais 522 Audrehem
1%
60 - Oise 529 Auger-Saint-Vincent
1%
02 - Aisne 70 Augy
1%
80 - Somme 172 Aumâtre
1%
60 - Oise 271 Autheuil-en-Valois
1%
80 - Somme 123 Autheux
1%
80 - Somme 406 Authieule
1%
80 - Somme 161 Authuille
1%
62 - Pas-de-Calais 288 Autingues
1%
60 - Oise 721 Autrêches
1%
02 - Aisne 174 Autremencourt
1%
02 - Aisne 176 Autreppes
1%
02 - Aisne 815 Autreville
1%
60 - Oise 860 Aux Marais
1%
80 - Somme 54 Avelesges
1%
80 - Somme 528 Aveluy
1%
62 - Pas-de-Calais 293 Averdoingt
1%
60 - Oise 889 Avilly-Saint-Léonard
1%
60 - Oise 255 Avricourt
1%
60 - Oise 379 Avrigny
1%
62 - Pas-de-Calais 593 Avroult
1%
59 - Nord 815 Awoingt
1%
80 - Somme 155 Ayencourt
1%
62 - Pas-de-Calais 324 Ayette
1%
60 - Oise 515 Babœuf
1%
59 - Nord 2 306 Bachant
1%
60 - Oise 489 Bacouël
1%
80 - Somme 477 Bacouel-sur-Selle
1%
62 - Pas-de-Calais 220 Bailleulmont
1%
62 - Pas-de-Calais 232 Bailleulval
1%
60 - Oise 1 468 Bailleval
1%
62 - Pas-de-Calais 217 Bainghen
1%
59 - Nord 168 Baives
1%
62 - Pas-de-Calais 363 Bajus
1%
60 - Oise 1 693 Balagny-sur-Thérain
1%
62 - Pas-de-Calais 1 225 Balinghem
1%
59 - Nord 806 Bambecque
1%
02 - Aisne 24 Bancigny
1%
62 - Pas-de-Calais 86 Bancourt
1%
59 - Nord 520 Bantigny
1%
62 - Pas-de-Calais 463 Baralle
1%
62 - Pas-de-Calais 319 Barastre
1%
60 - Oise 574 Barbery
1%
60 - Oise 334 Bargny
1%
02 - Aisne 740 Barisis-aux-Bois
1%
80 - Somme 232 Barleux
1%
62 - Pas-de-Calais 207 Barly
1%
80 - Somme 164 Barly
1%
02 - Aisne 320 Barzy-en-Thiérache
1%
59 - Nord 345 Bas-Lieu
1%
02 - Aisne 132 Bassoles-Aulers
1%
60 - Oise 253 Baugy
1%
62 - Pas-de-Calais 396 Bavincourt
1%
62 - Pas-de-Calais 1 010 Bayenghem-lès-Éperlecques
1%
62 - Pas-de-Calais 328 Bayenghem-lès-Seninghem
1%
80 - Somme 330 Bayonvillers
1%
60 - Oise 121 Bazancourt
1%
80 - Somme 77 Bazentin
1%
60 - Oise 345 Bazicourt
1%
62 - Pas-de-Calais 398 Bazinghen
1%
59 - Nord 517 Bazuel
1%
80 - Somme 183 Beaucamps-le-Jeune
1%
80 - Somme 1 452 Beaucamps-le-Vieux
1%
80 - Somme 973 Beauchamps
1%
80 - Somme 168 Beaucourt-en-Santerre
1%
80 - Somme 88 Beaucourt-sur-l'Ancre
1%
80 - Somme 272 Beaucourt-sur-l'Hallue
1%
60 - Oise 192 Beaudéduit
1%
59 - Nord 560 Beaudignies
1%
60 - Oise 99 Beaugies-sous-Bois
1%
62 - Pas-de-Calais 226 Beaulencourt
1%
80 - Somme 1 337 Beauquesne
1%
02 - Aisne 1 411 Beaurevoir
1%
60 - Oise 225 Beauvoir
1%
62 - Pas-de-Calais 374 Beauvoir-Wavans
1%
80 - Somme 155 Bécordel-Bécourt
1%
62 - Pas-de-Calais 275 Bécourt
1%
02 - Aisne 245 Becquigny
1%
80 - Somme 129 Becquigny
1%
62 - Pas-de-Calais 134 Béhagnies
1%
80 - Somme 524 Béhen
1%
60 - Oise 207 Béhéricourt
1%
80 - Somme 517 Bellancourt
1%
62 - Pas-de-Calais 437 Bellebrune
1%
60 - Oise 608 Belle-Église
1%
80 - Somme 310 Belleuse
1%
02 - Aisne 587 Bellicourt
1%
59 - Nord 819 Bellignies
1%
62 - Pas-de-Calais 1 084 Bellinghem
1%
02 - Aisne 193 Benay
1%
62 - Pas-de-Calais 350 Bénifontaine
1%
59 - Nord 151 Bérelles
1%
80 - Somme 138 Bergicourt
1%
02 - Aisne 85 Berlancourt
1%
60 - Oise 325 Berlancourt
1%
62 - Pas-de-Calais 280 Berlencourt-le-Cauroy
1%
62 - Pas-de-Calais 520 Berles-au-Bois
1%
62 - Pas-de-Calais 496 Berles-Monchel
1%
02 - Aisne 105 Berlise
1%
59 - Nord 730 Bermerain
1%
80 - Somme 240 Bernay-en-Ponthieu
1%
80 - Somme 355 Bernes
1%
62 - Pas-de-Calais 466 Berneville
1%
02 - Aisne 441 Bernot
1%
02 - Aisne 871 Bernoy-le-Château
1%
02 - Aisne 183 Berrieux
1%
59 - Nord 254 Bersillies
1%
80 - Somme 747 Bertangles
1%
02 - Aisne 592 Bertaucourt-Epourdon
1%
80 - Somme 1 074 Berteaucourt-les-Dames
1%
80 - Somme 458 Berteaucourt-lès-Thennes
1%
60 - Oise 1 625 Berthecourt
1%
02 - Aisne 194 Berthenicourt
1%
62 - Pas-de-Calais 913 Bertincourt
1%
02 - Aisne 153 Bertricourt
1%
59 - Nord 2 174 Bertry
1%
02 - Aisne 164 Besmé
1%
02 - Aisne 147 Besmont
1%
02 - Aisne 327 Besny-et-Loizy
1%
60 - Oise 209 Béthancourt-en-Valois
1%
02 - Aisne 432 Béthancourt-en-Vaux
1%
80 - Somme 222 Bettencourt-Rivière
1%
80 - Somme 619 Bettencourt-Saint-Ouen
1%
59 - Nord 310 Bettignies
1%
59 - Nord 255 Bettrechies
1%
62 - Pas-de-Calais 466 Beugin
1%
62 - Pas-de-Calais 174 Beugnâtre
1%
02 - Aisne 110 Beugneux
1%
59 - Nord 630 Beugnies
1%
62 - Pas-de-Calais 358 Beugny
1%
62 - Pas-de-Calais 537 Beussent
1%
62 - Pas-de-Calais 446 Beutin
1%
02 - Aisne 751 Beuvardes
1%
80 - Somme 863 Beuvraignes
1%
62 - Pas-de-Calais 460 Beuvrequen
1%
62 - Pas-de-Calais 383 Bezinghem
1%
80 - Somme 384 Biaches
1%
80 - Somme 63 Biarre
1%
02 - Aisne 999 Bichancourt
1%
80 - Somme 137 Biencourt
1%
62 - Pas-de-Calais 654 Bienvillers-au-Bois
1%
60 - Oise 174 Biermont
1%
02 - Aisne 34 Bieuxy
1%
02 - Aisne 88 Bièvres
1%
62 - Pas-de-Calais 338 Bihucourt
1%
80 - Somme 171 Billancourt
1%
62 - Pas-de-Calais 109 Bimont
1%
59 - Nord 249 Bissezeele
1%
60 - Oise 574 Blacourt
1%
60 - Oise 1 187 Blaincourt-lès-Précy
1%
62 - Pas-de-Calais 307 Blairville
1%
60 - Oise 527 Blargies
1%
59 - Nord 305 Blécourt
1%
62 - Pas-de-Calais 492 Bléquin
1%
02 - Aisne 469 Blesmes
1%
62 - Pas-de-Calais 903 Blessy
1%
60 - Oise 352 Blicourt
1%
60 - Oise 101 Blincourt
1%
59 - Nord 749 Boëseghem
1%
62 - Pas-de-Calais 821 Bois-Bernard
1%
62 - Pas-de-Calais 244 Boisdinghem
1%
62 - Pas-de-Calais 502 Boisjean
1%
80 - Somme 474 Boismont
1%
62 - Pas-de-Calais 653 Bomy
1%
02 - Aisne 261 Boncourt
1%
60 - Oise 475 Bonlier
1%
80 - Somme 241 Bonnay
1%
02 - Aisne 378 Bonneil
1%
02 - Aisne 216 Bonnesvalyn
1%
02 - Aisne 138 Bony
1%
60 - Oise 2 156 Boran-sur-Oise
1%
60 - Oise 338 Borest
1%
62 - Pas-de-Calais 75 Boubers-lès-Hesmond
1%
62 - Pas-de-Calais 580 Boubers-sur-Canche
1%
60 - Oise 409 Boubiers
1%
80 - Somme 262 Bouchoir
1%
60 - Oise 385 Bouconvillers
1%
02 - Aisne 188 Bouconville-Vauclair
1%
02 - Aisne 98 Bouffignereux
1%
80 - Somme 409 Bougainville
1%
80 - Somme 533 Bouillancourt-en-Séry
1%
80 - Somme 152 Bouillancourt-la-Bataille
1%
60 - Oise 395 Bouillancy
1%
62 - Pas-de-Calais 507 Bouin-Plumoison
1%
60 - Oise 220 Boullarre
1%
62 - Pas-de-Calais 787 Bouquehault
1%
80 - Somme 490 Bouquemaison
1%
80 - Somme 373 Bourdon
1%
02 - Aisne 193 Bouresches
1%
02 - Aisne 105 Bourguignon-sous-Coucy
1%
02 - Aisne 158 Bourguignon-sous-Montbavin
1%
62 - Pas-de-Calais 1 133 Bourlon
1%
62 - Pas-de-Calais 231 Bournonville
1%
80 - Somme 708 Bourseville
1%
59 - Nord 397 Boursies
1%
62 - Pas-de-Calais 254 Boursin
1%
60 - Oise 311 Boursonne
1%
62 - Pas-de-Calais 841 Bourthes
1%
60 - Oise 342 Boury-en-Vexin
1%
59 - Nord 1 740 Bousies
1%
59 - Nord 343 Bousignies
1%
59 - Nord 394 Bousignies-sur-Roc
1%
59 - Nord 430 Boussières-en-Cambrésis
1%
59 - Nord 524 Boussières-sur-Sambre
1%
59 - Nord 3 212 Boussois
1%
60 - Oise 213 Boutencourt
1%
80 - Somme 928 Bouttencourt
1%
80 - Somme 833 Bouvaincourt-sur-Bresle
1%
80 - Somme 144 Bouvincourt-en-Vermandois
1%
60 - Oise 156 Bouvresse
1%
80 - Somme 539 Bouzincourt
1%
80 - Somme 422 Bovelles
1%
62 - Pas-de-Calais 362 Boyelles
1%
80 - Somme 230 Brailly-Cornehotte
1%
60 - Oise 171 Braisnes-sur-Aronde
1%
02 - Aisne 726 Brancourt-en-Laonnois
1%
02 - Aisne 554 Brancourt-le-Grand
1%
02 - Aisne 1 558 Brasles
1%
02 - Aisne 321 Brécy
1%
60 - Oise 648 Brégy
1%
80 - Somme 758 Breilly
1%
62 - Pas-de-Calais 1 294 Brêmes
1%
02 - Aisne 196 Brenelle
1%
60 - Oise 2 013 Brenouille
1%
02 - Aisne 237 Breny
1%
60 - Oise 4 051 Bresles
1%
62 - Pas-de-Calais 642 Bréxent-Énocq
1%
62 - Pas-de-Calais 293 Brias
1%
59 - Nord 754 Brillon
1%
62 - Pas-de-Calais 861 Brimeux
1%
60 - Oise 288 Briot
1%
02 - Aisne 299 Brissay-Choigny
1%
02 - Aisne 651 Brissy-Hamégicourt
1%
59 - Nord 1 408 Brouckerque
1%
59 - Nord 401 Broxeele
1%
60 - Oise 162 Broyes
1%
59 - Nord 1 365 Bruille-lez-Marchiennes
1%
59 - Nord 1 672 Bruille-Saint-Amand
1%
02 - Aisne 183 Brumetz
1%
02 - Aisne 448 Brunehamel
1%
59 - Nord 712 Brunémont
1%
60 - Oise 347 Brunvillers-la-Motte
1%
80 - Somme 204 Brutelles
1%
02 - Aisne 19 Bruys
1%
02 - Aisne 198 Bucilly
1%
62 - Pas-de-Calais 1 454 Bucquoy
1%
59 - Nord 1 042 Bugnicourt
1%
80 - Somme 333 Buigny-l'Abbé
1%
80 - Somme 397 Buigny-lès-Gamaches
1%
80 - Somme 527 Buigny-Saint-Maclou
1%
02 - Aisne 1 148 Buironfosse
1%
62 - Pas-de-Calais 294 Buissy
1%
62 - Pas-de-Calais 227 Bullecourt
1%
02 - Aisne 128 Burelles
1%
62 - Pas-de-Calais 1 244 Busnes
1%
02 - Aisne 151 Bussiares
1%
59 - Nord 591 Buysscheure
1%
02 - Aisne 200 Buzancy
1%
80 - Somme 279 Cachy
1%
62 - Pas-de-Calais 728 Caffiers
1%
59 - Nord 614 Cagnoncles
1%
80 - Somme 208 Cahon
1%
02 - Aisne 447 Caillouël-Crépigny
1%
60 - Oise 504 Caisnes
1%
80 - Somme 701 Caix
1%
62 - Pas-de-Calais 338 Cambligneul
1%
62 - Pas-de-Calais 1 221 Cambrin
1%
60 - Oise 1 167 Cambronne-lès-Clermont
1%
60 - Oise 1 951 Cambronne-lès-Ribécourt
1%
02 - Aisne 457 Camelin
1%
60 - Oise 487 Campeaux
1%
62 - Pas-de-Calais 284 Campigneulles-les-Grandes
1%
62 - Pas-de-Calais 544 Campigneulles-les-Petites
1%
60 - Oise 482 Campremy
1%
80 - Somme 703 Canaples
1%
80 - Somme 334 Canchy
1%
60 - Oise 304 Candor
1%
60 - Oise 771 Canly
1%
60 - Oise 506 Cannectancourt
1%
60 - Oise 396 Canny-sur-Matz
1%
60 - Oise 227 Canny-sur-Thérain
1%
80 - Somme 598 Caours
1%
80 - Somme 530 Cardonnette
1%
62 - Pas-de-Calais 796 Carency
1%
60 - Oise 1 521 Carlepont
1%
62 - Pas-de-Calais 607 Carly
1%
59 - Nord 1 047 Carnières
1%
80 - Somme 267 Carrépuis
1%
59 - Nord 1 245 Cartignies
1%
02 - Aisne 251 Castres
1%
60 - Oise 1 039 Catenoy
1%
60 - Oise 191 Catigny
1%
59 - Nord 678 Cattenières
1%
62 - Pas-de-Calais 334 Caucourt
1%
60 - Oise 2 581 Cauffry
1%
02 - Aisne 140 Caulaincourt
1%
59 - Nord 452 Caullery
1%
59 - Nord 573 Cauroir
1%
60 - Oise 1 651 Cauvigny
1%
60 - Oise 499 Cempuis
1%
59 - Nord 702 Cerfontaine
1%
02 - Aisne 60 Cerizy
1%
60 - Oise 296 Cernoy
1%
02 - Aisne 62 Cerny-en-Laonnois
1%
02 - Aisne 116 Cerny-lès-Bucy
1%
02 - Aisne 87 Cerseuil
1%
02 - Aisne 775 Cessières-Suzy
1%
02 - Aisne 365 Chacrise
1%
02 - Aisne 177 Chaillevois
1%
02 - Aisne 258 Chalandry
1%
60 - Oise 910 Chamant
1%
60 - Oise 314 Chambors
1%
02 - Aisne 527 Chaourse
1%
02 - Aisne 359 Chartèves
1%
02 - Aisne 888 Chassemy
1%
59 - Nord 864 Château-l'Abbaye
1%
02 - Aisne 90 Chaudardes
1%
02 - Aisne 251 Chaudun
1%
02 - Aisne 835 Chavignon
1%
02 - Aisne 164 Chavigny
1%
02 - Aisne 207 Chavonne
1%
62 - Pas-de-Calais 245 Chelers
1%
59 - Nord 767 Chemy
1%
80 - Somme 1 231 Chépy
1%
02 - Aisne 141 Chérêt
1%
62 - Pas-de-Calais 290 Chérisy
1%
02 - Aisne 110 Chermizy-Ailles
1%
02 - Aisne 113 Chevennes
1%
60 - Oise 843 Chevincourt
1%
02 - Aisne 185 Chevregny
1%
02 - Aisne 346 Chevresis-Monceau
1%
60 - Oise 417 Chèvreville
1%
60 - Oise 2 022 Chevrières
1%
02 - Aisne 1 146 Chierry
1%
02 - Aisne 145 Chigny
1%
80 - Somme 170 Chilly
1%
80 - Somme 166 Chipilly
1%
60 - Oise 1 209 Chiry-Ourscamp
1%
02 - Aisne 345 Chivres-en-Laonnois
1%
02 - Aisne 523 Chivres-Val
1%
02 - Aisne 511 Chivy-lès-Étouvelles
1%
02 - Aisne 370 Chouy
1%
80 - Somme 142 Chuignes
1%
80 - Somme 148 Chuignolles
1%
02 - Aisne 65 Cierges
1%
02 - Aisne 179 Cilly
1%
60 - Oise 1 572 Cinqueux
1%
02 - Aisne 900 Ciry-Salsogne
1%
80 - Somme 247 Citerne
1%
02 - Aisne 306 Clacy-et-Thierret
1%
59 - Nord 366 Clairfayts
1%
02 - Aisne 530 Clairfontaine
1%
80 - Somme 379 Clairy-Saulchoix
1%
02 - Aisne 228 Clamecy
1%
59 - Nord 1 088 Clary
1%
02 - Aisne 597 Clastres
1%
62 - Pas-de-Calais 804 Cléty
1%
59 - Nord 529 Cobrieux
1%
02 - Aisne 449 Cœuvres-et-Valsery
1%
02 - Aisne 64 Coingt
1%
80 - Somme 378 Coisy
1%
62 - Pas-de-Calais 950 Colembert
1%
59 - Nord 1 618 Colleret
1%
02 - Aisne 219 Colligis-Crandelain
1%
02 - Aisne 75 Colonfay
1%
80 - Somme 739 Combles
1%
02 - Aisne 217 Commenchon
1%
02 - Aisne 262 Concevreux
1%
60 - Oise 715 Conchy-les-Pots
1%
62 - Pas-de-Calais 221 Conchy-sur-Canche
1%
02 - Aisne 702 Condren
1%
02 - Aisne 342 Connigis
1%
80 - Somme 118 Contalmaison
1%
80 - Somme 346 Contay
1%
62 - Pas-de-Calais 343 Contes
1%
02 - Aisne 61 Contescourt
1%
80 - Somme 144 Contre
1%
62 - Pas-de-Calais 2 272 Corbehem
1%
60 - Oise 320 Corbeil-Cerf
1%
02 - Aisne 842 Corbeny
1%
02 - Aisne 290 Corcy
1%
60 - Oise 407 Cormeilles
1%
62 - Pas-de-Calais 312 Cormont
1%
80 - Somme 573 Cottenchy
1%
62 - Pas-de-Calais 88 Couin
1%
60 - Oise 568 Couloisy
1%
62 - Pas-de-Calais 763 Coulomby
1%
02 - Aisne 442 Coulonges-Cohan
1%
62 - Pas-de-Calais 150 Coupelle-Neuve
1%
62 - Pas-de-Calais 602 Coupelle-Vieille
1%
02 - Aisne 154 Coupru
1%
02 - Aisne 34 Courbes
1%
02 - Aisne 304 Courboin
1%
80 - Somme 154 Courcelette
1%
02 - Aisne 83 Courchamps
1%
02 - Aisne 120 Courmont
1%
62 - Pas-de-Calais 512 Courset
1%
02 - Aisne 346 Courtemont-Varennes
1%
60 - Oise 586 Courteuil
1%
02 - Aisne 74 Courtrizy-et-Fussigny
1%
59 - Nord 2 237 Cousolre
1%
02 - Aisne 186 Couvrelles
1%
02 - Aisne 949 Couvron-et-Aumencourt
1%
62 - Pas-de-Calais 602 Coyecques
1%
02 - Aisne 365 Coyolles
1%
02 - Aisne 145 Cramaille
1%
60 - Oise 809 Cramoisy
1%
80 - Somme 303 Cramont
1%
02 - Aisne 114 Craonnelle
1%
62 - Pas-de-Calais 796 Crémarest
1%
62 - Pas-de-Calais 463 Créquy
1%
60 - Oise 443 Cressonsacq
1%
80 - Somme 124 Cressy-Omencourt
1%
80 - Somme 193 Creuse
1%
02 - Aisne 1 250 Crézancy
1%
60 - Oise 498 Crillon
1%
60 - Oise 918 Crisolles
1%
59 - Nord 665 Crochte
1%
62 - Pas-de-Calais 265 Croisette
1%
60 - Oise 261 Croissy-sur-Celle
1%
80 - Somme 449 Croixrault
1%
60 - Oise 207 Croutoy
1%
02 - Aisne 640 Crouttes-sur-Marne
1%
02 - Aisne 63 Crupilly
1%
02 - Aisne 608 Cugny
1%
60 - Oise 956 Cuigy-en-Bray
1%
02 - Aisne 156 Cuirieux
1%
02 - Aisne 101 Cuiry-Housse
1%
02 - Aisne 72 Cuiry-lès-Chaudardes
1%
02 - Aisne 27 Cuiry-lès-Iviers
1%
02 - Aisne 71 Cuissy-et-Geny
1%
02 - Aisne 357 Cuisy-en-Almont
1%
80 - Somme 303 Curchy
1%
59 - Nord 1 278 Curgies
1%
80 - Somme 173 Curlu
1%
02 - Aisne 128 Cutry
1%
60 - Oise 983 Cuts
1%
60 - Oise 631 Cuvilly
1%
60 - Oise 220 Cuy
1%
02 - Aisne 130 Dagny-Lambercy
1%
02 - Aisne 437 Dallon
1%
80 - Somme 233 Damery
1%
02 - Aisne 372 Dammard
1%
02 - Aisne 390 Dampleux
1%
02 - Aisne 654 Danizy
1%
60 - Oise 250 Dargies
1%
80 - Somme 1 184 Dargnies
1%
62 - Pas-de-Calais 1 192 Delettes
1%
60 - Oise 487 Delincourt
1%
80 - Somme 525 Démuin
1%
62 - Pas-de-Calais 400 Dennebrœucq
1%
02 - Aisne 389 Dercy
1%
80 - Somme 549 Dernancourt
1%
02 - Aisne 208 Deuillet
1%
02 - Aisne 114 Dhuizel
1%
60 - Oise 853 Dieudonné
1%
62 - Pas-de-Calais 725 Diéval
1%
59 - Nord 312 Dimont
1%
60 - Oise 400 Dives
1%
62 - Pas-de-Calais 834 Dohem
1%
02 - Aisne 93 Dohis
1%
59 - Nord 329 Doignies
1%
80 - Somme 1 388 Doingt
1%
02 - Aisne 44 Dolignon
1%
60 - Oise 315 Domfront
1%
02 - Aisne 297 Dommiers
1%
02 - Aisne 635 Domptin
1%
80 - Somme 310 Domqueur
1%
80 - Somme 348 Domvast
1%
62 - Pas-de-Calais 630 Doudeauville
1%
62 - Pas-de-Calais 300 Douriez
1%
59 - Nord 554 Dourlers
1%
02 - Aisne 129 Dravegny
1%
59 - Nord 262 Drincham
1%
62 - Pas-de-Calais 2 935 Drocourt
1%
02 - Aisne 77 Droizy
1%
62 - Pas-de-Calais 610 Drouvin-le-Marais
1%
80 - Somme 931 Drucat
1%
60 - Oise 435 Duvy
1%
80 - Somme 376 Eaucourt-sur-Somme
1%
59 - Nord 666 Ebblinghem
1%
02 - Aisne 192 Ébouleau
1%
59 - Nord 82 Eccles
1%
62 - Pas-de-Calais 384 Echinghen
1%
80 - Somme 85 Éclusier-Vaux
1%
62 - Pas-de-Calais 131 Écoivres
1%
62 - Pas-de-Calais 490 Écoust-Saint-Mein
1%
62 - Pas-de-Calais 506 Ecquedecques
1%
62 - Pas-de-Calais 694 Écuires
1%
62 - Pas-de-Calais 380 Écurie
1%
02 - Aisne 316 Effry
1%
60 - Oise 52 Élencourt
1%
59 - Nord 624 Élincourt
1%
60 - Oise 856 Élincourt-Sainte-Marguerite
1%
62 - Pas-de-Calais 868 Elnes
1%
80 - Somme 563 Embreville
1%
62 - Pas-de-Calais 231 Embry
1%
59 - Nord 869 Émerchicourt
1%
60 - Oise 288 Éméville
1%
02 - Aisne 115 Englancourt
1%
80 - Somme 311 Englebelmer
1%
59 - Nord 1 293 Englefontaine
1%
62 - Pas-de-Calais 1 613 Enquin-lez-Guinegatte
1%
62 - Pas-de-Calais 268 Enquin-sur-Baillons
1%
80 - Somme 525 Épagne-Épagnette
1%
02 - Aisne 343 Épagny
1%
02 - Aisne 30 Éparcy
1%
02 - Aisne 552 Épaux-Bézu
1%
80 - Somme 1 125 Épehy
1%
02 - Aisne 408 Épieds
1%
62 - Pas-de-Calais 549 Épinoy
1%
80 - Somme 1 766 Eppeville
1%
62 - Pas-de-Calais 246 Eps
1%
80 - Somme 287 Équennes-Éramecourt
1%
60 - Oise 602 Éragny-sur-Epte
1%
80 - Somme 189 Erches
1%
80 - Somme 761 Ercheu
1%
59 - Nord 689 Erchin
1%
60 - Oise 1 607 Ercuis
1%
62 - Pas-de-Calais 236 Ergny
1%
62 - Pas-de-Calais 237 Érin
1%
59 - Nord 488 Eringhem
1%
02 - Aisne 285 Erlon
1%
02 - Aisne 104 Erloy
1%
80 - Somme 513 Érondelle
1%
62 - Pas-de-Calais 391 Ervillers
1%
59 - Nord 476 Escarmain
1%
60 - Oise 1 592 Esches
1%
60 - Oise 166 Escles-Saint-Pierre
1%
59 - Nord 297 Escobecques
1%
62 - Pas-de-Calais 476 Escœuilles
1%
60 - Oise 506 Espaubourg
1%
02 - Aisne 861 Esquéhéries
1%
60 - Oise 714 Esquennoy
1%
59 - Nord 899 Esquerchin
1%
62 - Pas-de-Calais 1 631 Esquerdes
1%
62 - Pas-de-Calais 1 758 Essars
1%
80 - Somme 261 Essertaux
1%
02 - Aisne 1 045 Essigny-le-Grand
1%
02 - Aisne 349 Essigny-le-Petit
1%
02 - Aisne 413 Essises
1%
60 - Oise 558 Essuiles
1%
62 - Pas-de-Calais 2 031 Estevelles
1%
80 - Somme 239 Estrébœuf
1%
62 - Pas-de-Calais 346 Estréelles
1%
59 - Nord 957 Estreux
1%
59 - Nord 711 Estrun
1%
59 - Nord 351 Eswars
1%
62 - Pas-de-Calais 455 Étaing
1%
02 - Aisne 551 Étaves-et-Bocquiaux
1%
62 - Pas-de-Calais 258 Éterpigny
1%
80 - Somme 162 Éterpigny
1%
59 - Nord 343 Eth
1%
80 - Somme 593 Étinehem-Méricourt
1%
02 - Aisne 206 Étouvelles
1%
60 - Oise 771 Étouy
1%
02 - Aisne 1 187 Étreillers
1%
02 - Aisne 123 Étrépilly
1%
02 - Aisne 1 454 Étreux
1%
62 - Pas-de-Calais 316 Étrun
1%
02 - Aisne 534 Évergnicourt
1%
62 - Pas-de-Calais 111 Famechon
1%
80 - Somme 278 Famechon
1%
62 - Pas-de-Calais 1 209 Fampoux
1%
62 - Pas-de-Calais 604 Farbus
1%
59 - Nord 2 191 Faumont
1%
02 - Aisne 332 Faverolles
1%
80 - Somme 171 Faverolles
1%
80 - Somme 457 Favières
1%
62 - Pas-de-Calais 245 Favreuil
1%
62 - Pas-de-Calais 614 Febvin-Palfart
1%
59 - Nord 1 722 Féchain
1%
59 - Nord 1 437 Felleries
1%
62 - Pas-de-Calais 895 Ferfay
1%
59 - Nord 567 Féron
1%
60 - Oise 473 Ferrières
1%
80 - Somme 472 Ferrières
1%
02 - Aisne 489 Fesmy-le-Sart
1%
02 - Aisne 683 Festieux
1%
62 - Pas-de-Calais 1 268 Festubert
1%
62 - Pas-de-Calais 1 027 Feuchy
1%
62 - Pas-de-Calais 501 Ficheux
1%
62 - Pas-de-Calais 390 Fiefs
1%
62 - Pas-de-Calais 856 Fiennes
1%
80 - Somme 678 Fienvillers
1%
02 - Aisne 250 Fieulaine
1%
62 - Pas-de-Calais 514 Fillièvres
1%
80 - Somme 280 Fins
1%
59 - Nord 373 Flaumont-Waudrechies
1%
60 - Oise 662 Flavacourt
1%
62 - Pas-de-Calais 480 Fléchin
1%
59 - Nord 261 Flesquières
1%
59 - Nord 983 Flêtre
1%
60 - Oise 1 929 Fleurines
1%
62 - Pas-de-Calais 883 Floringhem
1%
59 - Nord 526 Floyon
1%
02 - Aisne 212 Fluquières
1%
80 - Somme 333 Fluy
1%
02 - Aisne 1 377 Folembray
1%
80 - Somme 157 Folies
1%
80 - Somme 141 Folleville
1%
62 - Pas-de-Calais 412 Foncquevillers
1%
02 - Aisne 288 Fontenelle
1%
80 - Somme 174 Forceville
1%
80 - Somme 237 Forceville-en-Vimeu
1%
02 - Aisne 159 Foreste
1%
60 - Oise 2 120 Formerie
1%
62 - Pas-de-Calais 216 Fortel-en-Artois
1%
02 - Aisne 512 Fossoy
1%
80 - Somme 240 Foucaucourt-en-Santerre
1%
80 - Somme 80 Foucaucourt-Hors-Nesle
1%
80 - Somme 201 Fouencamps
1%
60 - Oise 198 Foulangues
1%
60 - Oise 429 Fouquenies
1%
62 - Pas-de-Calais 1 629 Fouquereuil
1%
60 - Oise 282 Fouquerolles
1%
80 - Somme 152 Fouquescourt
1%
02 - Aisne 434 Fourdrain
1%
60 - Oise 525 Fournival
1%
80 - Somme 455 Framerville-Rainecourt
1%
60 - Oise 484 Francastel
1%
60 - Oise 548 Francières
1%
80 - Somme 178 Francières
1%
02 - Aisne 546 Francilly-Selency
1%
80 - Somme 519 Franleu
1%
80 - Somme 183 Fransu
1%
80 - Somme 522 Franvillers
1%
59 - Nord 376 Frasnoy
1%
80 - Somme 259 Fréchencourt
1%
62 - Pas-de-Calais 237 Frémicourt
1%
62 - Pas-de-Calais 896 Frencq
1%
62 - Pas-de-Calais 801 Fresnicourt-le-Dolmen
1%
02 - Aisne 179 Fressancourt
1%
80 - Somme 2 168 Fressenneville
1%
59 - Nord 572 Fressies
1%
60 - Oise 259 Frétoy-le-Château
1%
80 - Somme 73 Frettecuisse
1%
80 - Somme 300 Frettemeule
1%
62 - Pas-de-Calais 240 Frévillers
1%
80 - Somme 697 Friaucourt
1%
80 - Somme 492 Fricourt
1%
02 - Aisne 981 Frières-Faillouël
1%
80 - Somme 178 Frise
1%
60 - Oise 519 Frocourt
1%
02 - Aisne 177 Froidestrées
1%
02 - Aisne 250 Froidmont-Cohartille
1%
60 - Oise 897 Froissy
1%
80 - Somme 122 Frucourt
1%
62 - Pas-de-Calais 201 Galametz
1%
02 - Aisne 695 Gandelu
1%
60 - Oise 341 Gannes
1%
62 - Pas-de-Calais 308 Gauchin-Légal
1%
62 - Pas-de-Calais 811 Gauchin-Verloingt
1%
80 - Somme 339 Gauville
1%
62 - Pas-de-Calais 817 Gavrelle
1%
62 - Pas-de-Calais 124 Gennes-Ivergny
1%
80 - Somme 646 Gentelles
1%
60 - Oise 330 Genvry
1%
02 - Aisne 262 Gercy
1%
02 - Aisne 130 Gergny
1%
02 - Aisne 82 Germaine
1%
80 - Somme 399 Gézaincourt
1%
02 - Aisne 40 Gibercourt
1%
60 - Oise 642 Gilocourt
1%
60 - Oise 539 Giraumont
1%
02 - Aisne 654 Gizy
1%
59 - Nord 1 782 Glageon
1%
02 - Aisne 438 Gland
1%
60 - Oise 226 Glatigny
1%
59 - Nord 1 034 Gœulzin
1%
59 - Nord 738 Gognies-Chaussée
1%
60 - Oise 1 467 Goincourt
1%
60 - Oise 398 Golancourt
1%
59 - Nord 2 312 Gommegnies
1%
60 - Oise 203 Gondreville
1%
62 - Pas-de-Calais 2 512 Gonnehem
1%
62 - Pas-de-Calais 949 Gosnay
1%
02 - Aisne 56 Goudelancourt-lès-Berrieux
1%
02 - Aisne 138 Goudelancourt-lès-Pierrepont
1%
02 - Aisne 113 Goussancourt
1%
62 - Pas-de-Calais 200 Gouves
1%
59 - Nord 1 477 Gouzeaucourt
1%
62 - Pas-de-Calais 649 Graincourt-lès-Havrincourt
1%
80 - Somme 177 Grandcourt
1%
59 - Nord 493 Grand-Fayt
1%
60 - Oise 1 783 Grandfresnoy
1%
80 - Somme 465 Grand-Laviers
1%
02 - Aisne 79 Grandrieux
1%
60 - Oise 352 Grandrû
1%
62 - Pas-de-Calais 381 Grand-Rullecourt
1%
02 - Aisne 137 Grand-Verly
1%
60 - Oise 309 Grandvillers-aux-Bois
1%
80 - Somme 323 Grattepanche
1%
60 - Oise 466 Grémévillers
1%
62 - Pas-de-Calais 358 Grévillers
1%
60 - Oise 267 Grez
1%
02 - Aisne 945 Gricourt
1%
62 - Pas-de-Calais 295 Grigny
1%
62 - Pas-de-Calais 29 Grincourt-lès-Pas
1%
02 - Aisne 234 Grisolles
1%
02 - Aisne 70 Gronard
1%
80 - Somme 572 Grouches-Luchuel
1%
02 - Aisne 321 Grougis
1%
02 - Aisne 1 274 Grugies
1%
80 - Somme 311 Gruny
1%
62 - Pas-de-Calais 1 388 Guarbecque
1%
62 - Pas-de-Calais 378 Guémappe
1%
80 - Somme 275 Guerbigny
1%
80 - Somme 371 Gueschart
1%
59 - Nord 4 691 Guesnain
1%
60 - Oise 381 Guignecourt
1%
80 - Somme 403 Guignemicourt
1%
80 - Somme 400 Guillaucourt
1%
62 - Pas-de-Calais 270 Guisy
1%
02 - Aisne 238 Guivry
1%
02 - Aisne 374 Guny
1%
60 - Oise 240 Gury
1%
59 - Nord 335 Gussignies
1%
02 - Aisne 254 Guyencourt
1%
80 - Somme 142 Guyencourt-Saulcourt
1%
80 - Somme 176 Guyencourt-sur-Noye
1%
62 - Pas-de-Calais 658 Habarcq
1%
80 - Somme 421 Hailles
1%
62 - Pas-de-Calais 4 864 Haillicourt
1%
80 - Somme 1 295 Hallencourt
1%
62 - Pas-de-Calais 1 211 Hallines
1%
60 - Oise 451 Halloy
1%
62 - Pas-de-Calais 202 Halloy
1%
80 - Somme 330 Halloy-lès-Pernois
1%
62 - Pas-de-Calais 470 Hamblain-les-Prés
1%
80 - Somme 638 Hamelet
1%
02 - Aisne 326 Hannapes
1%
62 - Pas-de-Calais 185 Haplincourt
1%
02 - Aisne 146 Happencourt
1%
02 - Aisne 568 Haramont
1%
80 - Somme 1 642 Harbonnières
1%
02 - Aisne 242 Harcigny
1%
59 - Nord 383 Hardifort
1%
62 - Pas-de-Calais 1 217 Hardinghen
1%
60 - Oise 540 Hardivillers
1%
02 - Aisne 590 Hargicourt
1%
59 - Nord 609 Hargnies
1%
02 - Aisne 193 Hary
1%
59 - Nord 2 709 Haspres
1%
60 - Oise 139 Haucourt
1%
62 - Pas-de-Calais 213 Haucourt
1%
59 - Nord 195 Haucourt-en-Cambrésis
1%
60 - Oise 801 Haudivillers
1%
59 - Nord 2 323 Haulchin
1%
59 - Nord 1 529 Haussy
1%
62 - Pas-de-Calais 216 Hautecloque
1%
60 - Oise 274 Haute-Épine
1%
60 - Oise 336 Hautefontaine
1%
02 - Aisne 160 Hautevesnes
1%
02 - Aisne 133 Haution
1%
59 - Nord 389 Haut-Lieu
1%
62 - Pas-de-Calais 176 Haut-Loquin
1%
80 - Somme 574 Hautvillers-Ouville
1%
59 - Nord 1 419 Haverskerque
1%
62 - Pas-de-Calais 389 Havrincourt
1%
59 - Nord 318 Haynecourt
1%
80 - Somme 540 Hébécourt
1%
62 - Pas-de-Calais 521 Hébuterne
1%
60 - Oise 153 Hécourt
1%
59 - Nord 356 Hecq
1%
60 - Oise 624 Heilles
1%
80 - Somme 436 Heilly
1%
60 - Oise 460 Hémévillers
1%
62 - Pas-de-Calais 316 Hendecourt-lès-Cagnicourt
1%
62 - Pas-de-Calais 139 Hendecourt-lès-Ransart
1%
62 - Pas-de-Calais 186 Héninel
1%
60 - Oise 850 Hénonville
1%
62 - Pas-de-Calais 161 Hénu
1%
62 - Pas-de-Calais 405 Herbinghen
1%
60 - Oise 634 Herchies
1%
62 - Pas-de-Calais 83 Héricourt
1%
60 - Oise 121 Héricourt-sur-Thérain
1%
80 - Somme 717 Hérissart
1%
62 - Pas-de-Calais 161 Herlin-le-Sec
1%
62 - Pas-de-Calais 536 Hermaville
1%
62 - Pas-de-Calais 418 Hermelinghen
1%
62 - Pas-de-Calais 1 159 Hermies
1%
62 - Pas-de-Calais 225 Hervelinghen
1%
59 - Nord 1 641 Herzeele
1%
59 - Nord 293 Hestrud
1%
60 - Oise 316 Hétomesnil
1%
62 - Pas-de-Calais 492 Heuchin
1%
62 - Pas-de-Calais 1 371 Heuringhem
1%
02 - Aisne 26 Hinacourt
1%
62 - Pas-de-Calais 2 413 Hinges
1%
60 - Oise 493 Hodenc-en-Bray
1%
60 - Oise 245 Hodenc-l'Évêque
1%
59 - Nord 898 Holque
1%
60 - Oise 718 Hondainville
1%
59 - Nord 932 Hondeghem
1%
59 - Nord 777 Honnecourt-sur-Escaut
1%
80 - Somme 1 679 Hornoy-le-Bourg
1%
62 - Pas-de-Calais 718 Houchin
1%
60 - Oise 668 Houdancourt
1%
02 - Aisne 57 Houry
1%
59 - Nord 982 Houtkerque
1%
62 - Pas-de-Calais 270 Hubersent
1%
80 - Somme 668 Huchenneville
1%
62 - Pas-de-Calais 454 Hucqueliers
1%
62 - Pas-de-Calais 238 Humbert
1%
62 - Pas-de-Calais 214 Humières
1%
80 - Somme 745 Huppy
1%
80 - Somme 715 Hypercourt
1%
59 - Nord 708 Inchy
1%
62 - Pas-de-Calais 578 Inchy-en-Artois
1%
62 - Pas-de-Calais 86 Incourt
1%
80 - Somme 113 Inval-Boiron
1%
62 - Pas-de-Calais 160 Inxent
1%
02 - Aisne 225 Iron
1%
62 - Pas-de-Calais 243 Ivergny
1%
02 - Aisne 221 Iviers
1%
60 - Oise 255 Ivors
1%
60 - Oise 321 Jaméricourt
1%
60 - Oise 675 Janville
1%
02 - Aisne 666 Jaulgonne
1%
60 - Oise 890 Jaulzy
1%
02 - Aisne 260 Jeancourt
1%
02 - Aisne 212 Jeantes
1%
59 - Nord 864 Jolimetz
1%
02 - Aisne 317 Joncourt
1%
60 - Oise 605 Jonquières
1%
02 - Aisne 139 Jouaignes
1%
62 - Pas-de-Calais 288 Journy
1%
80 - Somme 526 Jumel
1%
02 - Aisne 139 Jumencourt
1%
02 - Aisne 63 Jumigny
1%
60 - Oise 315 Juvignies
1%
02 - Aisne 281 Juvigny
1%
02 - Aisne 615 Juvincourt-et-Damary
1%
60 - Oise 200 Laberlière
1%
62 - Pas-de-Calais 1 662 Labeuvrière
1%
80 - Somme 140 Laboissière-en-Santerre
1%
60 - Oise 1 347 Laboissière-en-Thelle
1%
60 - Oise 443 Labosse
1%
62 - Pas-de-Calais 150 Labroye
1%
60 - Oise 700 Labruyère
1%
62 - Pas-de-Calais 599 La Calotterie
1%
60 - Oise 692 Lachelle
1%
60 - Oise 535 La Corne-en-Vexin
1%
62 - Pas-de-Calais 248 Lacres
1%
60 - Oise 4 894 Lacroix-Saint-Ouen
1%
60 - Oise 1 009 La Drenne
1%
80 - Somme 238 La Faloise
1%
02 - Aisne 152 Laffaux
1%
60 - Oise 367 Lafraye
1%
59 - Nord 484 La Groise
1%
02 - Aisne 126 La Hérie
1%
62 - Pas-de-Calais 139 La Herlière
1%
60 - Oise 610 La Houssoye
1%
80 - Somme 450 Lahoussoye
1%
02 - Aisne 191 Laigny
1%
62 - Pas-de-Calais 369 Laires
1%
60 - Oise 640 Lalande-en-Son
1%
60 - Oise 490 Lalandelle
1%
62 - Pas-de-Calais 205 La Loge
1%
02 - Aisne 404 La Malmaison
1%
60 - Oise 191 Lamécourt
1%
80 - Somme 920 Lanchères
1%
02 - Aisne 37 Lanchy
1%
02 - Aisne 257 Landifay-et-Bertaignemont
1%
02 - Aisne 183 Landouzy-la-Cour
1%
02 - Aisne 535 Landouzy-la-Ville
1%
02 - Aisne 131 Landricourt
1%
02 - Aisne 208 Laniscourt
1%
02 - Aisne 272 Lappion
1%
62 - Pas-de-Calais 3 525 Lapugnoy
1%
60 - Oise 514 Larbroye
1%
02 - Aisne 242 Largny-sur-Automne
1%
59 - Nord 248 Larouillies
1%
60 - Oise 819 La Rue-Saint-Pierre
1%
02 - Aisne 206 La Selve
1%
02 - Aisne 200 Latilly
1%
80 - Somme 190 Laucourt
1%
02 - Aisne 100 Launoy
1%
60 - Oise 201 Lavacquerie
1%
02 - Aisne 201 Lavaqueresse
1%
60 - Oise 36 Laverrière
1%
60 - Oise 1 175 Laversines
1%
80 - Somme 246 La Vicogne
1%
80 - Somme 169 Laviéville
1%
60 - Oise 550 Lavilletertre
1%
62 - Pas-de-Calais 240 Lebiez
1%
62 - Pas-de-Calais 233 Lebucquière
1%
02 - Aisne 184 Le Catelet
1%
02 - Aisne 327 Le Charmel
1%
62 - Pas-de-Calais 46 Léchelle
1%
80 - Somme 48 L'Échelle-Saint-Aurin
1%
59 - Nord 1 375 Lécluse
1%
60 - Oise 883 Le Coudray-Saint-Germer
1%
60 - Oise 539 Le Coudray-sur-Thelle
1%
60 - Oise 180 Le Crocq
1%
59 - Nord 680 Lederzeele
1%
62 - Pas-de-Calais 327 Ledinghem
1%
59 - Nord 659 Ledringhem
1%
62 - Pas-de-Calais 230 Lefaux
1%
59 - Nord 507 Le Favril
1%
60 - Oise 523 Le Fay-Saint-Quentin
1%
60 - Oise 551 Léglantiers
1%
60 - Oise 187 Le Hamel
1%
02 - Aisne 853 Lehaucourt
1%
02 - Aisne 198 Le Hérie-la-Viéville
1%
60 - Oise 2 285 Le Meux
1%
60 - Oise 645 Le Mont-Saint-Adrien
1%
02 - Aisne 120 Lempire
1%
62 - Pas-de-Calais 738 Le Parcq
1%
62 - Pas-de-Calais 289 Lépine
1%
02 - Aisne 252 L'Épine-aux-Bois
1%
02 - Aisne 69 Le Plessier-Huleu
1%
60 - Oise 213 Le Plessier-sur-Bulles
1%
60 - Oise 521 Le Plessier-sur-Saint-Just
1%
62 - Pas-de-Calais 213 Le Ponchel
1%
80 - Somme 263 Le Quesne
1%
80 - Somme 778 Le Quesnel
1%
60 - Oise 219 Le Quesnel-Aubry
1%
02 - Aisne 223 Lerzy
1%
60 - Oise 1 167 Les Ageux
1%
02 - Aisne 60 Les Autels
1%
02 - Aisne 268 Leschelle
1%
02 - Aisne 830 Lesdins
1%
02 - Aisne 99 Lesges
1%
02 - Aisne 173 Le Sourd
1%
62 - Pas-de-Calais 404 Lespesses
1%
62 - Pas-de-Calais 227 Lespinoy
1%
02 - Aisne 802 Lesquielles-Saint-Germain
1%
02 - Aisne 1 196 Les Septvallons
1%
02 - Aisne 156 Le Thuel
1%
80 - Somme 352 Le Titre
1%
80 - Somme 1 175 L'Étoile
1%
80 - Somme 248 Le Translay
1%
62 - Pas-de-Calais 297 Leubringhen
1%
02 - Aisne 426 Leuilly-sous-Coucy
1%
62 - Pas-de-Calais 258 Leulinghem
1%
02 - Aisne 103 Leury
1%
02 - Aisne 173 Leuze
1%
02 - Aisne 541 Levergies
1%
60 - Oise 1 001 Lévignen
1%
62 - Pas-de-Calais 198 Le Wast
1%
59 - Nord 226 Lez-Fontaine
1%
60 - Oise 192 Lhéraule
1%
02 - Aisne 140 Lhuys
1%
02 - Aisne 74 Licy-Clignon
1%
62 - Pas-de-Calais 297 Liencourt
1%
80 - Somme 359 Liercourt
1%
62 - Pas-de-Calais 367 Lières
1%
02 - Aisne 123 Lierval
1%
60 - Oise 219 Lierville
1%
02 - Aisne 1 270 Liesse-Notre-Dame
1%
59 - Nord 536 Liessies
1%
62 - Pas-de-Calais 343 Liettres
1%
60 - Oise 706 Lieuvillers
1%
02 - Aisne 378 Liez
1%
80 - Somme 145 Lignières
1%
80 - Somme 343 Lignières-Châtelain
1%
80 - Somme 456 Lihons
1%
60 - Oise 416 Lihus
1%
02 - Aisne 190 Limé
1%
80 - Somme 387 Liomer
1%
62 - Pas-de-Calais 609 Lisbourg
1%
02 - Aisne 219 Lislet
1%
60 - Oise 360 Litz
1%
59 - Nord 722 Loffre
1%
02 - Aisne 82 Logny-lès-Aubenton
1%
62 - Pas-de-Calais 1 504 Longfossé
1%
02 - Aisne 244 Longpont
1%
80 - Somme 272 Longueval
1%
62 - Pas-de-Calais 256 Longvilliers
1%
59 - Nord 1 181 Looberghe
1%
60 - Oise 1 310 Lormaison
1%
62 - Pas-de-Calais 533 Lottinghen
1%
02 - Aisne 181 Louâtre
1%
60 - Oise 151 Loueuse
1%
02 - Aisne 90 Loupeigne
1%
62 - Pas-de-Calais 1 300 Lozinghem
1%
80 - Somme 515 Lucheux
1%
60 - Oise 648 Luchy
1%
02 - Aisne 206 Lucy-le-Bocage
1%
02 - Aisne 125 Lugny
1%
62 - Pas-de-Calais 145 Lugy
1%
02 - Aisne 277 Luzoir
1%
59 - Nord 767 Lynde
1%
02 - Aisne 117 Mâchecourt
1%
60 - Oise 749 Machemont
1%
80 - Somme 118 Machy
1%
02 - Aisne 64 Macogny
1%
02 - Aisne 361 Macquigny
1%
62 - Pas-de-Calais 640 Magnicourt-en-Comte
1%
62 - Pas-de-Calais 103 Magnicourt-sur-Canche
1%
62 - Pas-de-Calais 456 Maintenay
1%
59 - Nord 722 Mairieux
1%
62 - Pas-de-Calais 121 Maisoncelle
1%
60 - Oise 164 Maisoncelle-Saint-Pierre
1%
60 - Oise 295 Maisoncelle-Tuilerie
1%
02 - Aisne 235 Maissemy
1%
62 - Pas-de-Calais 203 Maizières
1%
02 - Aisne 404 Maizy
1%
02 - Aisne 196 Malzy
1%
02 - Aisne 295 Manicamp
1%
62 - Pas-de-Calais 181 Manin
1%
62 - Pas-de-Calais 145 Maninghem
1%
62 - Pas-de-Calais 60 Marant
1%
59 - Nord 478 Marbaix
1%
80 - Somme 1 275 Marcelcave
1%
02 - Aisne 389 Marchais
1%
80 - Somme 49 Marché-Allouarde
1%
59 - Nord 1 894 Marcoing
1%
62 - Pas-de-Calais 1 090 Marconnelle
1%
02 - Aisne 158 Marcy
1%
02 - Aisne 206 Marcy-sous-Marle
1%
62 - Pas-de-Calais 240 Marenla
1%
59 - Nord 816 Maresches
1%
62 - Pas-de-Calais 1 038 Maresquel-Ecquemicourt
1%
62 - Pas-de-Calais 282 Marest
1%
02 - Aisne 369 Marest-Dampcourt
1%
60 - Oise 402 Marest-sur-Matz
1%
62 - Pas-de-Calais 101 Maresville
1%
59 - Nord 1 451 Maretz
1%
02 - Aisne 87 Marfontaine
1%
80 - Somme 178 Maricourt
1%
80 - Somme 132 Marieux
1%
02 - Aisne 131 Marizy-Sainte-Geneviève
1%
02 - Aisne 50 Marizy-Saint-Mard
1%
60 - Oise 675 Marolles
1%
59 - Nord 2 729 Marpent
1%
80 - Somme 427 Martainneville
1%
02 - Aisne 433 Martigny
1%
02 - Aisne 136 Martigny-Courpierre
1%
60 - Oise 130 Martincourt
1%
62 - Pas-de-Calais 192 Martinpuich
1%
59 - Nord 2 731 Masnières
1%
59 - Nord 877 Mastaing
1%
60 - Oise 246 Maucourt
1%
80 - Somme 188 Maucourt
1%
59 - Nord 1 025 Maulde
1%
60 - Oise 322 Maulers
1%
02 - Aisne 404 Mauregny-en-Haye
1%
80 - Somme 215 Maurepas
1%
02 - Aisne 219 Mayot
1%
60 - Oise 239 Maysel
1%
62 - Pas-de-Calais 466 Mazinghem
1%
59 - Nord 711 Mecquignies
1%
80 - Somme 576 Méharicourt
1%
60 - Oise 756 Mélicocq
1%
62 - Pas-de-Calais 76 Mencas
1%
02 - Aisne 394 Mennessis
1%
62 - Pas-de-Calais 664 Menneville
1%
02 - Aisne 669 Mennevret
1%
62 - Pas-de-Calais 647 Mentque-Nortbécourt
1%
62 - Pas-de-Calais 726 Mercatel
1%
02 - Aisne 964 Mercin-et-Vaux
1%
59 - Nord 599 Merckeghem
1%
62 - Pas-de-Calais 668 Merck-Saint-Liévin
1%
80 - Somme 192 Mérélessart
1%
02 - Aisne 259 Merlieux-et-Fouquerolles
1%
59 - Nord 1 011 Merris
1%
80 - Somme 540 Mézières-en-Santerre
1%
02 - Aisne 511 Mézières-sur-Oise
1%
80 - Somme 594 Miannay
1%
59 - Nord 820 Millam
1%
80 - Somme 206 Millencourt
1%
59 - Nord 716 Millonfosse
1%
80 - Somme 649 Miraumont
1%
02 - Aisne 95 Missy-aux-Bois
1%
02 - Aisne 106 Missy-lès-Pierrepont
1%
02 - Aisne 620 Missy-sur-Aisne
1%
59 - Nord 474 Mœuvres
1%
60 - Oise 1 494 Mogneville
1%
80 - Somme 1 129 Moislains
1%
60 - Oise 1 151 Moliens
1%
02 - Aisne 348 Molinchart
1%
80 - Somme 333 Molliens-au-Bois
1%
80 - Somme 961 Molliens-Dreuil
1%
02 - Aisne 124 Monampteuil
1%
60 - Oise 838 Monceaux
1%
60 - Oise 222 Monceaux-l'Abbaye
1%
59 - Nord 2 512 Monchecourt
1%
62 - Pas-de-Calais 77 Monchel-sur-Canche
1%
62 - Pas-de-Calais 98 Monchiet
1%
60 - Oise 245 Mondescourt
1%
62 - Pas-de-Calais 561 Mondicourt
1%
02 - Aisne 1 043 Mondrepuis
1%
02 - Aisne 98 Monnes
1%
60 - Oise 820 Monneville
1%
60 - Oise 673 Montagny-en-Vexin
1%
60 - Oise 415 Montagny-Sainte-Félicité
1%
02 - Aisne 762 Montaigu
1%
59 - Nord 285 Montay
1%
02 - Aisne 42 Montbavin
1%
62 - Pas-de-Calais 1 326 Mont-Bernanchon
1%
02 - Aisne 807 Montbrehain
1%
62 - Pas-de-Calais 396 Montcavrel
1%
60 - Oise 1 301 Montchevreuil
1%
62 - Pas-de-Calais 446 Montenescourt
1%
02 - Aisne 1 608 Montescourt-Lizerolles
1%
02 - Aisne 207 Montfaucon
1%
02 - Aisne 197 Montgobert
1%
02 - Aisne 146 Monthurel
1%
60 - Oise 418 Montiers
1%
60 - Oise 481 Montjavoult
1%
60 - Oise 391 Mont-l'Évêque
1%
02 - Aisne 301 Montlevon
1%
02 - Aisne 188 Montloué
1%
60 - Oise 1 104 Montmacq
1%
59 - Nord 224 Montrécourt
1%
60 - Oise 378 Morangles
1%
62 - Pas-de-Calais 209 Morchies
1%
02 - Aisne 566 Morcourt
1%
80 - Somme 328 Morcourt
1%
02 - Aisne 102 Morgny-en-Thiérache
1%
60 - Oise 1 083 Morienval
1%
62 - Pas-de-Calais 556 Moringhem
1%
80 - Somme 486 Morisel
1%
80 - Somme 369 Morlancourt
1%
60 - Oise 540 Morlincourt
1%
02 - Aisne 461 Morsain
1%
62 - Pas-de-Calais 89 Morval
1%
60 - Oise 483 Morvillers
1%
80 - Somme 389 Morvillers-Saint-Saturnin
1%
60 - Oise 82 Mouchy-le-Châtel
1%
62 - Pas-de-Calais 241 Mouriez
1%
02 - Aisne 125 Moussy-Verneuil
1%
59 - Nord 59 Moustier-en-Fagne
1%
80 - Somme 323 Moyencourt
1%
80 - Somme 177 Moyencourt-lès-Poix
1%
60 - Oise 685 Moyvillers
1%
60 - Oise 141 Muidorge
1%
80 - Somme 831 Muille-Villette
1%
62 - Pas-de-Calais 712 Muncq-Nieurlet
1%
02 - Aisne 108 Muret-et-Crouttes
1%
62 - Pas-de-Calais 224 Nabringhen
1%
60 - Oise 317 Nampcel
1%
02 - Aisne 113 Nampcelles-la-Cour
1%
80 - Somme 255 Nampont
1%
80 - Somme 1 010 Namps-Maisnil
1%
80 - Somme 289 Nampty
1%
02 - Aisne 699 Nauroy
1%
59 - Nord 633 Naves
1%
62 - Pas-de-Calais 152 Nédon
1%
62 - Pas-de-Calais 350 Nédonchel
1%
60 - Oise 658 Néry
1%
80 - Somme 83 Neslette
1%
59 - Nord 1 324 Neuf-Mesnil
1%
02 - Aisne 613 Neuve-Maison
1%
02 - Aisne 190 Neuvillette
1%
80 - Somme 218 Neuvillette
1%
59 - Nord 1 100 Neuvilly
1%
62 - Pas-de-Calais 585 Neuvireuil
1%
80 - Somme 844 Nibas
1%
59 - Nord 517 Niergnies
1%
59 - Nord 927 Nieurlet
1%
59 - Nord 1 334 Nivelle
1%
60 - Oise 188 Nivillers
1%
02 - Aisne 247 Nizy-le-Comte
1%
02 - Aisne 1 100 Nogentel
1%
60 - Oise 1 061 Nointel
1%
02 - Aisne 77 Noircourt
1%
62 - Pas-de-Calais 1 336 Nordausques
1%
62 - Pas-de-Calais 141 Noreuil
1%
60 - Oise 245 Noroy
1%
02 - Aisne 128 Noroy-sur-Ourcq
1%
62 - Pas-de-Calais 1 377 Norrent-Fontes
1%
62 - Pas-de-Calais 266 Nort-Leulinghem
1%
60 - Oise 325 Nourard-le-Franc
1%
60 - Oise 366 Novillers
1%
02 - Aisne 163 Noyales
1%
62 - Pas-de-Calais 161 Noyellette
1%
60 - Oise 869 Noyers-Saint-Martin
1%
62 - Pas-de-Calais 488 Nuncq-Hautecôte
1%
59 - Nord 662 Obies
1%
62 - Pas-de-Calais 381 Oblinghem
1%
59 - Nord 269 Obrechies
1%
80 - Somme 329 Ochancourt
1%
59 - Nord 383 Ochtezeele
1%
59 - Nord 930 Odomez
1%
62 - Pas-de-Calais 256 Œuf-en-Ternois
1%
62 - Pas-de-Calais 269 Offrethun
1%
02 - Aisne 1 106 Ognes
1%
60 - Oise 294 Ognes
1%
02 - Aisne 275 Ohis
1%
02 - Aisne 711 Omissy
1%
80 - Somme 424 Oneux
1%
60 - Oise 1 398 Ons-en-Bray
1%
59 - Nord 468 Oost-Cappel
1%
62 - Pas-de-Calais 383 Oppy
1%
80 - Somme 942 Oresmaux
1%
02 - Aisne 57 Orgeval
1%
60 - Oise 349 Ormoy-le-Davien
1%
60 - Oise 660 Ormoy-Villers
1%
60 - Oise 556 Oroër
1%
60 - Oise 600 Orrouy
1%
59 - Nord 552 Orsinval
1%
62 - Pas-de-Calais 370 Orville
1%
02 - Aisne 328 Osly-Courtil
1%
60 - Oise 270 Oudeuil
1%
59 - Nord 681 Oudezeele
1%
02 - Aisne 124 Oulchy-la-Ville
1%
02 - Aisne 816 Oulchy-le-Château
1%
62 - Pas-de-Calais 750 Ourton
1%
80 - Somme 618 Oust-Marest
1%
80 - Somme 315 Outrebois
1%
62 - Pas-de-Calais 503 Ouve-Wirquin
1%
80 - Somme 433 Ovillers-la-Boisselle
1%
59 - Nord 518 Oxelaëre
1%
02 - Aisne 320 Paars
1%
60 - Oise 578 Paillart
1%
59 - Nord 1 002 Paillencourt
1%
62 - Pas-de-Calais 573 Palluel
1%
02 - Aisne 117 Papleux
1%
62 - Pas-de-Calais 522 Parenty
1%
02 - Aisne 138 Parfondeval
1%
60 - Oise 336 Parnes
1%
02 - Aisne 1 067 Pasly
1%
60 - Oise 278 Passel
1%
02 - Aisne 762 Pavant
1%
62 - Pas-de-Calais 765 Pelves
1%
62 - Pas-de-Calais 488 Penin
1%
02 - Aisne 679 Pernant
1%
60 - Oise 1 150 Péroy-les-Gombries
1%
59 - Nord 311 Petit-Fayt
1%
62 - Pas-de-Calais 784 Peuplingues
1%
60 - Oise 372 Pierrefitte-en-Beauvaisis
1%
62 - Pas-de-Calais 316 Pierremont
1%
02 - Aisne 340 Pierrepont
1%
62 - Pas-de-Calais 947 Pihem
1%
62 - Pas-de-Calais 503 Pihen-lès-Guînes
1%
02 - Aisne 1 668 Pinon
1%
60 - Oise 503 Pisseleu
1%
80 - Somme 291 Pissy
1%
62 - Pas-de-Calais 117 Pittefaux
1%
80 - Somme 816 Plachy-Buyon
1%
02 - Aisne 468 Plomion
1%
62 - Pas-de-Calais 457 Plouvain
1%
62 - Pas-de-Calais 870 Polincove
1%
62 - Pas-de-Calais 310 Pommera
1%
59 - Nord 765 Pommereuil
1%
02 - Aisne 741 Pommiers
1%
60 - Oise 1 119 Ponchon
1%
60 - Oise 833 Pontarmé
1%
62 - Pas-de-Calais 3 116 Pont-à-Vendin
1%
02 - Aisne 603 Pontavert
1%
80 - Somme 606 Ponthoile
1%
60 - Oise 677 Pont-l'Évêque
1%
60 - Oise 3 250 Pontpoint
1%
80 - Somme 1 460 Pont-Remy
1%
59 - Nord 2 505 Pont-sur-Sambre
1%
60 - Oise 396 Porquéricourt
1%
59 - Nord 412 Potelle
1%
80 - Somme 265 Pozières
1%
59 - Nord 406 Pradelles
1%
02 - Aisne 691 Prémont
1%
02 - Aisne 637 Prémontré
1%
59 - Nord 1 957 Préseau
1%
02 - Aisne 386 Presles-et-Thierny
1%
62 - Pas-de-Calais 309 Pressy
1%
62 - Pas-de-Calais 623 Preures
1%
59 - Nord 1 058 Prisches
1%
02 - Aisne 142 Proix
1%
80 - Somme 739 Proyart
1%
80 - Somme 556 Puchevillers
1%
60 - Oise 415 Puiseux-en-Bray
1%
02 - Aisne 218 Puiseux-en-Retz
1%
60 - Oise 857 Puiseux-le-Hauberger
1%
62 - Pas-de-Calais 647 Puisieux
1%
02 - Aisne 322 Puisieux-et-Clanlieu
1%
60 - Oise 205 Puits-la-Vallée
1%
59 - Nord 3 045 Quarouble
1%
62 - Pas-de-Calais 643 Quéant
1%
62 - Pas-de-Calais 544 Quelmes
1%
59 - Nord 881 Quérénaing
1%
62 - Pas-de-Calais 448 Quernes
1%
80 - Somme 629 Querrieu
1%
62 - Pas-de-Calais 701 Quesques
1%
62 - Pas-de-Calais 324 Questrecques
1%
80 - Somme 1 103 Quevauvillers
1%
62 - Pas-de-Calais 729 Quiéry-la-Motte
1%
02 - Aisne 409 Quierzy
1%
62 - Pas-de-Calais 625 Quiestède
1%
59 - Nord 134 Quiévelon
1%
59 - Nord 1 790 Quiévy
1%
60 - Oise 398 Quincampoix-Fleuzy
1%
02 - Aisne 56 Quincy-Basse
1%
02 - Aisne 61 Quincy-sous-le-Mont
1%
60 - Oise 320 Quinquempoix
1%
62 - Pas-de-Calais 226 Quœux-Haut-Maînil
1%
62 - Pas-de-Calais 2 218 Racquinghem
1%
59 - Nord 2 209 Raillencourt-Sainte-Olle
1%
80 - Somme 271 Raincheval
1%
80 - Somme 1 035 Rainneville
1%
59 - Nord 179 Rainsars
1%
60 - Oise 927 Rainvillers
1%
80 - Somme 352 Rambures
1%
62 - Pas-de-Calais 348 Ramecourt
1%
59 - Nord 603 Ramillies
1%
62 - Pas-de-Calais 395 Ransart
1%
60 - Oise 135 Raray
1%
60 - Oise 1 081 Ravenel
1%
62 - Pas-de-Calais 1 071 Rebreuve-Ranchicourt
1%
62 - Pas-de-Calais 188 Rebreuve-sur-Canche
1%
62 - Pas-de-Calais 233 Reclinghem
1%
62 - Pas-de-Calais 248 Récourt
1%
62 - Pas-de-Calais 272 Recques-sur-Course
1%
62 - Pas-de-Calais 655 Recques-sur-Hem
1%
59 - Nord 2 408 Recquignies
1%
80 - Somme 122 Regnière-Écluse
1%
02 - Aisne 200 Regny
1%
60 - Oise 128 Reilly
1%
62 - Pas-de-Calais 453 Rely
1%
60 - Oise 217 Rémérangles
1%
80 - Somme 170 Remiencourt
1%
62 - Pas-de-Calais 358 Remilly-Wirquin
1%
62 - Pas-de-Calais 588 Renty
1%
02 - Aisne 340 Retheuil
1%
02 - Aisne 188 Reuilly-Sauvigny
1%
59 - Nord 358 Reumont
1%
80 - Somme 493 Revelles
1%
60 - Oise 138 Rhuis
1%
02 - Aisne 59 Ribeauville
1%
80 - Somme 178 Riencourt
1%
62 - Pas-de-Calais 31 Riencourt-lès-Bapaume
1%
62 - Pas-de-Calais 249 Riencourt-lès-Cagnicourt
1%
60 - Oise 610 Rivecourt
1%
62 - Pas-de-Calais 1 335 Robecq
1%
60 - Oise 363 Roberval
1%
60 - Oise 988 Rochy-Condé
1%
62 - Pas-de-Calais 783 Roclincourt
1%
02 - Aisne 309 Rocourt-Saint-Martin
1%
60 - Oise 196 Rocquencourt
1%
02 - Aisne 359 Rocquigny
1%
62 - Pas-de-Calais 289 Rocquigny
1%
62 - Pas-de-Calais 550 Rodelinghem
1%
80 - Somme 153 Roiglise
1%
80 - Somme 1 575 Roisel
1%
80 - Somme 768 Rollot
1%
59 - Nord 760 Rombies-et-Marchipont
1%
02 - Aisne 498 Romeny-sur-Marne
1%
02 - Aisne 83 Romery
1%
02 - Aisne 146 Ronchères
1%
62 - Pas-de-Calais 1 947 Roquetoire
1%
60 - Oise 629 Rosoy
1%
60 - Oise 603 Rosoy-en-Multien
1%
59 - Nord 457 Roucourt
1%
02 - Aisne 394 Roucy
1%
02 - Aisne 239 Roupy
1%
59 - Nord 4 055 Rousies
1%
60 - Oise 307 Rousseloy
1%
59 - Nord 650 Rouvignies
1%
60 - Oise 250 Rouville
1%
60 - Oise 469 Rouvres-en-Multien
1%
80 - Somme 102 Rouy-le-Grand
1%
80 - Somme 108 Rouy-le-Petit
1%
60 - Oise 206 Royaucourt
1%
02 - Aisne 245 Royaucourt-et-Chailvet
1%
62 - Pas-de-Calais 140 Royon
1%
02 - Aisne 225 Rozières-sur-Crise
1%
02 - Aisne 122 Rozoy-Bellevalle
1%
02 - Aisne 975 Rozoy-sur-Serre
1%
80 - Somme 729 Rubempré
1%
59 - Nord 936 Rubrouck
1%
60 - Oise 723 Rully
1%
62 - Pas-de-Calais 693 Rumaucourt
1%
59 - Nord 1 778 Rumegies
1%
80 - Somme 644 Rumigny
1%
62 - Pas-de-Calais 1 612 Ruminghem
1%
60 - Oise 196 Russy-Bémont
1%
62 - Pas-de-Calais 323 Sachin
1%
80 - Somme 347 Saigneville
1%
80 - Somme 34 Saint-Acheul
1%
02 - Aisne 150 Saint-Algis
1%
60 - Oise 211 Saint-Arnoult
1%
59 - Nord 1 568 Saint-Aubert
1%
59 - Nord 364 Saint-Aybert
1%
02 - Aisne 254 Saint-Bandry
1%
59 - Nord 341 Saint-Benin
1%
80 - Somme 878 Saint-Blimont
1%
60 - Oise 84 Saint-Deniscourt
1%
62 - Pas-de-Calais 159 Saint-Denœux
1%
60 - Oise 329 Sainte-Eusoye
1%
02 - Aisne 76 Sainte-Preuve
1%
02 - Aisne 1 711 Saint-Erme-Outre-et-Ramecourt
1%
80 - Somme 51 Sainte-Segrée
1%
02 - Aisne 238 Saint-Eugène
1%
62 - Pas-de-Calais 625 Saint-Floris
1%
02 - Aisne 151 Saint-Gengoulph
1%
02 - Aisne 280 Saint-Gobert
1%
60 - Oise 1 069 Saintines
1%
80 - Somme 272 Saint-Maulvis
1%
80 - Somme 395 Saint-Maxent
1%
59 - Nord 443 Saint-Momelin
1%
02 - Aisne 41 Saint-Pierremont
1%
59 - Nord 1 026 Saint-Python
1%
60 - Oise 248 Saint-Samson-la-Poterie
1%
80 - Somme 987 Saint-Sauflieu
1%
59 - Nord 1 228 Saint-Souplet
1%
60 - Oise 292 Saint-Thibault
1%
62 - Pas-de-Calais 765 Saint-Tricat
1%
80 - Somme 244 Saisseval
1%
60 - Oise 893 Salency
1%
59 - Nord 315 Salesches
1%
62 - Pas-de-Calais 492 Salperwick
1%
02 - Aisne 383 Samoussy
1%
59 - Nord 197 Sancourt
1%
80 - Somme 265 Sancourt
1%
02 - Aisne 102 Sancy-les-Cheminots
1%
62 - Pas-de-Calais 351 Sanghen
1%
62 - Pas-de-Calais 193 Sapignies
1%
02 - Aisne 276 Saponay
1%
60 - Oise 266 Sarcus
1%
60 - Oise 348 Sarnois
1%
62 - Pas-de-Calais 189 Sarton
1%
59 - Nord 264 Sassegnies
1%
62 - Pas-de-Calais 433 Saudemont
1%
02 - Aisne 704 Saulchery
1%
62 - Pas-de-Calais 317 Saulchoy
1%
80 - Somme 76 Saulchoy-sous-Poix
1%
62 - Pas-de-Calais 771 Saulty
1%
59 - Nord 1 720 Saulzoir
1%
80 - Somme 1 067 Saveuse
1%
60 - Oise 865 Savignies
1%
02 - Aisne 1 082 Seboncourt
1%
59 - Nord 544 Sémeries
1%
59 - Nord 240 Semousies
1%
60 - Oise 779 Sempigny
1%
62 - Pas-de-Calais 319 Sempy
1%
60 - Oise 606 Senantes
1%
80 - Somme 627 Senarpont
1%
62 - Pas-de-Calais 694 Seninghem
1%
62 - Pas-de-Calais 268 Senlecques
1%
59 - Nord 653 Sepmeries
1%
02 - Aisne 568 Septmonts
1%
02 - Aisne 406 Serain
1%
60 - Oise 214 Serans
1%
59 - Nord 413 Séranvillers-Forenville
1%
02 - Aisne 729 Seraucourt-le-Grand
1%
02 - Aisne 285 Serches
1%
02 - Aisne 141 Sergy
1%
62 - Pas-de-Calais 49 Séricourt
1%
60 - Oise 2 742 Sérifontaine
1%
60 - Oise 267 Sermaize
1%
02 - Aisne 361 Sermoise
1%
62 - Pas-de-Calais 1 151 Serques
1%
02 - Aisne 597 Séry-lès-Mézières
1%
60 - Oise 281 Séry-Magneval
1%
62 - Pas-de-Calais 589 Setques
1%
80 - Somme 167 Seux
1%
02 - Aisne 118 Silly-la-Poterie
1%
60 - Oise 1 163 Silly-le-Long
1%
60 - Oise 445 Silly-Tillard
1%
62 - Pas-de-Calais 557 Simencourt
1%
02 - Aisne 2 013 Sinceny
1%
62 - Pas-de-Calais 278 Siracourt
1%
02 - Aisne 475 Sissy
1%
02 - Aisne 97 Soize
1%
59 - Nord 1 797 Solre-le-Château
1%
59 - Nord 137 Solrinnes
1%
62 - Pas-de-Calais 228 Sombrin
1%
60 - Oise 482 Sommereux
1%
02 - Aisne 137 Sommeron
1%
02 - Aisne 211 Sons-et-Ronchères
1%
02 - Aisne 260 Sorbais
1%
80 - Somme 161 Sorel
1%
80 - Somme 217 Sorel-en-Vimeu
1%
62 - Pas-de-Calais 914 Sorrus
1%
62 - Pas-de-Calais 378 Souastre
1%
02 - Aisne 79 Soucy
1%
80 - Somme 349 Sourdon
1%
59 - Nord 655 Staple
1%
59 - Nord 1 674 Steenbecque
1%
60 - Oise 171 Sully
1%
62 - Pas-de-Calais 640 Surques
1%
80 - Somme 193 Suzanne
1%
60 - Oise 567 Suzoy
1%
02 - Aisne 272 Taillefontaine
1%
80 - Somme 56 Tailly
1%
59 - Nord 468 Taisnières-en-Thiérache
1%
59 - Nord 964 Taisnières-sur-Hon
1%
80 - Somme 1 074 Talmas
1%
60 - Oise 676 Talmontiers
1%
60 - Oise 266 Tartigny
1%
02 - Aisne 552 Tavaux-et-Pontséricourt
1%
59 - Nord 527 Terdeghem
1%
62 - Pas-de-Calais 139 Ternas
1%
02 - Aisne 336 Terny-Sorny
1%
80 - Somme 321 Terramesnil
1%
80 - Somme 582 Thennes
1%
60 - Oise 1 065 Therdonne
1%
80 - Somme 675 Thézy-Glimont
1%
62 - Pas-de-Calais 835 Thiembronne
1%
59 - Nord 905 Thiennes
1%
80 - Somme 124 Thiepval
1%
60 - Oise 755 Thiescourt
1%
60 - Oise 414 Thieuloy-Saint-Antoine
1%
60 - Oise 437 Thieux
1%
62 - Pas-de-Calais 97 Thièvres
1%
80 - Somme 64 Thièvres
1%
59 - Nord 842 Thivencelle
1%
60 - Oise 1 073 Thiverny
1%
80 - Somme 144 Thoix
1%
60 - Oise 504 Thury-en-Valois
1%
60 - Oise 674 Thury-sous-Clermont
1%
80 - Somme 346 Tilloloy
1%
62 - Pas-de-Calais 155 Tilly-Capelle
1%
62 - Pas-de-Calais 811 Tincques
1%
62 - Pas-de-Calais 294 Tingry
1%
80 - Somme 299 Tœufles
1%
62 - Pas-de-Calais 839 Tortequesne
1%
59 - Nord 895 Tourmignies
1%
80 - Somme 434 Toutencourt
1%
02 - Aisne 934 Trélou-sur-Marne
1%
80 - Somme 224 Treux
1%
60 - Oise 1 381 Tricot
1%
80 - Somme 1 505 Trois-Rivières
1%
60 - Oise 1 268 Troissereux
1%
59 - Nord 832 Troisvilles
1%
60 - Oise 328 Troussencourt
1%
60 - Oise 535 Trumilly
1%
62 - Pas-de-Calais 575 Tubersent
1%
80 - Somme 540 Tully
1%
02 - Aisne 327 Tupigny
1%
02 - Aisne 186 Ugny-le-Gay
1%
80 - Somme 30 Ugny-l'Équipée
1%
60 - Oise 1 879 Ully-Saint-Georges
1%
02 - Aisne 571 Urcel
1%
02 - Aisne 689 Urvillers
1%
62 - Pas-de-Calais 75 Vacquerie-le-Boucq
1%
62 - Pas-de-Calais 252 Vacqueriette-Erquières
1%
02 - Aisne 521 Vadencourt
1%
80 - Somme 106 Vadencourt
1%
02 - Aisne 2 017 Vailly-sur-Aisne
1%
80 - Somme 290 Vaire-sous-Corbie
1%
60 - Oise 930 Valdampierre
1%
60 - Oise 295 Valescourt
1%
62 - Pas-de-Calais 551 Valhuon
1%
80 - Somme 626 Valines
1%
02 - Aisne 573 Vallées en Champagne
1%
60 - Oise 366 Varesnes
1%
02 - Aisne 237 Vaucelles-et-Beffecourt
1%
60 - Oise 690 Vauciennes
1%
62 - Pas-de-Calais 1 079 Vaudricourt
1%
80 - Somme 411 Vaudricourt
1%
62 - Pas-de-Calais 501 Vaudringhem
1%
60 - Oise 986 Vaumoise
1%
02 - Aisne 785 Vauxbuin
1%
80 - Somme 542 Vecquemont
1%
60 - Oise 242 Velennes
1%
80 - Somme 146 Velennes
1%
62 - Pas-de-Calais 132 Vélu
1%
59 - Nord 488 Vendegies-au-Bois
1%
59 - Nord 1 087 Vendegies-sur-Écaillon
1%
02 - Aisne 929 Vendeuil
1%
60 - Oise 461 Vendeuil-Caply
1%
02 - Aisne 561 Vendhuile
1%
02 - Aisne 1 363 Venizel
1%
59 - Nord 1 056 Verchain-Maugré
1%
62 - Pas-de-Calais 233 Verchin
1%
62 - Pas-de-Calais 631 Verchocq
1%
60 - Oise 738 Verderel-lès-Sauqueuse
1%
60 - Oise 487 Verderonne
1%
02 - Aisne 451 Verdilly
1%
62 - Pas-de-Calais 502 Verlincthun
1%
62 - Pas-de-Calais 2 021 Verquigneul
1%
02 - Aisne 462 Versigny
1%
60 - Oise 370 Versigny
1%
59 - Nord 510 Vertain
1%
02 - Aisne 156 Veuilly-la-Poterie
1%
62 - Pas-de-Calais 833 Vieille-Chapelle
1%
62 - Pas-de-Calais 376 Vieil-Moutier
1%
02 - Aisne 1 214 Viels-Maisons
1%
02 - Aisne 400 Vierzy
1%
59 - Nord 1 460 Viesly
1%
59 - Nord 636 Vieux-Mesnil
1%
60 - Oise 629 Vieux-Moulin
1%
59 - Nord 863 Vieux-Reng
1%
02 - Aisne 313 Viffort
1%
60 - Oise 435 Vignemont
1%
02 - Aisne 270 Vigneux-Hocquet
1%
60 - Oise 252 Villembray
1%
02 - Aisne 661 Villequier-Aumont
1%
59 - Nord 1 021 Villereau
1%
02 - Aisne 282 Villeret
1%
80 - Somme 178 Villeroy
1%
60 - Oise 1 408 Vineuil-Saint-Firmin
1%
62 - Pas-de-Calais 3 814 Violaines
1%
80 - Somme 501 Vironchaux
1%
80 - Somme 476 Vismes
1%
02 - Aisne 397 Vivières
1%
59 - Nord 558 Volckerinckhove
1%
02 - Aisne 348 Voulpaix
1%
02 - Aisne 306 Voyenne
1%
80 - Somme 137 Vraignes-en-Vermandois
1%
80 - Somme 96 Vraignes-lès-Hornoy
1%
80 - Somme 452 Vrély
1%
62 - Pas-de-Calais 435 Waben
1%
60 - Oise 290 Wacquemoulin
1%
62 - Pas-de-Calais 264 Wacquinghen
1%
59 - Nord 2 148 Walincourt-Selvigny
1%
59 - Nord 369 Wambaix
1%
62 - Pas-de-Calais 233 Wamin
1%
62 - Pas-de-Calais 637 Wancourt
1%
59 - Nord 1 313 Wandignies-Hamage
1%
62 - Pas-de-Calais 716 Wanquetin
1%
62 - Pas-de-Calais 1 354 Wardrecques
1%
80 - Somme 83 Wargnies
1%
59 - Nord 580 Warlaing
1%
62 - Pas-de-Calais 156 Warlincourt-lès-Pas
1%
60 - Oise 1 173 Warluis
1%
62 - Pas-de-Calais 382 Warlus
1%
80 - Somme 221 Warlus
1%
62 - Pas-de-Calais 224 Warluzel
1%
02 - Aisne 378 Watigny
1%
60 - Oise 1 242 Wavignies
1%
62 - Pas-de-Calais 1 240 Wavrans-sur-l'Aa
1%
62 - Pas-de-Calais 195 Wavrans-sur-Ternoise
1%
60 - Oise 252 Welles-Pérennes
1%
59 - Nord 249 Wemaers-Cappel
1%
59 - Nord 639 West-Cappel
1%
62 - Pas-de-Calais 253 Westrehem
1%
62 - Pas-de-Calais 245 Widehem
1%
80 - Somme 264 Wiencourt-l'Équipée
1%
59 - Nord 2 877 Wignehies
1%
62 - Pas-de-Calais 657 Willerval
1%
59 - Nord 142 Willies
1%
02 - Aisne 493 Wimy
1%
59 - Nord 1 307 Winnezeele
1%
62 - Pas-de-Calais 748 Wirwignes
1%
62 - Pas-de-Calais 512 Wismes
1%
62 - Pas-de-Calais 224 Wisques
1%
62 - Pas-de-Calais 599 Witternesse
1%
62 - Pas-de-Calais 999 Wittes
1%
80 - Somme 779 Woignarue
1%
80 - Somme 1 224 Woincourt
1%
59 - Nord 311 Wulverdinghe
1%
59 - Nord 294 Wylder
1%
80 - Somme 226 Yonval
1%
62 - Pas-de-Calais 433 Ytres
1%
80 - Somme 305 Yvrench
1%
80 - Somme 512 Yzengremer
1%
59 - Nord 1 533 Zegerscappel
1%
59 - Nord 225 Zermezeele
1%
62 - Pas-de-Calais 609 Zoteux
1%
62 - Pas-de-Calais 596 Zouafques
1%
62 - Pas-de-Calais 1 033 Zudausques
1%
62 - Pas-de-Calais 120 Ambricourt
0%
80 - Somme 114 Assainvillers
0%
62 - Pas-de-Calais 148 Aubrometz
0%
62 - Pas-de-Calais 201 Aumerval
0%
62 - Pas-de-Calais 34 Avondance
0%
80 - Somme 222 Baizieux
0%
80 - Somme 69 Balâtre
0%
59 - Nord 346 Banteux
0%
59 - Nord 431 Bantouzelle
0%
02 - Aisne 391 Barzy-sur-Marne
0%
62 - Pas-de-Calais 134 Basseux
0%
80 - Somme 93 Bavelincourt
0%
80 - Somme 76 Bayencourt
0%
80 - Somme 105 Béalcourt
0%
62 - Pas-de-Calais 128 Béalencourt
0%
62 - Pas-de-Calais 90 Beaudricourt
0%
80 - Somme 317 Béhencourt
0%
62 - Pas-de-Calais 218 Bergueneuse
0%
80 - Somme 209 Bermesnil
0%
62 - Pas-de-Calais 172 Bermicourt
0%
80 - Somme 37 Bernâtre
0%
62 - Pas-de-Calais 178 Bernieulles
0%
80 - Somme 213 Bertrancourt
0%
62 - Pas-de-Calais 143 Béthonsart
0%
80 - Somme 107 Bettembos
0%
59 - Nord 566 Bévillers
0%
62 - Pas-de-Calais 96 Biefvillers-lès-Bapaume
0%
60 - Oise 145 Blancfossé
0%
62 - Pas-de-Calais 94 Blangerval-Blangermont
0%
62 - Pas-de-Calais 157 Blingel
0%
62 - Pas-de-Calais 48 Boffles
0%
80 - Somme 71 Boisbergues
0%
60 - Oise 202 Bonvillers
0%
80 - Somme 341 Bosquel
0%
80 - Somme 284 Bouchavesnes-Bergen
0%
80 - Somme 159 Bouchon
0%
80 - Somme 118 Boufflers
0%
62 - Pas-de-Calais 589 Bourecq
0%
62 - Pas-de-Calais 249 Bouret-sur-Canche
0%
80 - Somme 86 Boussicourt
0%
62 - Pas-de-Calais 246 Bouvelinghem
0%
62 - Pas-de-Calais 130 Boyaval
0%
80 - Somme 216 Braches
0%
60 - Oise 108 Brasseuse
0%
80 - Somme 81 Brassy
0%
62 - Pas-de-Calais 158 Brévillers
0%
80 - Somme 110 Brévillers
0%
59 - Nord 745 Briastre
0%
80 - Somme 335 Briquemesnil-Floxicourt
0%
80 - Somme 103 Brocourt
0%
60 - Oise 255 Brombos
0%
60 - Oise 245 Broquiers
0%
80 - Somme 491 Brouchy
0%
80 - Somme 139 Brucamps
0%
62 - Pas-de-Calais 408 Brunembert
0%
60 - Oise 193 Bucamps
0%
60 - Oise 146 Buicourt
0%
62 - Pas-de-Calais 182 Buneville
0%
80 - Somme 52 Buverchy
0%
62 - Pas-de-Calais 71 Canettemont
0%
62 - Pas-de-Calais 152 Canlers
0%
80 - Somme 64 Cannessières
0%
80 - Somme 110 Cantigny
0%
60 - Oise 107 Catheux
0%
80 - Somme 222 Caulières
0%
80 - Somme 100 Cavillon
0%
80 - Somme 285 Champien
0%
60 - Oise 175 Chavençon
0%
60 - Oise 447 Chepoix
0%
62 - Pas-de-Calais 159 Chériennes
0%
80 - Somme 145 Chirmont
0%
60 - Oise 102 Choqueuse-les-Bénards
0%
80 - Somme 29 Cizancourt
0%
62 - Pas-de-Calais 185 Clenleu
0%
62 - Pas-de-Calais 320 Clerques
0%
80 - Somme 219 Cocquerel
0%
80 - Somme 49 Coigneux
0%
60 - Oise 248 Coivrel
0%
80 - Somme 87 Colincamps
0%
80 - Somme 314 Coullemelle
0%
62 - Pas-de-Calais 125 Coullemont
0%
80 - Somme 216 Coulonvillers
0%
80 - Somme 99 Courtemanche
0%
60 - Oise 182 Courtieux
0%
62 - Pas-de-Calais 74 Couturelle
0%
60 - Oise 204 Crapeaumesnil
0%
80 - Somme 137 Crémery
0%
80 - Somme 269 Croix-Moligneaux
0%
60 - Oise 246 Cuignières
0%
60 - Oise 294 Cuvergnon
0%
59 - Nord 199 Cuvillers
0%
60 - Oise 216 Daméraucourt
0%
59 - Nord 197 Damousies
0%
80 - Somme 154 Dancourt-Popincourt
0%
80 - Somme 566 Davenescourt
0%
59 - Nord 38 Dehéries
0%
62 - Pas-de-Calais 90 Denier
0%
80 - Somme 55 Devise
0%
59 - Nord 337 Dimechaux
0%
60 - Oise 252 Doméliers
0%
80 - Somme 43 Domesmont
0%
80 - Somme 173 Dominois
0%
80 - Somme 303 Domléger-Longvillers
0%
80 - Somme 359 Doudelainville
0%
80 - Somme 251 Douilly
0%
80 - Somme 85 Driencourt
0%
80 - Somme 86 Dromesnil
0%
59 - Nord 280 Éclaibes
0%
62 - Pas-de-Calais 181 Éclimeux
0%
59 - Nord 137 Écuélin
0%
60 - Oise 308 Écuvilly
0%
60 - Oise 130 Énencourt-Léage
0%
80 - Somme 269 Ennemain
0%
80 - Somme 112 Épaumesnil
0%
80 - Somme 6 Épécamps
0%
80 - Somme 124 Épénancourt
0%
60 - Oise 252 Épineuse
0%
80 - Somme 347 Éplessier
0%
80 - Somme 297 Équancourt
0%
62 - Pas-de-Calais 81 Équirre
0%
80 - Somme 122 Ercourt
0%
80 - Somme 173 Ergnies
0%
60 - Oise 212 Ernemont-Boutavent
0%
60 - Oise 184 Erquinvillers
0%
60 - Oise 218 Escames
0%
80 - Somme 164 Esclainvillers
0%
80 - Somme 730 Esmery-Hallon
0%
59 - Nord 460 Estourmel
0%
60 - Oise 151 Étavigny
0%
80 - Somme 354 Ételfay
0%
80 - Somme 40 Étréjust
0%
80 - Somme 528 Étricourt-Manancourt
0%
60 - Oise 225 Évricourt
0%
80 - Somme 159 Falvy
0%
60 - Oise 427 Feigneux
0%
80 - Somme 130 Fescamps
0%
80 - Somme 156 Feuillères
0%
80 - Somme 340 Fieffes-Montrelet
0%
80 - Somme 150 Fignières
0%
80 - Somme 291 Flaucourt
0%
60 - Oise 92 Fléchy
0%
59 - Nord 127 Floursies
0%
80 - Somme 171 Fonches-Fonchette
0%
80 - Somme 98 Fossemanant
0%
62 - Pas-de-Calais 128 Fosseux
0%
62 - Pas-de-Calais 159 Foufflin-Ricametz
0%
60 - Oise 141 Fouilleuse
0%
80 - Somme 200 Fourcigny
0%
80 - Somme 393 Fourdrinoy
0%
62 - Pas-de-Calais 109 Framecourt
0%
80 - Somme 167 Framicourt
0%
80 - Somme 159 Fransart
0%
80 - Somme 132 Fransures
0%
80 - Somme 160 Frémontiers
0%
60 - Oise 343 Fréniches
0%
80 - Somme 101 Fresneville
0%
60 - Oise 164 Fresnières
0%
80 - Somme 183 Fricamps
0%
80 - Somme 237 Frohen-sur-Authie
0%
80 - Somme 94 Froyelles
0%
80 - Somme 278 Gapennes
0%
60 - Oise 347 Gaudechart
0%
62 - Pas-de-Calais 210 Gaudiempré
0%
59 - Nord 515 Ghissignies
0%
80 - Somme 68 Ginchy
0%
60 - Oise 376 Glaignes
0%
60 - Oise 221 Godenvillers
0%
62 - Pas-de-Calais 153 Gomiécourt
0%
62 - Pas-de-Calais 89 Gommecourt
0%
59 - Nord 304 Gonnelieu
0%
80 - Somme 238 Gorenflos
0%
80 - Somme 38 Gorges
0%
60 - Oise 115 Gourchelles
0%
80 - Somme 93 Goyencourt
0%
80 - Somme 178 Gratibus
0%
80 - Somme 210 Grébault-Mesnil
0%
80 - Somme 411 Grivesnes
0%
80 - Somme 90 Grivillers
0%
80 - Somme 92 Gueudecourt
0%
62 - Pas-de-Calais 130 Guigny
0%
80 - Somme 126 Guillemont
0%
62 - Pas-de-Calais 15 Guinecourt
0%
80 - Somme 138 Guizancourt
0%
60 - Oise 375 Hadancourt-le-Haut-Clocher
0%
60 - Oise 82 Hainvillers
0%
62 - Pas-de-Calais 310 Halinghen
0%
80 - Somme 139 Hallivillers
0%
62 - Pas-de-Calais 267 Hamelincourt
0%
80 - Somme 89 Hancourt
0%
80 - Somme 122 Hangard
0%
60 - Oise 140 Hannaches
0%
62 - Pas-de-Calais 196 Hannescamps
0%
60 - Oise 650 Hanvoile
0%
62 - Pas-de-Calais 54 Haravesnes
0%
80 - Somme 85 Hardecourt-aux-Bois
0%
80 - Somme 175 Harponville
0%
80 - Somme 296 Hattencourt
0%
60 - Oise 195 Hautbos
0%
80 - Somme 377 Havernas
0%
80 - Somme 111 Hédauville
0%
80 - Somme 193 Hénencourt
0%
62 - Pas-de-Calais 280 Henneveux
0%
80 - Somme 191 Herbécourt
0%
80 - Somme 193 Herleville
0%
62 - Pas-de-Calais 107 Herlincourt
0%
62 - Pas-de-Calais 548 Hernicourt
0%
80 - Somme 192 Hervilly
0%
80 - Somme 57 Hesbécourt
0%
80 - Somme 525 Hescamps
0%
62 - Pas-de-Calais 159 Hesmond
0%
62 - Pas-de-Calais 225 Hestrus
0%
80 - Somme 109 Heucourt-Croquoison
0%
80 - Somme 508 Heudicourt
0%
80 - Somme 163 Heuzecourt
0%
62 - Pas-de-Calais 128 Hézecques
0%
80 - Somme 152 Hiermont
0%
62 - Pas-de-Calais 111 Hocquinghen
0%
80 - Somme 1 158 Hombleux
0%
59 - Nord 552 Honnechy
0%
62 - Pas-de-Calais 238 Houvin-Houvigneul
0%
62 - Pas-de-Calais 154 Huclier
0%
62 - Pas-de-Calais 218 Humbercamps
0%
80 - Somme 266 Humbercourt
0%
62 - Pas-de-Calais 180 Humerœuille
0%
80 - Somme 65 Ignaucourt
0%
80 - Somme 126 Irles
0%
02 - Aisne 298 La Chapelle-sur-Chézy
0%
80 - Somme 72 La Chavatte
0%
60 - Oise 241 La Hérelle
0%
80 - Somme 104 Laleu
0%
80 - Somme 66 Lamaronde
0%
80 - Somme 194 Languevoisin-Quiquery
0%
60 - Oise 118 Lataule
0%
62 - Pas-de-Calais 494 La Thieuloye
0%
60 - Oise 157 Lattainville
0%
02 - Aisne 208 La Ville-aux-Bois-lès-Dizy
0%
02 - Aisne 145 La Ville-aux-Bois-lès-Pontavert
0%
60 - Oise 160 La Villeneuve-sous-Thury
0%
80 - Somme 160 Lawarde-Mauger-l'Hortoy
0%
80 - Somme 163 Léalvillers
0%
80 - Somme 76 Le Cardonnois
0%
60 - Oise 223 Le Fayel
0%
60 - Oise 249 Le Frestoy-Vaux
0%
60 - Oise 175 Le Gallet
0%
80 - Somme 107 Le Mazis
0%
80 - Somme 153 Le Meillard
0%
80 - Somme 153 Le Mesge
0%
60 - Oise 113 Le Ployron
0%
60 - Oise 102 Le Saulchoy
0%
80 - Somme 168 Lesbœufs
0%
62 - Pas-de-Calais 185 Le Souich
0%
62 - Pas-de-Calais 430 Le Transloy
0%
60 - Oise 388 Le Vaumain
0%
60 - Oise 502 Le Vauroux
0%
02 - Aisne 221 Le Verguier
0%
60 - Oise 180 Libermont
0%
80 - Somme 401 Licourt
0%
80 - Somme 215 Liéramont
0%
80 - Somme 221 Ligescourt
0%
62 - Pas-de-Calais 141 Lignereuil
0%
80 - Somme 113 Lignières-en-Vimeu
0%
80 - Somme 140 Limeux
0%
62 - Pas-de-Calais 171 Linzeux
0%
60 - Oise 335 Loconville
0%
80 - Somme 77 Longavesnes
0%
80 - Somme 75 Longuevillette
0%
80 - Somme 297 Louvencourt
0%
80 - Somme 199 Louvrechy
0%
80 - Somme 152 Machiel
0%
60 - Oise 406 Maimbeville
0%
80 - Somme 513 Maisnières
0%
80 - Somme 186 Maizicourt
0%
59 - Nord 495 Malincourt
0%
80 - Somme 76 Malpart
0%
80 - Somme 592 Marchélepot-Misery
0%
80 - Somme 110 Marestmontiers
0%
80 - Somme 146 Marlers
0%
80 - Somme 191 Marquaix
0%
62 - Pas-de-Calais 179 Marquay
0%
60 - Oise 478 Marquéglise
0%
80 - Somme 194 Marquivillers
0%
80 - Somme 495 Matigny
0%
62 - Pas-de-Calais 175 Matringhem
0%
59 - Nord 399 Maurois
0%
59 - Nord 305 Mazinghien
0%
80 - Somme 179 Meigneux
0%
80 - Somme 302 Méneslies
0%
60 - Oise 103 Ménévillers
0%
80 - Somme 9 Méréaucourt
0%
02 - Aisne 316 Mesbrecourt-Richecourt
0%
80 - Somme 117 Métigny
0%
02 - Aisne 55 Meurival
0%
80 - Somme 183 Mézerolles
0%
80 - Somme 352 Millencourt-en-Ponthieu
0%
62 - Pas-de-Calais 233 Mingoval
0%
80 - Somme 127 Mirvaux
0%
02 - Aisne 158 Molain
0%
80 - Somme 219 Monsures
0%
02 - Aisne 97 Montchâlons
0%
60 - Oise 140 Montépilloy
0%
60 - Oise 179 Montgérain
0%
02 - Aisne 31 Montgru-Saint-Hilaire
0%
02 - Aisne 152 Monthenault
0%
02 - Aisne 153 Monthiers
0%
60 - Oise 199 Montlognon
0%
60 - Oise 264 Montmartin
0%
80 - Somme 83 Montonvillers
0%
80 - Somme 345 Morchain
0%
60 - Oise 223 Mortemer
0%
02 - Aisne 180 Mortiers
0%
80 - Somme 95 Mouflers
0%
80 - Somme 78 Mouflières
0%
60 - Oise 576 Muirancourt
0%
60 - Oise 156 Mureaumont
0%
02 - Aisne 47 Muscourt
0%
02 - Aisne 104 Nampteuil-sous-Muret
0%
80 - Somme 162 Nesle-l'Hôpital
0%
60 - Oise 383 Neufchelles
0%
02 - Aisne 80 Neuflieux
0%
80 - Somme 359 Neufmoulin
0%
60 - Oise 279 Neufvy-sur-Aronde
0%
62 - Pas-de-Calais 25 Neulette
0%
60 - Oise 181 Noirémont
0%
02 - Aisne 206 Nouvron-Vingré
0%
80 - Somme 365 Nurlu
0%
80 - Somme 130 Occoches
0%
80 - Somme 1 168 Ô-de-Selle
0%
02 - Aisne 293 Œuilly
0%
80 - Somme 83 Offignies
0%
62 - Pas-de-Calais 199 Offin
0%
60 - Oise 116 Offoy
0%
80 - Somme 204 Offoy
0%
60 - Oise 285 Ognolles
0%
02 - Aisne 174 Ollezy
0%
60 - Oise 197 Omécourt
0%
02 - Aisne 500 Orainville
0%
60 - Oise 521 Orvillers-Sorel
0%
02 - Aisne 91 Ostel
0%
62 - Pas-de-Calais 213 Ostreville
0%
02 - Aisne 86 Oulches-la-Vallée-Foulon
0%
60 - Oise 240 Oursel-Maison
0%
02 - Aisne 77 Paissy
0%
02 - Aisne 53 Pancy-Courtecon
0%
02 - Aisne 353 Parfondru
0%
02 - Aisne 67 Pargnan
0%
02 - Aisne 193 Parpeville
0%
80 - Somme 233 Parvillers-le-Quesnoy
0%
80 - Somme 724 Pernois
0%
02 - Aisne 144 Petit-Verly
0%
80 - Somme 373 Piennes-Onvillers
0%
80 - Somme 285 Pierregot
0%
02 - Aisne 253 Pierremande
0%
02 - Aisne 190 Pignicourt
0%
60 - Oise 860 Pimprez
0%
02 - Aisne 82 Pithon
0%
60 - Oise 404 Plainval
0%
60 - Oise 162 Plainville
0%
62 - Pas-de-Calais 102 Planques
0%
02 - Aisne 192 Pleine-Selve
0%
02 - Aisne 84 Ploisy
0%
02 - Aisne 21 Ployart-et-Vaurseine
0%
80 - Somme 107 Pœuilly
0%
80 - Somme 98 Ponches-Estruval
0%
80 - Somme 814 Pont-Noyelles
0%
02 - Aisne 272 Pontru
0%
02 - Aisne 357 Pontruet
0%
60 - Oise 627 Porcheux
0%
62 - Pas-de-Calais 189 Prédefin
0%
02 - Aisne 341 Presles-et-Boves
0%
60 - Oise 237 Prévillers
0%
02 - Aisne 55 Priez
0%
02 - Aisne 96 Prisces
0%
02 - Aisne 272 Proisy
0%
60 - Oise 379 Pronleroy
0%
62 - Pas-de-Calais 316 Pronville-en-Artois
0%
02 - Aisne 336 Prouvais
0%
80 - Somme 328 Prouville
0%
80 - Somme 562 Prouzel
0%
02 - Aisne 126 Proviseux-et-Plesnoy
0%
80 - Somme 83 Punchy
0%
80 - Somme 289 Puzeaux
0%
80 - Somme 123 Pys
0%
62 - Pas-de-Calais 275 Quercamps
0%
60 - Oise 179 Quesmy
0%
62 - Pas-de-Calais 66 Quilen
0%
80 - Somme 317 Quiry-le-Sec
0%
80 - Somme 143 Quivières
0%
02 - Aisne 85 Raillimont
0%
80 - Somme 276 Ramburelles
0%
02 - Aisne 146 Ramicourt
0%
59 - Nord 228 Ramousies
0%
80 - Somme 191 Rancourt
0%
59 - Nord 167 Raucourt-au-Bois
0%
62 - Pas-de-Calais 233 Raye-sur-Authie
0%
62 - Pas-de-Calais 374 Rebergues
0%
62 - Pas-de-Calais 261 Rebreuviette
0%
60 - Oise 147 Réez-Fosse-Martin
0%
62 - Pas-de-Calais 213 Regnauville
0%
59 - Nord 251 Rejet-de-Beaulieu
0%
80 - Somme 31 Remaisnil
0%
02 - Aisne 291 Remaucourt
0%
80 - Somme 133 Remaugies
0%
60 - Oise 78 Rémécourt
0%
02 - Aisne 238 Remies
0%
02 - Aisne 346 Remigny
0%
02 - Aisne 155 Renansart
0%
02 - Aisne 111 Renneval
0%
02 - Aisne 166 Résigny
0%
80 - Somme 343 Rethonvillers
0%
60 - Oise 296 Ricquebourg
0%
62 - Pas-de-Calais 182 Rimboval
0%
59 - Nord 191 Robersart
0%
60 - Oise 120 Rocquemont
0%
62 - Pas-de-Calais 528 Roëllecourt
0%
02 - Aisne 106 Rogécourt
0%
02 - Aisne 103 Rogny
0%
80 - Somme 132 Rogy
0%
62 - Pas-de-Calais 280 Rollancourt
0%
62 - Pas-de-Calais 43 Rombly
0%
59 - Nord 459 Romeries
0%
60 - Oise 534 Romescamps
0%
80 - Somme 586 Ronssoy
0%
60 - Oise 216 Rotangy
0%
60 - Oise 225 Rothois
0%
62 - Pas-de-Calais 89 Rougefay
0%
02 - Aisne 234 Rougeries
0%
62 - Pas-de-Calais 238 Roussent
0%
60 - Oise 274 Rouvillers
0%
80 - Somme 310 Rouvrel
0%
60 - Oise 313 Roy-Boissy
0%
02 - Aisne 328 Rozet-Saint-Albin
0%
80 - Somme 133 Rubescourt
0%
62 - Pas-de-Calais 204 Ruisseauville
0%
62 - Pas-de-Calais 281 Ruyaulcourt
0%
80 - Somme 182 Sauvillers-Mongival
0%
02 - Aisne 234 Selens
0%
60 - Oise 346 Senots
0%
80 - Somme 208 Sentelie
0%
02 - Aisne 179 Septvaux
0%
02 - Aisne 214 Sequehart
0%
60 - Oise 135 Sérévillers
0%
02 - Aisne 290 Servais
0%
62 - Pas-de-Calais 110 Sibiville
0%
60 - Oise 141 Solente
0%
02 - Aisne 61 Sommelans
0%
02 - Aisne 175 Sommette-Eaucourt
0%
80 - Somme 126 Soues
0%
02 - Aisne 265 Soupir
0%
80 - Somme 191 Soyécourt
0%
80 - Somme 69 Surcamps
0%
02 - Aisne 104 Surfontaine
0%
62 - Pas-de-Calais 267 Tangry
0%
02 - Aisne 17 Tannières
0%
02 - Aisne 166 Tartiers
0%
80 - Somme 135 Templeux-la-Fosse
0%
80 - Somme 192 Templeux-le-Guérard
0%
62 - Pas-de-Calais 258 Teneur
0%
80 - Somme 145 Tertry
0%
02 - Aisne 221 Thenailles
0%
02 - Aisne 540 Thenelles
0%
60 - Oise 198 Thérines
0%
60 - Oise 175 Thibivillers
0%
02 - Aisne 117 Thiernu
0%
80 - Somme 394 Thieulloy-l'Abbaye
0%
80 - Somme 145 Thieulloy-la-Ville
0%
80 - Somme 208 Thory
0%
80 - Somme 343 Tincourt-Boucly
0%
62 - Pas-de-Calais 92 Tollent
0%
62 - Pas-de-Calais 219 Tortefontaine
0%
02 - Aisne 117 Toulis-et-Attencourt
0%
60 - Oise 173 Tourly
0%
62 - Pas-de-Calais 57 Tramecourt
0%
02 - Aisne 658 Travecy
0%
02 - Aisne 84 Trefcon
0%
62 - Pas-de-Calais 175 Trescault
0%
02 - Aisne 216 Troësnes
0%
62 - Pas-de-Calais 296 Troisvaux
0%
02 - Aisne 143 Trucy
0%
60 - Oise 272 Vandélicourt
0%
60 - Oise 287 Varinfroy
0%
02 - Aisne 211 Variscourt
0%
02 - Aisne 150 Vassens
0%
02 - Aisne 219 Vasseny
0%
02 - Aisne 90 Vassogne
0%
60 - Oise 170 Vaudancourt
0%
02 - Aisne 236 Vaudesson
0%
80 - Somme 220 Vauvillers
0%
02 - Aisne 530 Vauxaillon
0%
02 - Aisne 321 Vauxrezis
0%
02 - Aisne 39 Vauxtin
0%
02 - Aisne 119 Vendelles
0%
02 - Aisne 137 Vendières
0%
02 - Aisne 94 Vendresse-Beaulne
0%
02 - Aisne 220 Vénérolles
0%
80 - Somme 96 Vercourt
0%
80 - Somme 175 Vergies
0%
80 - Somme 157 Vermandovillers
0%
80 - Somme 168 Verpillières
0%
02 - Aisne 261 Veslud
0%
02 - Aisne 116 Vézaponin
0%
02 - Aisne 187 Vézilly
0%
02 - Aisne 86 Vichel-Nanteuil
0%
60 - Oise 203 Viefvillers
0%
80 - Somme 54 Villecourt
0%
02 - Aisne 191 Villemontoire
0%
02 - Aisne 245 Villers-le-Sec
0%
60 - Oise 423 Villeselve
0%
62 - Pas-de-Calais 154 Vincly
0%
80 - Somme 135 Vitz-sur-Authie
0%
02 - Aisne 674 Vivaise
0%
02 - Aisne 75 Voharies
0%
02 - Aisne 374 Vorges
0%
80 - Somme 586 Voyennes
0%
02 - Aisne 92 Vregny
0%
60 - Oise 33 Vrocourt
0%
02 - Aisne 41 Vuillery
0%
62 - Pas-de-Calais 261 Wambercourt
0%
60 - Oise 165 Wambez
0%
80 - Somme 750 Warloy-Baillon
0%
80 - Somme 139 Warsy
0%
80 - Somme 126 Warvillers
0%
62 - Pas-de-Calais 271 Wicquinghem
0%
02 - Aisne 186 Wiège-Faty
0%
62 - Pas-de-Calais 183 Willeman
0%
62 - Pas-de-Calais 137 Willencourt
0%
80 - Somme 112 Wiry-au-Mont
0%
02 - Aisne 173 Wissignicourt
0%
80 - Somme 60 Woirel
0%
80 - Somme 124 Yvrencheux
0%
80 - Somme 270 Yzeux
0%
Aucun quiz correspondant
Distribution des résultats
% des personnes avec chaque résultat
Percentile par nombre de réponses
Votre historique - résultats
Vous n’avez pas pris ce quiz depuis la dernière actualisation